Estatísticas para Todos os 5.570 Municípios do Brasil em um Mapa

Clique aqui para jogar o quiz

Estatísticas Gerais

  • Esse quiz foi jogado 3 460 vezes
  • A pontuação média é 283 de 5570

Respostas no mapa

Respostas codificadas por cores de uma escala verde-vermelha no mapa do quiz de acordo com a % correta abaixo.
 

Estatísticas das Respostas

EstadoMunicípio% Correto
Rio de JaneiroRio de Janeiro
88%
São PauloSão Paulo
83%
PiauíPorto
80%
Distrito FederalBrasília
74%
AmazonasManaus
74%
Santa CatarinaItá
73%
Acre | Mato GrossoRio Branco
73%
Alagoas | Paraíba | ParáBelém
68%
Minas GeraisBelo Horizonte
68%
Minas GeraisPará de Minas
68%
ParanáCuritiba
67%
BahiaSalvador
67%
Santa CatarinaSão José
66%
MaranhãoSão Luís
66%
Espírito SantoVitória
66%
Santa CatarinaFlorianópolis
65%
Minas GeraisPalma
65%
Rio Grande do SulPorto Alegre
65%
Alagoas | Mato Grosso do Sul | Rio Grande do NorteCampo Grande
64%
AmapáMacapá
64%
ParaíbaMari
64%
Mato GrossoCuiabá
62%
PiauíFloriano
62%
CearáFortaleza
62%
GoiásGoiânia
62%
RondôniaPorto Velho
62%
Rio Grande do NorteNatal
61%
PernambucoRecife
61%
São PauloSantos
61%
São PauloCampinas
59%
Paraíba | RoraimaBoa Vista
58%
São PauloGuará
56%
ParaíbaJoão Pessoa
56%
AlagoasMaceió
56%
Rio de JaneiroCampos dos Goytacazes
54%
PiauíTeresina
54%
SergipeAracaju
53%
Rio de JaneiroDuque de Caxias
53%
Rio Grande do Norte | Rio Grande do SulSanta Maria
53%
Paraná | PernambucoSão João
53%
Minas GeraisUberlândia
53%
São PauloItu
52%
Paraná | TocantinsPalmas
51%
São PauloRibeira
50%
São PauloUru
50%
ParanáLondrina
49%
Rio de JaneiroNiterói
49%
São PauloGuarulhos
48%
Santa CatarinaOuro
48%
Espírito SantoSerra
48%
PernambucoSerra Talhada
48%
PernambucoRibeirão
47%
Paraíba | São PauloSanto André
47%
MaranhãoCaxias
46%
Rio Grande do SulCaxias do Sul
46%
ParanáFoz do Iguaçu
46%
Santa CatarinaJoinville
46%
Rio Grande do Norte | São PauloSão Pedro
46%
Paraíba | São PauloAparecida
45%
GoiásAparecida de Goiânia
45%
BahiaBarra
45%
BahiaItapé
45%
Amapá | BahiaSantana
45%
GoiásSanto Antônio do Descoberto
45%
São PauloSão Bernardo do Campo
45%
CearáCruz
44%
ParanáMarechal Cândido Rondon
44%
Rio Grande do NorteSanto Antônio
44%
BahiaSanto Antônio de Jesus
44%
MaranhãoSão Bernardo
44%
São PauloSão José do Rio Preto
44%
Santa CatarinaChapecó
43%
São PauloOsasco
43%
TocantinsParanã
43%
Rio Grande do NorteParaná
43%
Santa CatarinaBalneário Camboriú
42%
ParanáMaringá
42%
Minas GeraisUberaba
42%
Rio de JaneiroPetrópolis
41%
São PauloPresidente Prudente
41%
Rio Grande do SulRio Grande
41%
São PauloSão Caetano do Sul
41%
ParáAltamira
40%
Rio Grande do SulCasca
40%
Rio Grande do SulGramado
40%
Minas GeraisOuro Preto
40%
Rio Grande do SulPelotas
40%
São PauloRibeirão Preto
40%
PernambucoSão Caetano
40%
Rio Grande do SulChuí
39%
BahiaFeira de Santana
39%
BahiaJuazeiro
39%
CearáJuazeiro do Norte
39%
BahiaPorto Seguro
39%
ParaíbaCampina Grande
38%
Santa CatarinaCriciúma
38%
PernambucoOlinda
38%
Minas Gerais | Paraíba | Sergipe | São PauloSão Francisco
38%
Rio de JaneiroSão Gonçalo
38%
Rio Grande do Norte | São PauloSão Vicente
38%
São PauloSorocaba
38%
Minas GeraisUbá
38%
Rio Grande do SulUruguaiana
38%
ParaíbaArara
37%
Santa CatarinaBlumenau
37%
Ceará | ParanáCascavel
37%
São PauloCruzeiro
37%
Acre | Paraná | Rio Grande do SulCruzeiro do Sul
37%
ParanáRondon
37%
ParáRondon do Pará
37%
Rio de JaneiroAngra dos Reis
36%
São PauloGuarujá
36%
Minas GeraisJuiz de Fora
36%
Rio Grande do SulParaí
36%
Rio Grande do NorteSão Miguel
36%
AlagoasSão Miguel dos Campos
36%
São PauloDiadema
35%
BahiaIlhéus
35%
Alagoas | Rio Grande do NorteJundiá
35%
Rio de JaneiroNova Iguaçu
35%
ParanáPonta Grossa
35%
ParáSantarém
35%
Espírito SantoVila Velha
35%
São PauloDourado
34%
PernambucoPetrolina
34%
Rio de JaneiroVolta Redonda
34%
Paraíba | Piauí | Rio Grande do Norte | +2 othersBom Jesus
33%
Rio Grande do SulBraga
33%
São PauloMogi das Cruzes
33%
AmapáOiapoque
33%
São PauloSão José dos Campos
33%
São PauloBauru
32%
Bahia | Mato Grosso do Sul | Pará | PernambucoBonito
32%
Rio de JaneiroCabo Frio
32%
Goiás | Rio Grande do NorteItajá
32%
Minas GeraisMariana
32%
Paraíba | Pernambuco | Rio Grande do NorteSanta Cruz
32%
Rio Grande do SulSanta Cruz do Sul
32%
PernambucoSão Bento do Una
32%
Rio de JaneiroTeresópolis
32%
Minas GeraisBetim
31%
BahiaCachoeira
31%
Rio Grande do SulCachoeira do Sul
31%
São PauloCampos do Jordão
31%
Santa Catarina | São PauloPraia Grande
31%
Rio de Janeiro | São PauloRio Claro
31%
Santa Catarina | São PauloSão Carlos
31%
Bahia | Rio Grande do SulSão Gabriel
31%
GoiásAnápolis
30%
ParáBragança
30%
São PauloBragança Paulista
30%
São PauloFranca
30%
MaranhãoImperatriz
30%
São PauloMarília
30%
ParaíbaPatos
30%
Minas GeraisPatos de Minas
30%
GoiásRio Verde
30%
Alagoas | São PauloSão Sebastião
30%
São PauloUbatuba
30%
BahiaVitória da Conquista
30%
Espírito SantoAlegre
29%
Mato Grosso do SulCorumbá
29%
Minas GeraisGovernador Valadares
29%
São PauloIlhabela
29%
ParaíbaLagoa
29%
Paraná | Santa CatarinaPalmeira
29%
AlagoasPalmeira dos Índios
29%
Mato GrossoRondonópolis
29%
São PauloTaubaté
29%
São PauloItaí
28%
Santa CatarinaLages
28%
São PauloLimeira
28%
Rio de JaneiroMacaé
28%
Minas GeraisMontes Claros
28%
Rio Grande do NorteMossoró
28%
Rio de JaneiroParaty
28%
São PauloPiracicaba
28%
Minas GeraisRio Preto
28%
São PauloSanta Bárbara d'Oeste
28%
Maranhão | ParaíbaSanta Rita
28%
São PauloAssis
27%
São PauloBarueri
27%
Rio Grande do SulCanela
27%
PernambucoFlores
27%
GoiásGoiás
27%
Rio Grande do SulNovo Hamburgo
27%
São PauloPindamonhangaba
27%
Mato Grosso do SulPonta Porã
27%
Bahia | Minas GeraisSanta Bárbara
27%
CearáSobral
27%
Santa CatarinaTubarão
27%
São PauloAmericana
26%
São PauloBarretos
26%
Rio de JaneiroBelford Roxo
26%
Minas GeraisBrumadinho
26%
Rio Grande do SulCanoas
26%
Minas GeraisDiamantina
26%
São PauloJaguariúna
26%
São PauloJundiaí
26%
São PauloMauá
26%
Bahia | Maranhão | Minas Gerais | ParaíbaSanta Luzia
26%
RoraimaSão Luiz
26%
Mato GrossoSinop
26%
Minas GeraisCaldas
25%
Santa CatarinaItajaí
25%
São PauloItaquaquecetuba
25%
AmapáLaranjal do Jari
25%
Minas GeraisLuz
25%
ParáMarabá
25%
São PauloMogi Mirim
25%
São PauloOurinhos
25%
Paraíba | Rio Grande do NorteVárzea
25%
São PauloVárzea Paulista
25%
Rio Grande do SulBagé
24%
Santa CatarinaBrusque
24%
Santa CatarinaCamboriú
24%
PernambucoCaruaru
24%
Minas GeraisContagem
24%
Mato Grosso do SulDourados
24%
PernambucoJaboatão dos Guararapes
24%
São PauloJaú
24%
MaranhãoLago da Pedra
24%
BahiaLaje
24%
Rio Grande do SulMata
24%
ParanáSão José dos Pinhais
24%
São PauloSuzano
24%
ParáAnanindeua
23%
São PauloAraraquara
23%
São PauloAraras
23%
PernambucoFernando de Noronha
23%
Rio Grande do SulItati
23%
Rio de JaneiroNova Friburgo
23%
ParanáParanaguá
23%
Paraíba | PernambucoPaulista
23%
PernambucoPedra
23%
Minas GeraisPoços de Caldas
23%
Rio de JaneiroResende
23%
Rio Grande do SulSanta Rosa
23%
Maranhão | ParaíbaSão Bento
23%
Santa CatarinaSão Bento do Sul
23%
ParáSão Félix do Xingu
23%
Espírito SantoSão Mateus
23%
Minas GeraisVarginha
23%
AmapáAmapá
22%
BahiaAracatu
22%
Minas GeraisDivino
22%
São PauloEmbu das Artes
22%
São PauloGuaratinguetá
22%
Minas GeraisIpatinga
22%
RondôniaJi-Paraná
22%
Rio Grande do SulPasso Fundo
22%
ParanáPato Branco
22%
Mato Grosso do Sul | ParanáRio Negro
22%
São PauloSalto
22%
Minas GeraisSão Sebastião do Paraíso
22%
São PauloCampo Limpo Paulista
21%
São PauloCubatão
21%
ParáJacundá
21%
GoiásJaraguá
21%
Santa CatarinaJaraguá do Sul
21%
Minas Gerais | ParanáLaranjal
21%
Rio de JaneiroMagé
21%
Rio de JaneiroNilópolis
21%
Alagoas | Minas Gerais | Rio Grande do NorteOuro Branco
21%
Santa Catarina | São PauloParaíso
21%
TocantinsParaíso do Tocantins
21%
AmazonasParintins
21%
PiauíParnaíba
21%
PiauíSanta Luz
21%
BahiaSantaluz
21%
Rio Grande do SulTorres
21%
São PauloAraçatuba
20%
AlagoasArapiraca
20%
CearáBarreira
20%
Rio Grande do SulBento Gonçalves
20%
GoiásCaldas Novas
20%
São PauloCotia
20%
Minas GeraisDivinópolis
20%
Rio Grande do SulErechim
20%
GoiásGoianésia
20%
PernambucoGravatá
20%
São PauloMogi Guaçu
20%
Santa CatarinaSão Joaquim
20%
São PauloSão Joaquim da Barra
20%
Minas GeraisSete Lagoas
20%
Minas GeraisTiradentes
20%
São PauloValinhos
20%
Rio Grande do SulAlegrete
19%
PiauíArraial
19%
São PauloAtibaia
19%
São PauloHolambra
19%
São PauloHortolândia
19%
BahiaItabuna
19%
São PauloItanhaém
19%
Rio Grande do NorteItaú
19%
Mato GrossoLucas do Rio Verde
19%
São PauloMirassol
19%
Bahia | Santa Catarina | São PauloNovo Horizonte
19%
São PauloPontal
19%
Rio de JaneiroRio das Ostras
19%
ParanáRolândia
19%
Rio Grande do SulSão Leopoldo
19%
Minas GeraisSão Lourenço
19%
PernambucoSão Lourenço da Mata
19%
Paraná | Rio Grande do NorteSão Tomé
19%
Rio Grande do SulSertão
19%
São PauloTaboão da Serra
19%
Minas GeraisTrês Corações
19%
AcreAcrelândia
18%
Minas GeraisAraxá
18%
Rio Grande do NorteAssu
18%
BahiaBom Jesus da Lapa
18%
São PauloCatanduva
18%
Rio Grande do SulChapada
18%
CearáCrato
18%
São PauloLins
18%
MaranhãoPinheiro
18%
São PauloPoá
18%
Minas GeraisPouso Alegre
18%
ParáSanta Izabel do Pará
18%
Rio de JaneiroSão João de Meriti
18%
São PauloSão Roque
18%
BahiaUna
18%
PiauíUnião
18%
Santa Catarina | São PauloVargem
18%
São PauloÁguas de Lindóia
17%
Mato Grosso do SulBela Vista
17%
São PauloBotucatu
17%
São PauloCaraguatatuba
17%
Rio Grande do SulFeliz
17%
Minas GeraisGoianá
17%
PernambucoGoiana
17%
ParanáGuarapuava
17%
São PauloIndaiatuba
17%
Ceará | RoraimaIracema
17%
São PauloJacareí
17%
Rio Grande do SulJaguari
17%
Minas GeraisManga
17%
MaranhãoNova Iorque
17%
BahiaPalmeiras
17%
ParanáPinhais
17%
Rio de JaneiroQueimados
17%
Minas GeraisRibeirão das Neves
17%
Goiás | São PauloSanta Isabel
17%
Paraná | São PauloSanta Lúcia
17%
ParáSantana do Araguaia
17%
São PauloSão José do Rio Pardo
17%
Mato GrossoSorriso
17%
Mato Grosso do SulTrês Lagoas
17%
Goiás | PernambucoTrindade
17%
Mato Grosso | PiauíVárzea Grande
17%
Mato GrossoVera
17%
Rio Grande do SulViamão
17%
TocantinsAraguaína
16%
ParanáAraucária
16%
Rio de JaneiroArraial do Cabo
16%
São PauloBertioga
16%
São PauloBirigui
16%
Mato Grosso do SulBrasilândia
16%
BahiaCamaçari
16%
BahiaConceição do Coité
16%
ParaíbaCongo
16%
Paraná | PernambucoFloresta
16%
Minas GeraisGuarani
16%
Espírito SantoGuarapari
16%
Rio Grande do Sul | TocantinsLajeado
16%
BahiaLauro de Freitas
16%
Minas GeraisLavras
16%
GoiásLuziânia
16%
Rio de JaneiroMaricá
16%
Santa CatarinaPalhoça
16%
Rio Grande do SulPirapó
16%
São PauloRegistro
16%
Rio Grande do SulSant'Ana do Livramento
16%
BahiaSanto Amaro
16%
BahiaSão Félix
16%
AmazonasSão Gabriel da Cachoeira
16%
Minas GeraisSão João del-Rei
16%
Rio de JaneiroSaquarema
16%
Paraíba | São PauloSertãozinho
16%
Minas Gerais | ParanáToledo
16%
São PauloTupã
16%
RondôniaVilhena
16%
São PauloVinhedo
16%
São PauloAndradina
15%
Minas GeraisBarbacena
15%
CearáBarro
15%
São PauloBuri
15%
Espírito SantoCariacica
15%
ParaíbaConceição
15%
São PauloFernandópolis
15%
GoiásFormosa
15%
PernambucoGaranhuns
15%
Rio Grande do SulGravataí
15%
Amazonas | Rio Grande do SulHumaitá
15%
Rio Grande do SulIjuí
15%
Santa CatarinaIpira
15%
BahiaIpirá
15%
Rio de JaneiroItaboraí
15%
São PauloItapevi
15%
GoiásItumbiara
15%
Espírito SantoLinhares
15%
São PauloLorena
15%
BahiaMairi
15%
Santa CatarinaNavegantes
15%
Minas GeraisNova Lima
15%
Santa CatarinaPenha
15%
PiauíPicos
15%
Rio Grande do SulPinhal
15%
São PauloRibeirão Pires
15%
Maranhão | Paraná | Paraíba | Santa CatarinaSanta Helena
15%
SergipeSão Cristóvão
15%
Minas GeraisSerro
15%
ParaíbaSousa
15%
São PauloSumaré
15%
BahiaXique-Xique
15%
MaranhãoAçailândia
14%
Minas GeraisAlagoa
14%
Rio Grande do Sul | TocantinsAlvorada
14%
São PauloBananal
14%
Minas GeraisBandeira
14%
Rio de JaneiroBarra Mansa
14%
BahiaBarreiras
14%
Pernambuco | Rio Grande do Sul | TocantinsCachoeirinha
14%
ParáCastanhal
14%
ParanáColombo
14%
Rio Grande do SulGetúlio Vargas
14%
Minas GeraisItapecerica
14%
São PauloItapecerica da Serra
14%
Santa CatarinaItapema
14%
ParanáJaboti
14%
Ceará | Mato Grosso do SulJardim
14%
ParanáLapa
14%
São PauloLeme
14%
BahiaLençóis
14%
São PauloLençóis Paulista
14%
PernambucoLimoeiro
14%
CearáLimoeiro do Norte
14%
AlagoasMaragogi
14%
AlagoasMarechal Deodoro
14%
Minas Gerais | Rio de JaneiroMesquita
14%
SergipeNossa Senhora do Socorro
14%
São PauloOlímpia
14%
Santa Catarina | São PauloOuro Verde
14%
ParanáParanavaí
14%
Minas GeraisPassos
14%
São PauloPeruíbe
14%
São PauloPorto Feliz
14%
Minas GeraisRio Vermelho
14%
Rio Grande do SulSão Borja
14%
Rio de JaneiroSão Pedro da Aldeia
14%
Minas GeraisTeófilo Otoni
14%
ParanáUmuarama
14%
AlagoasUnião dos Palmares
14%
Alagoas | Minas Gerais | Rio Grande do NorteViçosa
14%
CearáViçosa do Ceará
14%
Paraíba | PernambucoAlagoinha
13%
Rio Grande do SulAnta Gorda
13%
Minas GeraisAraguari
13%
Minas GeraisAraponga
13%
Santa CatarinaBombinhas
13%
Maranhão | Pernambuco | Rio de JaneiroBom Jardim
13%
São PauloCapivari
13%
São PauloCarapicuíba
13%
CearáCaucaia
13%
Minas GeraisCongonhas
13%
Mato Grosso do Sul | São PauloEldorado
13%
Rio Grande do SulEstrela
13%
São PauloFerraz de Vasconcelos
13%
ParanáFrancisco Beltrão
13%
São PauloFranco da Rocha
13%
São PauloIbirá
13%
SergipeItabi
13%
Espírito SantoItapemirim
13%
São PauloItapira
13%
São PauloItápolis
13%
GoiásJataí
13%
BahiaJequié
13%
SergipeLagarto
13%
Santa CatarinaLaguna
13%
SergipeLaranjeiras
13%
São PauloLindóia
13%
São PauloMongaguá
13%
Pará | Rio Grande do NorteMonte Alegre
13%
Rio Grande do NorteParaú
13%
Rio de JaneiroPiraí
13%
Minas GeraisPirapora
13%
ParanáRio Azul
13%
Pará | Rio de JaneiroSapucaia
13%
Rio Grande do SulSapucaia do Sul
13%
ParaíbaTeixeira
13%
BahiaTeixeira de Freitas
13%
TocantinsTocantinópolis
13%
Rio Grande do SulVacaria
13%
São PauloValparaíso
13%
GoiásValparaíso de Goiás
13%
Rio de JaneiroVassouras
13%
São PauloVotorantim
13%
São PauloVotuporanga
13%
Santa CatarinaXanxerê
13%
ParanáAlmirante Tamandaré
12%
PiauíAltos
12%
ParanáApucarana
12%
Rio de JaneiroAraruama
12%
ParaíbaAreia
12%
Santa CatarinaBandeirante
12%
MaranhãoBuriti
12%
ParanáCampo Largo
12%
RoraimaCantá
12%
Espírito SantoCastelo
12%
Santa CatarinaConcórdia
12%
São PauloCunha
12%
MaranhãoDom Pedro
12%
Rio Grande do SulFarroupilha
12%
Paraná | São PauloGuaíra
12%
São PauloIlha Comprida
12%
GoiásIporá
12%
ParanáIporã
12%
Minas Gerais | São PauloItapeva
12%
Rio de JaneiroItatiaia
12%
São PauloMairiporã
12%
Rio de JaneiroMangaratiba
12%
São PauloMatão
12%
ParanáMatinhos
12%
Minas GeraisMuriaé
12%
PernambucoPalmares
12%
ParáParagominas
12%
Pernambuco | Rio Grande do NorteParnamirim
12%
São PauloPenápolis
12%
AlagoasPenedo
12%
Minas Gerais | ParaíbaPrata
12%
ParanáPrudentópolis
12%
Rio de JaneiroRio Bonito
12%
Rio Grande do SulRio Pardo
12%
Minas GeraisSanta Vitória
12%
Rio Grande do SulSão Marcos
12%
BahiaSenhor do Bonfim
12%
Bahia | Rio Grande do SulSobradinho
12%
Rio Grande do SulTaquara
12%
AmazonasTefé
12%
São PauloTietê
12%
Minas GeraisTocantins
12%
Rio de JaneiroTrês Rios
12%
São PauloÁguas de São Pedro
11%
Paraíba | São PauloAmparo
11%
MaranhãoArari
11%
RondôniaAriquemes
11%
Rio de JaneiroArmação dos Búzios
11%
MaranhãoBalsas
11%
AmazonasBarcelos
11%
AmazonasBarreirinha
11%
São PauloBebedouro
11%
São PauloBorá
11%
AcreBrasiléia
11%
MaranhãoBrejo
11%
PernambucoBrejo da Madre de Deus
11%
São PauloBrotas
11%
PernambucoCabo de Santo Agostinho
11%
São PauloCaçapava
11%
Minas GeraisCampo Belo
11%
ParanáCampo Mourão
11%
São PauloCananéia
11%
GoiásCatalão
11%
MaranhãoCodó
11%
Espírito SantoColatina
11%
Santa CatarinaCuritibanos
11%
São PauloEmbu-Guaçu
11%
Rio Grande do NorteEspírito Santo
11%
Minas GeraisExtrema
11%
AcreFeijó
11%
São PauloFrancisco Morato
11%
Rio Grande do SulGaribaldi
11%
Rio Grande do SulGuaíba
11%
São PauloIguape
11%
Rio Grande do SulIpê
11%
ParanáIpiranga
11%
CearáIpu
11%
Paraíba | SergipeItabaiana
11%
São PauloItatiba
11%
São PauloJandira
11%
Rio Grande do SulJari
11%
ParaíbaJericó
11%
BahiaLuís Eduardo Magalhães
11%
ParáMaracanã
11%
Rio de JaneiroMiracema
11%
ParaíbaMonteiro
11%
Ceará | GoiásMorrinhos
11%
Rio Grande do SulNão-Me-Toque
11%
Minas GeraisOliveira
11%
RoraimaPacaraima
11%
ParáParauapebas
11%
Minas GeraisPatrocínio
11%
São PauloPaulínia
11%
São PauloPedreira
11%
Minas GeraisPiau
11%
GoiásPlanaltina
11%
Bahia | Paraná | Rio Grande do Sul | São PauloPlanalto
11%
Santa CatarinaPomerode
11%
Santa CatarinaPorto Belo
11%
São PauloPresidente Epitácio
11%
Santa CatarinaPrincesa
11%
CearáQuixadá
11%
São PauloSantana de Parnaíba
11%
Mato Grosso | Paraíba | Pernambuco | Santa CatarinaSanta Terezinha
11%
Rio Grande do SulSantiago
11%
Rio de JaneiroSeropédica
11%
São PauloSocorro
11%
Rio Grande do Norte | Santa CatarinaTangará
11%
Mato GrossoTangará da Serra
11%
São PauloTatuí
11%
Santa CatarinaUrupema
11%
Bahia | Rio de JaneiroValença
11%
MaranhãoVargem Grande
11%
São PauloVargem Grande Paulista
11%
GoiásÁguas Lindas de Goiás
10%
Rio Grande do SulAgudo
10%
Rio Grande do Sul | Roraima | São PauloAlto Alegre
10%
São PauloArujá
10%
Rio Grande do SulBarão
10%
Rio de JaneiroBarra do Piraí
10%
São PauloBatatais
10%
RondôniaCacoal
10%
São PauloCaieiras
10%
São PauloCajamar
10%
ParanáCambé
10%
ParanáCastro
10%
ParanáCianorte
10%
Rio de JaneiroCordeiro
10%
Rio Grande do SulCristal
10%
ParaíbaDiamante
10%
SergipeEstância
10%
Rio Grande do SulEstância Velha
10%
Minas GeraisFormiga
10%
São PauloGarça
10%
ParanáGuaratuba
10%
CearáHorizonte
10%
Ceará | ParanáIguatu
10%
São PauloIlha Solteira
10%
Minas GeraisIpanema
10%
Paraná | Santa CatarinaIrati
10%
Minas GeraisItabira
10%
Rio de JaneiroItaguaí
10%
São PauloItaju
10%
Bahia | Paraná | PernambucoItambé
10%
Rio de JaneiroItaperuna
10%
CearáItapipoca
10%
Santa CatarinaItapoá
10%
Minas GeraisItuiutaba
10%
Rio Grande do SulJaboticaba
10%
ParanáJacarezinho
10%
São PauloJaci
10%
São PauloJales
10%
Minas GeraisMachado
10%
ParaíbaMato Grosso
10%
ParanáMorretes
10%
Bahia | TocantinsNazaré
10%
BahiaPaulo Afonso
10%
São PauloPirassununga
10%
São PauloPresidente Venceslau
10%
Pará | PernambucoPrimavera
10%
Mato GrossoPrimavera do Leste
10%
Ceará | ParáRedenção
10%
RoraimaRorainópolis
10%
MaranhãoRosário
10%
Minas GeraisSabará
10%
ParanáSanta Fé
10%
Rio Grande do SulSanto Ângelo
10%
Santa CatarinaSão Francisco do Sul
10%
Amazonas | São PauloTabatinga
10%
Rio Grande do SulTaquari
10%
São PauloTremembé
10%
Minas GeraisUnaí
10%
Bahia | Rio Grande do Norte | Rio Grande do Sul | São PauloVera Cruz
10%
AcreXapuri
10%
Minas GeraisAbaeté
9%
MaranhãoAlcântara
9%
ParanáAntonina
9%
ParanáArapongas
9%
Alagoas | ParanáAtalaia
9%
Mato Grosso do Sul | ParanáBandeirantes
9%
Santa Catarina | São PauloBarra Bonita
9%
Mato GrossoBarra do Garças
9%
ParaíbaBayeux
9%
Minas Gerais | RoraimaBonfim
9%
Santa CatarinaCaçador
9%
Espírito SantoCachoeiro de Itapemirim
9%
Minas GeraisCaeté
9%
Rio Grande do NorteCaicó
9%
ParaíbaCajazeiras
9%
Alagoas | Santa CatarinaCampo Alegre
9%
Rio Grande do SulCapão da Canoa
9%
Rio de JaneiroCarmo
9%
BahiaCatu
9%
CearáCrateús
9%
Rio Grande do SulCruz Alta
9%
Rio Grande do SulDois Irmãos
9%
Bahia | Santa CatarinaEntre Rios
9%
Rio Grande do SulEsmeralda
9%
ParaíbaEsperança
9%
PernambucoExu
9%
Rio Grande do SulFloriano Peixoto
9%
Rio Grande do SulFrederico Westphalen
9%
GoiásGuapó
9%
Minas GeraisGuaxupé
9%
TocantinsGurupi
9%
CearáIcó
9%
PiauíIlha Grande
9%
Rio Grande do SulItaara
9%
AmazonasItacoatiara
9%
São PauloItapetininga
9%
São PauloItupeva
9%
São PauloJaboticabal
9%
Minas GeraisJacuí
9%
AcreJordão
9%
ParaíbaJuru
9%
Goiás | Minas GeraisLagoa Santa
9%
São PauloLagoinha
9%
Rio Grande do NorteMacau
9%
GoiásMineiros
9%
Minas GeraisMonte Azul
9%
Mato Grosso do SulNaviraí
9%
Goiás | Santa CatarinaNova Veneza
9%
Rio Grande do SulOsório
9%
Espírito SantoPinheiros
9%
Minas GeraisPintópolis
9%
ParáPortel
9%
BahiaPrado
9%
MaranhãoPresidente Vargas
9%
Santa CatarinaRio do Sul
9%
São PauloSales
9%
PernambucoSalgueiro
9%
Paraíba | Santa CatarinaSanta Cecília
9%
Espírito SantoSanta Teresa
9%
Bahia | Goiás | Paraíba | +2 othersSão Domingos
9%
MaranhãoSão José de Ribamar
9%
Santa CatarinaSão Miguel do Oeste
9%
Paraná | Rio Grande do SulSarandi
9%
Santa CatarinaSeara
9%
São PauloSerrana
9%
São PauloSerra Negra
9%
Santa CatarinaUrubici
9%
GoiásAbadiânia
8%
São PauloAdamantina
8%
BahiaAlagoinhas
8%
Minas GeraisAlfenas
8%
Mato GrossoAlta Floresta
8%
São PauloAlumínio
8%
Espírito Santo | Santa CatarinaAnchieta
8%
CearáAracati
8%
Santa CatarinaAraranguá
8%
Rio de JaneiroAreal
8%
Ceará | Santa CatarinaAurora
8%
São PauloAvaí
8%
São PauloAvaré
8%
PiauíBarras
8%
São PauloBoituva
8%
Minas Gerais | Paraná | ParaíbaBom Sucesso
8%
ParaíbaCabedelo
8%
Mato GrossoCáceres
8%
Rio de JaneiroCachoeiras de Macacu
8%
ParanáCalifórnia
8%
ParanáCambará
8%
CearáCanindé
8%
RoraimaCaracaraí
8%
Rio Grande do SulCarazinho
8%
Minas GeraisCaxambu
8%
AmazonasCoari
8%
PiauíCocal
8%
Minas GeraisConselheiro Lafaiete
8%
São PauloDracena
8%
Rio Grande do SulEsteio
8%
BahiaEunápolis
8%
ParanáFazenda Rio Grande
8%
Mato GrossoFeliz Natal
8%
Minas GeraisFrutal
8%
BahiaGlória
8%
MaranhãoGrajaú
8%
Paraná | São PauloGuaraci
8%
Minas GeraisGuarará
8%
São PauloGuararema
8%
Rio Grande do SulHerval
8%
Minas GeraisIbiá
8%
Rio Grande do SulIgrejinha
8%
São PauloIndiana
8%
Minas GeraisItajubá
8%
Minas GeraisItaúna
8%
Rio Grande do NorteLajes
8%
Minas GeraisLeopoldina
8%
São PauloLouveira
8%
Mato Grosso do SulMiranda
8%
RondôniaMonte Negro
8%
Rio Grande do SulMontenegro
8%
Rio de Janeiro | TocantinsNatividade
8%
Mato GrossoNova Mutum
8%
São PauloNova Odessa
8%
Rio Grande do SulNova Petrópolis
8%
Espírito SantoNova Venécia
8%
Minas GeraisOuro Fino
8%
Alagoas | São PauloPalestina
8%
Minas GeraisParacatu
8%
Minas GeraisParaisópolis
8%
Ceará | ParaíbaPedra Branca
8%
Santa Catarina | São PauloPinhalzinho
8%
AmazonasPresidente Figueiredo
8%
Rio de JaneiroQuissamã
8%
BahiaRibeira do Pombal
8%
São PauloRio Grande da Serra
8%
São PauloRosana
8%
São PauloRoseira
8%
Bahia | Maranhão | Paraná | ParaíbaSanta Inês
8%
Rio Grande do SulSanta Tereza
8%
Rio Grande do SulSanta Vitória do Palmar
8%
Minas GeraisSantos Dumont
8%
Ceará | Rio Grande do NorteSão Gonçalo do Amarante
8%
Rio Grande do SulSão Jorge
8%
GoiásSenador Canedo
8%
Santa CatarinaTijucas
8%
Santa CatarinaTimbó
8%
MaranhãoTimon
8%
Minas GeraisTombos
8%
Rio Grande do NorteTouros
8%
Rio Grande do SulTramandaí
8%
Rio Grande do SulVeranópolis
8%
Minas GeraisVespasiano
8%
PernambucoVitória de Santo Antão
8%
Rio Grande do SulXangri-lá
8%
Santa CatarinaXaxim
8%
São PauloAgudos
7%
Santa CatarinaAnita Garibaldi
7%
Mato Grosso do SulAquidauana
7%
PernambucoAraçoiaba
7%
CearáAracoiaba
7%
Espírito SantoAracruz
7%
São PauloAreias
7%
AcreAssis Brasil
7%
MaranhãoBacabal
7%
CearáBarbalha
7%
Santa CatarinaBarra Velha
7%
Santa CatarinaBiguaçu
7%
Espírito Santo | Minas Gerais | ParanáBoa Esperança
7%
AmazonasBoca do Acre
7%
BahiaBrumado
7%
PernambucoBuenos Aires
7%
Paraná | São PauloCafelândia
7%
Rio Grande do SulCamaquã
7%
ParáCametá
7%
Rio Grande do SulCampo Bom
7%
Minas GeraisCanaã
7%
Bahia | Minas GeraisCandeias
7%
Minas Gerais | Paraná | Rio de JaneiroCantagalo
7%
Minas GeraisCapitólio
7%
São PauloCardoso
7%
Rio Grande do SulCarlos Barbosa
7%
Rio Grande do NorteCeará-Mirim
7%
Ceará | PernambucoCedro
7%
São PauloColina
7%
São PauloColômbia
7%
Paraná | Rio Grande do SulColorado
7%
Minas GeraisConfins
7%
Mato Grosso do SulCoxim
7%
GoiásCristalina
7%
Minas GeraisCurvelo
7%
Rio Grande do SulDom Pedrito
7%
ParanáFaxinal
7%
ParanáFigueira
7%
Rio Grande do SulFlores da Cunha
7%
Santa CatarinaGaropaba
7%
Santa CatarinaGaspar
7%
GoiásGoiatuba
7%
AmazonasGuajará
7%
Rio de JaneiroGuapimirim
7%
Rio Grande do SulGuaporé
7%
São PauloGuararapes
7%
Santa CatarinaIçara
7%
Santa CatarinaImbituba
7%
Santa CatarinaIndaial
7%
São PauloItaberá
7%
Minas GeraisItabirito
7%
Mato Grosso do SulItaporã
7%
Rio Grande do SulItaqui
7%
BahiaJacobina
7%
Rio de JaneiroJaperi
7%
Minas GeraisJequitinhonha
7%
Santa CatarinaJoaçaba
7%
Santa CatarinaMafra
7%
São PauloMairinque
7%
CearáMaracanaú
7%
CearáMaranguape
7%
Alagoas | Santa CatarinaMaravilha
7%
São PauloMococa
7%
AlagoasMurici
7%
Ceará | Paraíba | TocantinsNova Olinda
7%
Santa CatarinaNova Trento
7%
PiauíOeiras
7%
ParáOriximiná
7%
São PauloOrlândia
7%
Rio de JaneiroParaíba do Sul
7%
Mato Grosso do SulParanaíba
7%
São PauloParanapanema
7%
Minas GeraisPedro Leopoldo
7%
Pernambuco | Santa CatarinaPetrolândia
7%
São PauloPiedade
7%
Minas GeraisPimenta
7%
GoiásPiracanjuba
7%
Alagoas | GoiásPiranhas
7%
GoiásPirenópolis
7%
ParaíbaPombal
7%
Rio Grande do SulPonte Preta
7%
CearáPoranga
7%
São PauloPorto Ferreira
7%
TocantinsPorto Nacional
7%
Rio de JaneiroPorto Real
7%
Santa CatarinaPorto União
7%
São PauloQueluz
7%
CearáQuixeramobim
7%
Minas GeraisRio Doce
7%
Santa CatarinaRio Negrinho
7%
GoiásRio Quente
7%
São PauloSalesópolis
7%
Minas GeraisSalinas
7%
CearáSão Benedito
7%
Rio Grande do SulSão Francisco de Assis
7%
Rio de JaneiroSão João da Barra
7%
São PauloSão João da Boa Vista
7%
Rio Grande do NorteSão Miguel do Gostoso
7%
Minas GeraisSão Tomé das Letras
7%
AcreSena Madureira
7%
Minas GeraisSerra da Saudade
7%
Bahia | Rio Grande do NorteSerrinha
7%
Santa CatarinaSombrio
7%
TocantinsTaguatinga
7%
Paraná | Santa CatarinaTurvo
7%
ParanáUnião da Vitória
7%
Rio de JaneiroVarre-Sai
7%
Rio Grande do SulVenâncio Aires
7%
PernambucoAbreu e Lima
6%
ParáAcará
6%
Mato Grosso do SulÁgua Clara
6%
São PauloAguaí
6%
Rio Grande do SulÁgua Santa
6%
CearáAquiraz
6%
Santa CatarinaAraquari
6%
São PauloArtur Nogueira
6%
Santa CatarinaBalneário Piçarras
6%
MaranhãoBarreirinhas
6%
Bahia | Santa CatarinaBelmonte
6%
AlagoasBelo Monte
6%
AmazonasBenjamin Constant
6%
CearáBoa Viagem
6%
Minas GeraisBocaiuva
6%
Santa CatarinaBom Retiro
6%
Paraíba | São PauloBorborema
6%
ParáBreves
6%
São PauloCabreúva
6%
São PauloCachoeira Paulista
6%
Rio Grande do SulCampo Novo
6%
Santa CatarinaCampos Novos
6%
Santa CatarinaCanoinhas
6%
BahiaCanudos
6%
São PauloCapão Bonito
6%
Alagoas | SergipeCapela
6%
Rio Grande do SulCapitão
6%
AcreCapixaba
6%
Minas GeraisCaratinga
6%
MaranhãoCarolina
6%
Paraná | Santa CatarinaCatanduvas
6%
BahiaCentral
6%
São PauloCharqueada
6%
Bahia | ParaíbaConde
6%
São PauloCordeirópolis
6%
ParanáCornélio Procópio
6%
Minas GeraisCoronel Fabriciano
6%
Minas GeraisDionísio
6%
AcreEpitaciolândia
6%
BahiaEuclides da Cunha
6%
ParáFaro
6%
Bahia | TocantinsFátima
6%
ParanáFlórida
6%
Minas GeraisFronteira
6%
Santa CatarinaGaruva
6%
Santa CatarinaGovernador Celso Ramos
6%
RondôniaGuajará-Mirim
6%
Santa CatarinaGuaramirim
6%
Rio Grande do SulHorizontina
6%
Minas GeraisIbirité
6%
São PauloIbiúna
6%
Minas GeraisIgarapé
6%
PernambucoIgarassu
6%
Rio de JaneiroIguaba Grande
6%
ParaíbaIngá
6%
PernambucoIpojuca
6%
BahiaIrecê
6%
BahiaItaparica
6%
São PauloItararé
6%
ParanáIvaí
6%
Santa CatarinaJaborá
6%
Minas Gerais | Rio Grande do SulJacutinga
6%
Rio Grande do SulJaguarão
6%
GoiásJandaia
6%
Santa Catarina | São PauloJardinópolis
6%
São PauloJarinu
6%
São PauloJuquitiba
6%
Pernambuco | PiauíJurema
6%
Bahia | Goiás | ParanáJussara
6%
AmazonasLábrea
6%
PernambucoLajedo
6%
ParaíbaLivramento
6%
Minas GeraisLontra
6%
Santa CatarinaMacieira
6%
AmazonasManacapuru
6%
AcreMâncio Lima
6%
Rio Grande do SulMarau
6%
BahiaMaraú
6%
Paraíba | Santa CatarinaMassaranduba
6%
AmapáMazagão
6%
Rio de JaneiroMiguel Pereira
6%
São PauloMirandópolis
6%
São PauloMonteiro Lobato
6%
São PauloMonte Mor
6%
Rio Grande do SulMostardas
6%
ParanáNova Esperança
6%
GoiásNovo Gama
6%
ParáÓbidos
6%
Paraná | São PauloPalmital
6%
Minas GeraisParaguaçu
6%
Minas GeraisPassa Quatro
6%
Santa CatarinaPasso de Torres
6%
Alagoas | ParaíbaPilar
6%
Paraná | SergipePinhão
6%
ParanáPiraquara
6%
Rio Grande do SulPiratini
6%
PiauíPiripiri
6%
TocantinsPium
6%
ParanáPontal do Paraná
6%
Rio Grande do SulPortão
6%
AmapáPorto Grande
6%
Santa CatarinaPresidente Getúlio
6%
Espírito Santo | TocantinsPresidente Kennedy
6%
Rio Grande do SulQuaraí
6%
São PauloRancharia
6%
Maranhão | ParaíbaRiachão
6%
AlagoasRio Largo
6%
CearáRussas
6%
Santa Catarina | São PauloSaltinho
6%
São PauloSanta Rita do Passa Quatro
6%
São PauloSanto Antônio do Pinhal
6%
São PauloSanto Expedito
6%
Rio Grande do SulSão José dos Ausentes
6%
Rio Grande do SulSão Miguel das Missões
6%
Goiás | São PauloSão Simão
6%
Santa CatarinaSaudades
6%
AcreSenador Guiomard
6%
AmapáSerra do Navio
6%
Paraíba | Rio Grande do SulSoledade
6%
ParáTailândia
6%
Santa CatarinaTaió
6%
Rio de JaneiroTanguá
6%
AcreTarauacá
6%
Paraná | São PauloTerra Roxa
6%
Minas GeraisTrês Marias
6%
Santa CatarinaTreze Tílias
6%
Paraíba | Pernambuco | Rio Grande do SulTriunfo
6%
ParáTucuruí
6%
RoraimaUiramutã
6%
Espírito Santo | MaranhãoViana
6%
Santa CatarinaVideira
6%
GoiásAbadia de Goiás
5%
ParáAbaetetuba
5%
Mato Grosso | Minas GeraisÁgua Boa
5%
Alagoas | Paraíba | PiauíÁgua Branca
5%
Santa CatarinaÁgua Doce
5%
São PauloÁguas da Prata
5%
São PauloÁguas de Santa Bárbara
5%
Santa CatarinaÁguas Mornas
5%
Rio Grande do SulAlecrim
5%
Rio Grande do SulAlegria
5%
São PauloAltinópolis
5%
Paraná | RondôniaAlto Paraíso
5%
RoraimaAmajari
5%
São PauloAnalândia
5%
Minas GeraisAndradas
5%
GoiásAnhanguera
5%
Minas Gerais | Santa CatarinaAntônio Carlos
5%
AmazonasApuí
5%
São PauloAraçariguama
5%
CearáAraripe
5%
PernambucoArcoverde
5%
Rio Grande do SulArroio dos Ratos
5%
ParanáAssaí
5%
AmazonasAtalaia do Norte
5%
Paraíba | Rio Grande do NorteBaraúna
5%
São PauloBarbosa
5%
Paraná | Rio Grande do SulBarracão
5%
Rio Grande do SulBarra do Quaraí
5%
CearáBeberibe
5%
São PauloBiritiba Mirim
5%
Piauí | São PauloBocaina
5%
AmazonasBorba
5%
São PauloBrodowski
5%
Minas Gerais | RondôniaBuritis
5%
PernambucoCabrobó
5%
PernambucoCaetés
5%
AlagoasCajueiro
5%
AmapáCalçoene
5%
Minas GeraisCamanducaia
5%
PernambucoCamaragibe
5%
CearáCamocim
5%
Alagoas | Minas GeraisCampestre
5%
ParanáCampina Grande do Sul
5%
ParanáCampo Magro
5%
CearáCampos Sales
5%
Mato GrossoCampo Verde
5%
São PauloCanas
5%
ParaíbaCapim
5%
Minas GeraisCaraí
5%
Rio de JaneiroCasimiro de Abreu
5%
ParanáCerro Azul
5%
ParanáCéu Azul
5%
Minas GeraisCoimbra
5%
Rio de JaneiroComendador Levy Gasparian
5%
Minas GeraisConquista
5%
São PauloCosmópolis
5%
Mato Grosso do SulCosta Rica
5%
São PauloCravinhos
5%
Santa CatarinaDionísio Cerqueira
5%
Minas GeraisEstiva
5%
CearáEusébio
5%
Goiás | Minas GeraisFormoso
5%
Santa CatarinaFraiburgo
5%
Rio Grande do NorteGoianinha
5%
Minas GeraisGonçalves
5%
Santa CatarinaGravatal
5%
BahiaGuanambi
5%
Minas Gerais | Santa CatarinaGuaraciaba
5%
ParanáGuaraqueçaba
5%
Ceará | GoiásHidrolândia
5%
Santa CatarinaIbirama
5%
Santa CatarinaIlhota
5%
Rio Grande do SulImbé
5%
Minas Gerais | ParanáIndianópolis
5%
Rio Grande do SulIraí
5%
BahiaItacaré
5%
ParáItaituba
5%
São PauloItaoca
5%
Amazonas | Santa CatarinaItapiranga
5%
São PauloItuverava
5%
AlagoasJacuípe
5%
Santa CatarinaJaguaruna
5%
Minas GeraisJanuária
5%
Amazonas | ParanáJapurá
5%
Minas GeraisJequitibá
5%
CearáJijoca de Jericoacoara
5%
São PauloJoanópolis
5%
PernambucoJupi
5%
AmazonasJuruá
5%
Minas Gerais | PernambucoLagoa Grande
5%
Rio Grande do SulLagoa Vermelha
5%
Rio Grande do SulMachadinho
5%
Rio de JaneiroMacuco
5%
CearáMarco
5%
AmazonasMaués
5%
ParanáMedianeira
5%
Rio de JaneiroMendes
5%
São PauloMonte Alto
5%
Santa Catarina | São PauloMonte Castelo
5%
Minas GeraisMonte Sião
5%
BahiaMucuri
5%
Bahia | Goiás | Mato Grosso do SulMundo Novo
5%
Minas GeraisMutum
5%
Minas GeraisMuzambinho
5%
Minas GeraisNanuque
5%
GoiásNiquelândia
5%
RoraimaNormandia
5%
Mato Grosso do SulNova Andradina
5%
Rio Grande do SulNova Prata
5%
GoiásNova Roma
5%
Minas GeraisNova Serrana
5%
ParáNovo Progresso
5%
Santa CatarinaOrleans
5%
MaranhãoPaço do Lumiar
5%
Rio Grande do SulPanambi
5%
Rio de JaneiroParacambi
5%
São PauloParaibuna
5%
SergipePedrinhas
5%
ParanáPiên
5%
RondôniaPimenta Bueno
5%
São PauloPindorama
5%
ParanáPitanga
5%
AcrePlácido de Castro
5%
Mato GrossoPoconé
5%
Minas GeraisPonte Nova
5%
AcrePorto Acre
5%
ParanáPorto Rico
5%
Minas Gerais | São PauloPresidente Bernardes
5%
Santa CatarinaPresidente Castello Branco
5%
Bahia | MaranhãoPresidente Dutra
5%
Maranhão | Minas GeraisPresidente Juscelino
5%
Maranhão | RondôniaPresidente Médici
5%
Rio de JaneiroQuatis
5%
Santa CatarinaQuilombo
5%
MaranhãoRaposa
5%
São PauloRestinga
5%
São PauloRibeirão Branco
5%
Rio de JaneiroRio das Flores
5%
São PauloRio das Pedras
5%
Minas GeraisRio Novo
5%
Santa CatarinaRodeio
5%
AcreRodrigues Alves
5%
PernambucoSanta Cruz do Capibaribe
5%
Rio de JaneiroSanta Maria Madalena
5%
ParanáSanta Mônica
5%
BahiaSanta Teresinha
5%
Rio Grande do SulSanto Antônio da Patrulha
5%
São PauloSão Bento do Sapucaí
5%
Rio de JaneiroSão Fidélis
5%
Minas Gerais | Rio Grande do SulSão Francisco de Paula
5%
Maranhão | Santa CatarinaSão João Batista
5%
Rio Grande do SulSão José do Norte
5%
São PauloSão Lourenço da Serra
5%
Rio Grande do Sul | Santa CatarinaSão Martinho
5%
AlagoasSão Miguel dos Milagres
5%
Rio Grande do NorteSão Rafael
5%
Minas GeraisSão Tiago
5%
ParaíbaSapé
5%
Santa CatarinaSchroeder
5%
Rio de JaneiroSilva Jardim
5%
PernambucoTamandaré
5%
Minas Gerais | ParanáTapira
5%
São PauloTaquaritinga
5%
AmapáTartarugalzinho
5%
CearáTauá
5%
ParanáTelêmaco Borba
5%
ParanáTijucas do Sul
5%
Santa CatarinaTrês Barras
5%
Rio Grande do SulTrês Coroas
5%
ParanáUbiratã
5%
ParanáVerê
5%
Rio Grande do SulVista Alegre
5%
Minas Gerais | ParanáWenceslau Braz
5%
Santa CatarinaXavantina
5%
São PauloZacarias
5%
Rio Grande do SulAceguá
4%
ParanáAdrianópolis
4%
PernambucoAfogados da Ingazeira
4%
Santa CatarinaAgrolândia
4%
Santa CatarinaÁguas Frias
4%
Minas GeraisAlém Paraíba
4%
Santa CatarinaAlfredo Wagner
4%
Santa CatarinaAngelina
4%
São PauloApiaí
4%
Santa CatarinaApiúna
4%
GoiásAraçu
4%
PernambucoAraripina
4%
São PauloArco-Íris
4%
Rio Grande do Norte | SergipeAreia Branca
4%
São PauloAriranha
4%
Rio Grande do SulArroio do Padre
4%
Rio Grande do SulArroio do Sal
4%
ParanáAssis Chateaubriand
4%
ParaíbaAssunção
4%
ParanáAstorga
4%
São PauloBady Bassitt
4%
Santa CatarinaBalneário Barra do Sul
4%
Santa CatarinaBalneário Gaivota
4%
Santa CatarinaBalneário Rincão
4%
ParáBarcarena
4%
Rio Grande do NorteBarcelona
4%
São PauloBariri
4%
MaranhãoBarra do Corda
4%
São PauloBarra do Turvo
4%
PernambucoBarreiros
4%
São PauloBarrinha
4%
São PauloBastos
4%
PernambucoBelo Jardim
4%
PernambucoBezerros
4%
Rio Grande do NorteBodó
4%
São PauloBofete
4%
Santa CatarinaBom Jardim da Serra
4%
Rio de JaneiroBom Jesus do Itabapoana
4%
São PauloBom Jesus dos Perdões
4%
Santa CatarinaBraço do Norte
4%
CearáBrejo Santo
4%
AcreBujari
4%
Rio Grande do SulButiá
4%
Minas GeraisCabo Verde
4%
Rio Grande do SulCaçapava do Sul
4%
GoiásCaçu
4%
São PauloCajati
4%
Rio Grande do SulCambará do Sul
4%
Rio de JaneiroCambuci
4%
Minas GeraisCampina Verde
4%
Santa CatarinaCampo Erê
4%
BahiaCandeal
4%
Rio Grande do SulCandelária
4%
Santa CatarinaCanelinha
4%
Rio Grande do SulCanguçu
4%
Paraná | ParáCapanema
4%
Santa CatarinaCapinzal
4%
Minas GeraisCarangola
4%
Rio de JaneiroCarapebus
4%
BahiaCaravelas
4%
Rio de JaneiroCardoso Moreira
4%
SergipeCarmópolis
4%
Minas GeraisCarneirinho
4%
São PauloCasa Branca
4%
BahiaCasa Nova
4%
Minas GeraisCássia
4%
CearáCatarina
4%
GoiásCavalcante
4%
Santa CatarinaCelso Ramos
4%
São PauloCerquilho
4%
GoiásChapadão do Céu
4%
Mato Grosso do SulChapadão do Sul
4%
MaranhãoChapadinha
4%
GoiásCidade Ocidental
4%
Rio Grande do SulCidreira
4%
Minas GeraisCláudio
4%
ParanáClevelândia
4%
Maranhão | Rio Grande do SulColinas
4%
São PauloConchal
4%
PiauíCorrente
4%
BahiaCorrentina
4%
Santa CatarinaCorupá
4%
AlagoasCoruripe
4%
BahiaCruz das Almas
4%
PiauíCurrais
4%
Minas GeraisDelta
4%
Mato GrossoDiamantino
4%
ParanáDois Vizinhos
4%
Mato Grosso do Sul | ParanáDouradina
4%
Santa CatarinaDoutor Pedrinho
4%
Rio de JaneiroDuas Barras
4%
BahiaEncruzilhada
4%
ParanáEngenheiro Beltrão
4%
São PauloEngenheiro Coelho
4%
Rio de JaneiroEngenheiro Paulo de Frontin
4%
São PauloEspírito Santo do Pinhal
4%
Goiás | São PauloEstrela do Norte
4%
São PauloFernão
4%
AmapáFerreira Gomes
4%
Minas GeraisFlorestal
4%
Santa CatarinaForquilhinha
4%
Mato Grosso | ParanáGeneral Carneiro
4%
CearáGraça
4%
Santa CatarinaGrão-Pará
4%
TocantinsGuaraí
4%
CearáGuaramiranga
4%
São PauloGuarantã
4%
Santa CatarinaHerval d'Oeste
4%
ParanáIbiporã
4%
São PauloIbitinga
4%
Ceará | Rio Grande do SulIndependência
4%
São PauloIperó
4%
AmazonasIpixuna
4%
ParáIpixuna do Pará
4%
São PauloIracemápolis
4%
AmazonasIranduba
4%
SergipeItabaianinha
4%
BahiaItaberaba
4%
Rio de JaneiroItalva
4%
AmazonasItamarati
4%
Rio de JaneiroItaocara
4%
BahiaItapetinga
4%
Paraíba | São PauloItaporanga
4%
Mato GrossoItaúba
4%
ParanáIvaiporã
4%
Rio Grande do SulIvoti
4%
Minas GeraisJacinto
4%
Espírito SantoJaguaré
4%
CearáJaguaribe
4%
São PauloJambeiro
4%
Minas GeraisJanaúba
4%
ParanáJandaia do Sul
4%
RondôniaJaru
4%
Maranhão | PernambucoJatobá
4%
Minas GeraisJoão Monlevade
4%
Minas GeraisJoão Pinheiro
4%
Minas GeraisJordânia
4%
Mato Grosso do SulLadário
4%
Minas GeraisLambari
4%
São PauloLaranjal Paulista
4%
ParanáLaranjeiras do Sul
4%
Santa CatarinaLauro Müller
4%
São PauloLavrinhas
4%
ParanáLoanda
4%
Santa CatarinaLontras
4%
São PauloLuiziânia
4%
CearáMadalena
4%
Minas GeraisManhuaçu
4%
AmazonasManicoré
4%
AcreManoel Urbano
4%
Santa CatarinaMaracajá
4%
Mato Grosso do SulMaracaju
4%
Rio Grande do SulMaratá
4%
AcreMarechal Thaumaturgo
4%
ParanáMarialva
4%
Espírito SantoMarilândia
4%
ParáMarituba
4%
ParanáMatelândia
4%
Minas GeraisMatozinhos
4%
Bahia | CearáMilagres
4%
BahiaMirante
4%
Espírito SantoMontanha
4%
Minas GeraisMonte Belo
4%
Minas GeraisMonte Carmelo
4%
CearáMorada Nova
4%
PernambucoMoreno
4%
São PauloMorungaba
4%
RoraimaMucajaí
4%
ParanáNova Londrina
4%
CearáNova Russas
4%
Minas GeraisOlaria
4%
CearáOrós
4%
ParanáOrtigueira
4%
São PauloOsvaldo Cruz
4%
Rio Grande do SulPalmeira das Missões
4%
ParanáPalotina
4%
Santa CatarinaPapanduva
4%
Rio de JaneiroPaty do Alferes
4%
BahiaPau Brasil
4%
PernambucoPaudalho
4%
Rio Grande do NortePau dos Ferros
4%
São PauloPaulicéia
4%
Santa CatarinaPaulo Lopes
4%
São PauloPederneiras
4%
Minas GeraisPedra Azul
4%
AmapáPedra Branca do Amapari
4%
São PauloPedregulho
4%
TocantinsPeixe
4%
Minas GeraisPerdizes
4%
Rio de JaneiroPinheiral
4%
São PauloPiraju
4%
São PauloPirapora do Bom Jesus
4%
Santa CatarinaPiratuba
4%
Paraná | São PauloPitangueiras
4%
BahiaPoções
4%
Santa CatarinaPonte Alta
4%
Rio de JaneiroPorciúncula
4%
Mato Grosso do SulPorto Murtinho
4%
AcrePorto Walter
4%
GoiásPosse
4%
São PauloPotim
4%
ParáPrainha
4%
ParanáPresidente Castelo Branco
4%
ParaíbaPrincesa Isabel
4%
ParanáQuatro Barras
4%
ParanáQuedas do Iguaçu
4%
Mato GrossoQuerência
4%
São PauloRafard
4%
Santa CatarinaRancho Queimado
4%
ParanáRealeza
4%
ParanáRibeirão Claro
4%
Santa CatarinaRio das Antas
4%
Santa CatarinaRio do Oeste
4%
Santa CatarinaRio dos Cedros
4%
RondôniaRolim de Moura
4%
Rio Grande do SulRosário do Sul
4%
Minas GeraisSacramento
4%
SergipeSalgado
4%
TocantinsSampaio
4%
São PauloSanta Branca
4%
BahiaSanta Cruz Cabrália
4%
São PauloSanta Fé do Sul
4%
São PauloSanta Gertrudes
4%
CearáSanta Quitéria
4%
BahiaSanta Rita de Cássia
4%
Minas GeraisSanta Rita do Sapucaí
4%
AcreSanta Rosa do Purus
4%
Santa CatarinaSanto Amaro da Imperatriz
4%
Rio de JaneiroSanto Antônio de Pádua
4%
São PauloSanto Antônio de Posse
4%
Rio de JaneiroSão Francisco de Itabapoana
4%
Rio Grande do SulSão Jerônimo
4%
RoraimaSão João da Baliza
4%
Santa CatarinaSão João do Sul
4%
Rio de JaneiroSão José do Vale do Rio Preto
4%
São PauloSão Luiz do Paraitinga
4%
São PauloSão Manuel
4%
ParanáSão Mateus do Sul
4%
Rio Grande do SulSão Pedro do Sul
4%
PiauíSão Raimundo Nonato
4%
Rio Grande do SulSão Sepé
4%
Rio Grande do SulSapiranga
4%
São PauloSerra Azul
4%
GoiásSerranópolis
4%
Mato Grosso do SulSidrolândia
4%
São PauloSilveiras
4%
PiauíSimões
4%
ParáSoure
4%
São PauloTambaú
4%
São PauloTanabi
4%
São PauloTaquaral
4%
Bahia | São PauloTeodoro Sampaio
4%
CearáTianguá
4%
ParanáTibagi
4%
Minas GeraisTimóteo
4%
Rio Grande do SulTrês Passos
4%
BahiaTucano
4%
Rio Grande do SulTunas
4%
Minas Gerais | São PauloTurmalina
4%
São PauloUrupês
4%
Santa CatarinaUrussanga
4%
Minas Gerais | Santa CatarinaVargem Bonita
4%
Mato GrossoVila Rica
4%
AmapáVitória do Jari
4%
Santa CatarinaWitmarsum
4%
Santa CatarinaZortéa
4%
Minas GeraisAbadia dos Dourados
3%
Santa CatarinaAbdon Batista
3%
Santa CatarinaAbelardo Luz
3%
CearáAcaraú
3%
CearáAcopiara
3%
São PauloAdolfo
3%
ParáAfuá
3%
Santa CatarinaAgronômica
3%
BahiaÁgua Fria
3%
Santa CatarinaÁguas de Chapecó
3%
ParanáAgudos do Sul
3%
Minas GeraisAimorés
3%
ParáAlenquer
3%
GoiásAlexânia
3%
PernambucoAliança
3%
ParáAlmeirim
3%
Santa CatarinaAlto Bela Vista
3%
ParanáAlto Paraná
3%
Mato Grosso do SulAmambai
3%
PiauíAmarante
3%
São PauloAmérico Brasiliense
3%
ParanáAmpére
3%
ParanáAndirá
3%
São PauloAnhembi
3%
São PauloAnhumas
3%
Santa CatarinaAnitápolis
3%
Mato Grosso do SulAparecida do Taboado
3%
Rio de JaneiroAperibé
3%
Espírito SantoApiacá
3%
Rio Grande do NorteApodi
3%
São PauloAraçoiaba da Serra
3%
Mato GrossoAraguaiana
3%
São PauloArapeí
3%
ParanáArapoti
3%
ParanáArapuã
3%
Minas GeraisArapuá
3%
Paraná | ParaíbaAraruna
3%
Minas GeraisArcos
3%
Santa CatarinaArmazém
3%
Rio Grande do SulArroio do Meio
3%
Rio Grande do SulArroio do Tigre
3%
Rio Grande do SulArroio Grande
3%
Santa CatarinaArroio Trinta
3%
Santa CatarinaArvoredo
3%
Rio Grande do SulArvorezinha
3%
Santa CatarinaAscurra
3%
Santa CatarinaAtalanta
3%
São PauloAuriflama
3%
ParáAveiro
3%
Santa CatarinaBalneário Arroio do Silva
3%
São PauloBálsamo
3%
ParaíbaBananeiras
3%
Minas GeraisBarão de Cocais
3%
SergipeBarra dos Coqueiros
3%
Rio Grande do SulBarra Funda
3%
Minas GeraisBarroso
3%
Mato Grosso do SulBataguassu
3%
Santa CatarinaBela Vista do Toldo
3%
Santa CatarinaBenedito Novo
3%
PernambucoBetânia
3%
Minas GeraisBom Despacho
3%
Espírito SantoBom Jesus do Norte
3%
GoiásBonfinópolis
3%
São PauloBoraceia
3%
Santa CatarinaBotuverá
3%
Santa CatarinaBraço do Trombudo
3%
PiauíBrasileira
3%
Minas GeraisBrasília de Minas
3%
Minas GeraisBrazópolis
3%
Pernambuco | Rio Grande do NorteBrejinho
3%
Santa CatarinaBrunópolis
3%
São PauloBuritama
3%
São PauloBuritizal
3%
Rio Grande do SulCacequi
3%
BahiaCaetité
3%
Santa CatarinaCaibi
3%
Paraíba | Rio Grande do SulCaiçara
3%
São PauloCajuru
3%
Santa CatarinaCalmon
3%
Minas GeraisCambuí
3%
ParanáCampo do Tenente
3%
PiauíCampo Maior
3%
GoiásCampos Belos
3%
PiauíCanavieira
3%
Rio Grande do SulCandiota
3%
Santa CatarinaCapão Alto
3%
Rio Grande do SulCapão do Leão
3%
Santa CatarinaCapivari de Baixo
3%
ParanáCarambeí
3%
AmazonasCareiro
3%
AlagoasCarneiros
3%
RoraimaCaroebe
3%
PernambucoCarpina
3%
Mato Grosso do SulCassilândia
3%
Mato GrossoCastanheira
3%
São PauloCastilho
3%
BahiaCastro Alves
3%
Minas GeraisCataguases
3%
Maranhão | São PauloCedral
3%
GoiásCeres
3%
São PauloCerqueira César
3%
Rio Grande do SulCerro Largo
3%
Santa CatarinaCerro Negro
3%
Mato GrossoChapada dos Guimarães
3%
Rio Grande do SulCharqueadas
3%
ParáChaves
3%
CearáChoró
3%
BahiaCocos
3%
ParáConceição do Araguaia
3%
São PauloConchas
3%
ParanáContenda
3%
Minas GeraisCoqueiral
3%
Minas GeraisCordisburgo
3%
Minas GeraisCorinto
3%
Santa CatarinaCorreia Pinto
3%
São PauloCorumbataí
3%
Minas GeraisCristais
3%
Minas GeraisCristina
3%
GoiásCrixás
3%
ParanáCruzeiro do Oeste
3%
Minas GeraisCruzília
3%
Santa CatarinaCunha Porã
3%
Rio Grande do NorteCurrais Novos
3%
ParáCurralinho
3%
AmapáCutias
3%
Minas GeraisDelfim Moreira
3%
São PauloDescalvado
3%
Santa CatarinaDescanso
3%
BahiaDias d'Ávila
3%
Minas GeraisDom Bosco
3%
Espírito SantoDomingos Martins
3%
Santa CatarinaDona Emma
3%
ParanáDoutor Ulysses
3%
São PauloDumont
3%
AmazonasEirunepé
3%
Rio Grande do SulEldorado do Sul
3%
Rio Grande do SulEncantado
3%
Rio Grande do SulEncruzilhada do Sul
3%
Santa CatarinaErmo
3%
Santa CatarinaErval Velho
3%
PernambucoEscada
3%
Minas GeraisEsmeraldas
3%
Rio Grande do SulEspumoso
3%
São PauloEstiva Gerbi
3%
São PauloEstrela d'Oeste
3%
São PauloEuclides da Cunha Paulista
3%
ParaíbaFagundes
3%
Santa CatarinaFaxinal dos Guedes
3%
Pernambuco | SergipeFeira Nova
3%
Bahia | TocantinsFiladélfia
3%
Santa CatarinaFlor do Sertão
3%
Rio Grande do SulFormigueiro
3%
Santa CatarinaFormosa do Sul
3%
CearáForquilha
3%
CearáFortim
3%
Santa CatarinaFrei Rogério
3%
Santa CatarinaGalvão
3%
PernambucoGameleira
3%
BahiaGavião
3%
São PauloGlicério
3%
Minas GeraisGoiabeira
3%
GoiásGoianápolis
3%
GoiásGoianira
3%
ParanáGoioerê
3%
Minas GeraisGouveia
3%
CearáGranja
3%
Santa CatarinaGuabiruba
3%
ParaíbaGuarabira
3%
São PauloGuariba
3%
Santa CatarinaGuarujá do Sul
3%
Santa CatarinaGuatambu
3%
MaranhãoGuimarães
3%
Rio Grande do SulHulha Negra
3%
São PauloIbaté
3%
Santa CatarinaIbicaré
3%
São PauloIgaratá
3%
Mato Grosso do SulIguatemi
3%
PernambucoIlha de Itamaracá
3%
Santa CatarinaImaruí
3%
Santa CatarinaImbuia
3%
Paraná | PernambucoInajá
3%
PernambucoIngazeira
3%
PiauíInhuma
3%
GoiásInhumas
3%
São PauloIporanga
3%
São PauloIpuã
3%
Santa CatarinaIrani
3%
Santa CatarinaIrineópolis
3%
Santa CatarinaItaiópolis
3%
São PauloItapura
3%
São PauloItariri
3%
São PauloItatinga
3%
AmapáItaubal
3%
Santa CatarinaItuporanga
3%
Minas GeraisIturama
3%
Espírito SantoIúna
3%
Mato Grosso do SulIvinhema
3%
Bahia | São PauloJaborandi
3%
ParáJacareacanga
3%
Mato GrossoJaciara
3%
Santa CatarinaJacinto Machado
3%
São PauloJacupiranga
3%
PernambucoJaqueira
3%
CearáJati
3%
Santa CatarinaJosé Boiteux
3%
São PauloJosé Bonifácio
3%
Mato GrossoJuína
3%
Rio Grande do SulJúlio de Castilhos
3%
AlagoasJunqueiro
3%
São PauloJunqueirópolis
3%
Santa CatarinaJupiá
3%
São PauloJuquiá
3%
AmazonasJutaí
3%
ParanáKaloré
3%
Santa CatarinaLacerdópolis
3%
Minas GeraisLagoa da Prata
3%
Minas GeraisLagoa dos Patos
3%
Santa CatarinaLajeado Grande
3%
Rio de JaneiroLaje do Muriaé
3%
Santa CatarinaLaurentino
3%
Santa CatarinaLebon Régis
3%
Santa CatarinaLeoberto Leal
3%
Minas GeraisLiberdade
3%
Minas GeraisLima Duarte
3%
ParanáLobato
3%
São PauloLourdes
3%
São PauloLucélia
3%
PiauíLuís Correia
3%
Santa CatarinaLuiz Alves
3%
Santa CatarinaLuzerna
3%
São PauloMacedônia
3%
BahiaMadre de Deus
3%
ParaíbaMalta
3%
ParaíbaMamanguape
3%
ParanáMandaguari
3%
Espírito SantoMarataízes
3%
Minas GeraisMar de Espanha
3%
Espírito SantoMarechal Floriano
3%
São PauloMartinópolis
3%
Rio Grande do NorteMartins
3%
Minas GeraisMateus Leme
3%
Santa CatarinaMatos Costa
3%
Minas GeraisMedeiros
3%
ParáMedicilândia
3%
ParáMelgaço
3%
São PauloMiguelópolis
3%
CearáMilhã
3%
São PauloMiracatu
3%
TocantinsMiracema do Tocantins
3%
São PauloMirassolândia
3%
Santa CatarinaMirim Doce
3%
Santa CatarinaModelo
3%
Minas GeraisMoema
3%
Santa CatarinaMondaí
3%
São PauloMonte Alegre do Sul
3%
São PauloMonte Aprazível
3%
Santa CatarinaMonte Carlo
3%
BahiaMonte Santo
3%
São PauloMorro Agudo
3%
Santa CatarinaMorro da Fumaça
3%
Santa CatarinaMorro Grande
3%
Rio Grande do SulMorro Reuter
3%
MaranhãoMorros
3%
Rio Grande do SulMuçum
3%
Minas GeraisMunhoz
3%
São PauloNatividade da Serra
3%
São PauloNazaré Paulista
3%
BahiaNilo Peçanha
3%
Mato GrossoNobres
3%
Rio Grande do SulNonoai
3%
SergipeNossa Senhora Aparecida
3%
Rio Grande do SulNova Alvorada
3%
Goiás | ParanáNova Aurora
3%
BahiaNova Canaã
3%
Santa CatarinaNova Erechim
3%
Rio Grande do SulNova Hartz
3%
Santa CatarinaNova Itaberaba
3%
Rio Grande do SulNova Pádua
3%
Piauí | Rio Grande do SulNova Santa Rita
3%
AmazonasNovo Airão
3%
São PauloÓleo
3%
ParaíbaOlho d'Água
3%
São PauloOriente
3%
Santa CatarinaOtacílio Costa
3%
PernambucoOuricuri
3%
ParaíbaOuro Velho
3%
São PauloPacaembu
3%
CearáPacajus
3%
Ceará | SergipePacatuba
3%
ParanáPaiçandu
3%
Santa CatarinaPainel
3%
Santa CatarinaPalma Sola
3%
Santa CatarinaPalmitos
3%
GoiásPanamá
3%
São PauloParaguaçu Paulista
3%
ParanáParanacity
3%
Minas GeraisParaopeba
3%
São PauloPariquera-Açu
3%
Rio Grande do SulParobé
3%
Rio Grande do NortePassa-e-Fica
3%
PiauíPaulistana
3%
Mato Grosso | Rio Grande do NortePedra Preta
3%
São PauloPedro de Toledo
3%
PiauíPedro II
3%
Minas GeraisPequi
3%
Minas GeraisPerdões
3%
São PauloPereira Barreto
3%
ParanáPérola
3%
Santa CatarinaPescaria Brava
3%
Rio Grande do SulPicada Café
3%
ParáPiçarra
3%
PiauíPimenteiras
3%
Rio Grande do SulPinheiro Machado
3%
São PauloPiquete
3%
São PauloPiracaia
3%
ParanáPiraí do Sul
3%
São PauloPirapozinho
3%
São PauloPiratininga
3%
GoiásPires do Rio
3%
Espírito SantoPiúma
3%
Minas GeraisPiumhi
3%
São PauloPlatina
3%
São PauloPompeia
3%
Mato GrossoPontes e Lacerda
3%
Santa CatarinaPonte Serrada
3%
GoiásPorangatu
3%
Minas GeraisPoté
3%
Santa CatarinaPouso Redondo
3%
AmapáPracuúba
3%
Minas GeraisPratinha
3%
Santa CatarinaPresidente Nereu
3%
Minas GeraisPresidente Olegário
3%
MaranhãoPresidente Sarney
3%
SergipePropriá
3%
Minas GeraisPrudente de Morais
3%
São PauloQuatá
3%
Bahia | ParaíbaQueimadas
3%
GoiásQuirinópolis
3%
ParanáQuitandinha
3%
Minas GeraisRaposos
3%
São PauloRedenção da Serra
3%
São PauloRegente Feijó
3%
ParanáReserva
3%
Minas Gerais | TocantinsRiachinho
3%
Rio Grande do Norte | SergipeRiachuelo
3%
São PauloRibeirão Bonito
3%
São PauloRifaina
3%
São PauloRincão
3%
ParanáRio Branco do Sul
3%
Mato Grosso do SulRio Brilhante
3%
Santa CatarinaRio do Campo
3%
Santa CatarinaRio Fortuna
3%
AmazonasRio Preto da Eva
3%
Santa CatarinaRio Rufino
3%
Rio Grande do SulRiozinho
3%
Santa CatarinaRiqueza
3%
Mato Grosso do SulRochedo
3%
Rio Grande do SulRolante
3%
Santa CatarinaSalete
3%
ParáSalinópolis
3%
São PauloSalto de Pirapora
3%
Santa CatarinaSangão
3%
São PauloSanta Cruz do Rio Pardo
3%
Pernambuco | PiauíSanta Filomena
3%
AmazonasSanta Isabel do Rio Negro
3%
Minas GeraisSanta Juliana
3%
Minas GeraisSanta Margarida
3%
Rio Grande do SulSanta Maria do Herval
3%
ParanáSanta Mariana
3%
Santa Catarina | SergipeSanta Rosa de Lima
3%
São PauloSanto Anastácio
3%
ParanáSanto Antônio da Platina
3%
Rio Grande do SulSanto Cristo
3%
BahiaSanto Estêvão
3%
ParanáSanto Inácio
3%
Santa CatarinaSão Bernardino
3%
Santa CatarinaSão Bonifácio
3%
BahiaSão Desidério
3%
BahiaSão Felipe
3%
Rio Grande do NorteSão Fernando
3%
Mato Grosso do SulSão Gabriel do Oeste
3%
Minas GeraisSão Geraldo
3%
Minas GeraisSão Gotardo
3%
Santa CatarinaSão João do Itaperiú
3%
Santa CatarinaSão João do Oeste
3%
PernambucoSão José da Coroa Grande
3%
Rio de JaneiroSão José de Ubá
3%
São PauloSão José do Barreiro
3%
Santa CatarinaSão José do Cedro
3%
Rio Grande do SulSão José do Sul
3%
Santa CatarinaSão Lourenço do Oeste
3%
Rio Grande do SulSão Lourenço do Sul
3%
Santa CatarinaSão Ludgero
3%
Rio Grande do SulSão Luiz Gonzaga
3%
São PauloSão Miguel Arcanjo
3%
AmazonasSão Paulo de Olivença
3%
Santa CatarinaSão Pedro de Alcântara
3%
Rio Grande do SulSão Sebastião do Caí
3%
Rio Grande do SulSão Vicente do Sul
3%
Minas GeraisSarzedo
3%
BahiaSeabra
3%
CearáSenador Sá
3%
Santa CatarinaSerra Alta
3%
ParaíbaSerra Grande
3%
PernambucoSertânia
3%
ParanáSertanópolis
3%
São PauloSete Barras
3%
Rio Grande do SulSete de Setembro
3%
Santa CatarinaSiderópolis
3%
BahiaSimões Filho
3%
PernambucoSirinhaém
3%
ParaíbaSobrado
3%
Mato Grosso do SulSonora
3%
Santa CatarinaSul Brasil
3%
Rio de JaneiroSumidouro
3%
PernambucoSurubim
3%
Minas GeraisTabuleiro
3%
AmazonasTapauá
3%
Paraná | Rio Grande do SulTapejara
3%
Rio Grande do SulTapes
3%
São PauloTarumã
3%
Paraíba | Rio Grande do SulTavares
3%
PernambucoTerezinha
3%
Rio Grande do SulTerra de Areia
3%
Bahia | PernambucoTerra Nova
3%
Rio Grande do SulTeutônia
3%
Rio Grande do NorteTibau
3%
Rio Grande do NorteTibau do Sul
3%
Santa CatarinaTimbé do Sul
3%
Santa CatarinaTimbó Grande
3%
Minas GeraisTiros
3%
PernambucoToritama
3%
Rio Grande do SulTrês de Maio
3%
Minas GeraisTrês Pontas
3%
Santa CatarinaTreze de Maio
3%
Santa CatarinaTrombudo Central
3%
ParáTucumã
3%
São PauloTuiuti
3%
Santa CatarinaTunápolis
3%
Rio Grande do SulTupanciretã
3%
Santa CatarinaUnião do Oeste
3%
ParanáUraí
3%
GoiásUruaçu
3%
Santa CatarinaVargeão
3%
GoiásVarjão
3%
CearáVárzea Alegre
3%
Espírito SantoVenda Nova do Imigrante
3%
ParanáVentania
3%
Santa CatarinaVidal Ramos
3%
Rio Grande do SulVila Maria
3%
ParáViseu
3%
ParanáVitorino
3%
Santa CatarinaVitor Meireles
3%
Rio Grande do SulWestfália
3%
PernambucoXexéu
3%
ParáXinguara
3%
CearáAbaiara
2%
ParanáAbatiá
2%
Rio Grande do NorteAcari
2%
GoiásAcreúna
2%
Minas GeraisAçucena
2%
PernambucoAfrânio
2%
PernambucoAgrestina
2%
Minas GeraisÁgua Comprida
2%
GoiásÁgua Limpa
2%
PernambucoÁgua Preta
2%
PernambucoÁguas Belas
2%
Espírito SantoÁguia Branca
2%
CearáAiuaba
2%
Minas GeraisAiuruoca
2%
São PauloAlambari
2%
Mato Grosso do SulAlcinópolis
2%
BahiaAlcobaça
2%
Rio Grande do NorteAlexandria
2%
Espírito SantoAlfredo Chaves
2%
ParaíbaAlhandra
2%
Minas GeraisAlmenara
2%
São PauloAltair
2%
Minas GeraisAlterosa
2%
PernambucoAltinho
2%
Mato GrossoAlto Araguaia
2%
Rio Grande do SulAlto Feliz
2%
GoiásAlto Horizonte
2%
ParanáAltônia
2%
GoiásAlto Paraíso de Goiás
2%
MaranhãoAlto Parnaíba
2%
CearáAlto Santo
2%
AmazonasAlvarães
2%
São PauloÁlvares Machado
2%
São PauloAlvinlândia
2%
Minas GeraisAlvinópolis
2%
GoiásAlvorada do Norte
2%
ParanáAlvorada do Sul
2%
ParanáAmaporã
2%
GoiásAmaralina
2%
AmazonasAmaturá
2%
São PauloAmérico de Campos
2%
Rio Grande do SulAmetista do Sul
2%
CearáAmontada
2%
AlagoasAnadia
2%
ParanáAnahy
2%
AmazonasAnamã
2%
ParáAnapu
2%
Mato Grosso do SulAnaurilândia
2%
BahiaAndaraí
2%
BahiaAndorinha
2%
Rio Grande do SulAndré da Rocha
2%
Minas GeraisAndrelândia
2%
São PauloAngatuba
2%
Mato Grosso do SulAngélica
2%
TocantinsAngico
2%
ParanáÂngulo
2%
GoiásAnicuns
2%
AmazonasAnori
2%
BahiaAntas
2%
ParanáAntônio Olinto
2%
Rio Grande do SulAntônio Prado
2%
São PauloAparecida d'Oeste
2%
Mato GrossoApiacás
2%
GoiásAporé
2%
Santa CatarinaArabutã
2%
Minas GeraisAraçaí
2%
BahiaAraci
2%
GoiásAragarças
2%
GoiásAragoiânia
2%
TocantinsAraguatins
2%
Rio Grande do SulArambaré
2%
São PauloAramina
2%
Rio Grande do SulAraricá
2%
Rio Grande do SulAratiba
2%
São PauloArealva
2%
ParaíbaAreial
2%
Minas GeraisAricanduva
2%
Minas GeraisArinos
2%
Mato GrossoAripuanã
2%
GoiásAruanã
2%
CearáAssaré
2%
AmazonasAutazes
2%
São PauloAvanhandava
2%
MaranhãoAxixá
2%
Minas GeraisBaependi
2%
ParaíbaBaía da Traição
2%
ParáBaião
2%
Espírito SantoBaixo Guandu
2%
Minas GeraisBaldim
2%
Rio Grande do SulBalneário Pinhal
2%
ParanáBalsa Nova
2%
Minas GeraisBambuí
2%
CearáBanabuiú
2%
ParáBannach
2%
Alagoas | ParaíbaBarra de São Miguel
2%
São PauloBarra do Chapéu
2%
Rio Grande do SulBarra do Ribeiro
2%
Bahia | GoiásBarro Alto
2%
Rio Grande do SulBarros Cassal
2%
Mato Grosso do SulBatayporã
2%
CearáBaturité
2%
GoiásBela Vista de Goiás
2%
PernambucoBelém do São Francisco
2%
Minas GeraisBelo Oriente
2%
Minas GeraisBelo Vale
2%
ParáBenevides
2%
AmazonasBeruri
2%
Minas GeraisBicas
2%
São PauloBilac
2%
ParanáBituruna
2%
ParaíbaBoa Ventura
2%
AmazonasBoa Vista do Ramos
2%
Santa CatarinaBocaina do Sul
2%
ParanáBocaiúva do Sul
2%
PernambucoBodocó
2%
Mato Grosso do SulBodoquena
2%
PernambucoBom Conselho
2%
Santa CatarinaBom Jesus do Oeste
2%
ParanáBom Jesus do Sul
2%
Rio Grande do SulBom Princípio
2%
ParaíbaBoqueirão
2%
Minas GeraisBorda da Mata
2%
ParanáBorrazópolis
2%
Rio Grande do SulBossoroca
2%
ParanáBraganey
2%
ParáBrasil Novo
2%
São PauloBraúna
2%
PernambucoBrejão
2%
São PauloBrejo Alegre
2%
SergipeBrejo Grande
2%
Minas GeraisBueno Brandão
2%
PernambucoBuíque
2%
Minas GeraisBuritizeiro
2%
Mato Grosso do SulCaarapó
2%
ParaíbaCabaceiras
2%
Minas GeraisCabeceira Grande
2%
GoiásCabeceiras
2%
Minas GeraisCachoeira de Minas
2%
Goiás | Minas GeraisCachoeira Dourada
2%
MaranhãoCachoeira Grande
2%
São PauloCaconde
2%
São PauloCaiabu
2%
GoiásCaiapônia
2%
BahiaCairu
2%
São PauloCaiuá
2%
GoiásCaldazinha
2%
Mato Grosso do SulCamapuã
2%
Minas GeraisCambuquira
2%
Minas GeraisCampanha
2%
Minas GeraisCampo Azul
2%
Santa CatarinaCampo Belo do Sul
2%
ParanáCampo Bonito
2%
Minas GeraisCampo Florido
2%
BahiaCampo Formoso
2%
Minas GeraisCampos Altos
2%
Minas GeraisCampos Gerais
2%
ParáCanaã dos Carajás
2%
Bahia | Minas GeraisCanápolis
2%
BahiaCanavieiras
2%
São PauloCândido Mota
2%
ParanáCandói
2%
SergipeCanindé de São Francisco
2%
AmazonasCanutama
2%
Minas GeraisCaparaó
2%
São PauloCapela do Alto
2%
Minas GeraisCapelinha
2%
BahiaCapim Grosso
2%
ParáCapitão Poço
2%
Rio Grande do SulCapivari do Sul
2%
Rio Grande do SulCaraá
2%
Mato Grosso do Sul | PiauíCaracol
2%
Minas GeraisCarandaí
2%
AmazonasCarauari
2%
AmazonasCareiro da Várzea
2%
CearáCaridade
2%
CearáCariús
2%
ParanáCarlópolis
2%
Minas GeraisCarlos Chagas
2%
Minas GeraisCarmo do Cajuru
2%
Minas GeraisCarmo do Rio Claro
2%
CearáCarnaubal
2%
Minas GeraisCarrancas
2%
Minas GeraisCatas Altas
2%
ParaíbaCatolé do Rocha
2%
Santa CatarinaCaxambu do Sul
2%
Rio Grande do Sul | TocantinsCentenário
2%
Minas GeraisCentralina
2%
RondôniaCerejeiras
2%
São PauloCesário Lange
2%
Santa CatarinaChapadão do Lageado
2%
São PauloChavantes
2%
ParanáChopinzinho
2%
CearáChorozinho
2%
ParanáCidade Gaúcha
2%
BahiaCipó
2%
Mato GrossoCláudia
2%
São PauloClementina
2%
Santa CatarinaCocal do Sul
2%
GoiásCocalzinho de Goiás
2%
AmazonasCodajás
2%
Mato GrossoColíder
2%
TocantinsColinas do Tocantins
2%
Mato GrossoColniza
2%
RondôniaColorado do Oeste
2%
Mato GrossoComodoro
2%
Espírito SantoConceição da Barra
2%
Minas GeraisConceição das Alagoas
2%
Rio de JaneiroConceição de Macabu
2%
Minas GeraisConceição do Mato Dentro
2%
Paraíba | PernambucoCondado
2%
Mato GrossoConfresa
2%
Minas GeraisCongonhal
2%
ParanáCorbélia
2%
Santa CatarinaCordilheira Alta
2%
Mato Grosso do SulCorguinho
2%
São PauloCoroados
2%
Minas GeraisCoromandel
2%
Rio Grande do SulCoronel Bicaco
2%
Santa CatarinaCoronel Freitas
2%
Santa CatarinaCoronel Martins
2%
ParanáCoronel Vivida
2%
Minas GeraisCórrego Danta
2%
PernambucoCorrentes
2%
GoiásCorumbá de Goiás
2%
GoiásCorumbaíba
2%
São PauloCosmorama
2%
Rio Grande do SulCotiporã
2%
Rio Grande do SulCrissiumal
2%
GoiásCristianópolis
2%
CearáCroatá
2%
São PauloCruzália
2%
ParanáCruz Machado
2%
ParanáCruzmaltina
2%
PernambucoCumaru
2%
Santa CatarinaCunhataí
2%
ParanáCuriúva
2%
PernambucoCustódia
2%
Goiás | MaranhãoDavinópolis
2%
Minas GeraisDelfinópolis
2%
AlagoasDelmiro Gouveia
2%
Mato GrossoDenise
2%
ParaíbaDesterro
2%
ParanáDiamante do Norte
2%
ParanáDiamante do Sul
2%
São PauloDirce Reis
2%
São PauloDivinolândia
2%
São PauloDois Córregos
2%
ParáDom Eliseu
2%
Rio Grande do SulDona Francisca
2%
Minas GeraisDores do Indaiá
2%
PernambucoDormentes
2%
ParanáDoutor Camargo
2%
São PauloDuartina
2%
Espírito SantoEcoporanga
2%
São PauloElias Fausto
2%
Rio Grande do SulEntre-Ijuís
2%
AmazonasEnvira
2%
Rio Grande do NorteEquador
2%
CearáEreré
2%
Rio Grande do SulErnestina
2%
Piauí | TocantinsEsperantina
2%
RondôniaEspigão d'Oeste
2%
MaranhãoEstreito
2%
Minas GeraisEstrela Dalva
2%
Minas GeraisEstrela do Sul
2%
Rio Grande do NorteExtremoz
2%
GoiásFaina
2%
CearáFarias Brito
2%
ParanáFarol
2%
São PauloFartura
2%
Mato Grosso do SulFátima do Sul
2%
Rio Grande do SulFaxinal do Soturno
2%
GoiásFazenda Nova
2%
Minas GeraisFelixlândia
2%
ParanáFênix
2%
PernambucoFerreiros
2%
Minas GeraisFerros
2%
ParanáFloraí
2%
São PauloFlora Rica
2%
São PauloFlórida Paulista
2%
AmazonasFonte Boa
2%
Rio Grande do SulFontoura Xavier
2%
BahiaFormosa do Rio Preto
2%
MaranhãoFortuna
2%
ParanáFoz do Jordão
2%
ParanáFrancisco Alves
2%
SergipeFrei Paulo
2%
Espírito SantoFundão
2%
São PauloGabriel Monteiro
2%
São PauloGália
2%
São PauloGavião Peixoto
2%
São PauloGetulina
2%
Rio Grande do SulGlorinha
2%
Minas GeraisGrão Mogol
2%
PiauíGuadalupe
2%
Minas GeraisGuanhães
2%
Minas GeraisGuapé
2%
São PauloGuapiaçu
2%
São PauloGuaraçaí
2%
ParanáGuaraniaçu
2%
Mato GrossoGuarantã do Norte
2%
Minas GeraisGuarda-Mor
2%
São PauloGuatapará
2%
São PauloGuzolândia
2%
Rio Grande do SulHarmonia
2%
BahiaHeliópolis
2%
São PauloHerculândia
2%
ParanáHonório Serpa
2%
São PauloIacanga
2%
PernambucoIati
2%
ParanáIbaiti
2%
ParanáIbema
2%
Santa CatarinaIbiam
2%
PernambucoIbimirim
2%
Rio Grande do SulIbirubá
2%
BahiaIbotirama
2%
CearáIcapuí
2%
São PauloIcém
2%
Espírito SantoIconha
2%
São PauloIepê
2%
São PauloIgarapava
2%
ParanáIguaraçu
2%
ParanáImbituva
2%
Mato Grosso do SulInocência
2%
Santa CatarinaIomerê
2%
GoiásIpameri
2%
Santa CatarinaIporã do Oeste
2%
Santa CatarinaIpuaçu
2%
PernambucoIpubi
2%
Rio Grande do NorteIpueira
2%
Santa CatarinaIpumirim
2%
Santa CatarinaIraceminha
2%
São PauloIrapuã
2%
ParanáIretama
2%
GoiásItaberaí
2%
PernambucoItacuruba
2%
Espírito SantoItaguaçu
2%
ParanáItaipulândia
2%
CearáItaitinga
2%
BahiaItamaraju
2%
Minas GeraisItamonte
2%
Minas GeraisItanhandu
2%
BahiaItanhém
2%
CearáItapajé
2%
ParanáItaperuçu
2%
GoiásItapirapuã
2%
CearáItarema
2%
CearáItatira
2%
GoiásItauçu
2%
Minas GeraisItaú de Minas
2%
Minas GeraisItinga
2%
São PauloItirapina
2%
ParáItupiranga
2%
Minas GeraisJaboticatubas
2%
Rio Grande do NorteJaçanã
2%
ParanáJaguapitã
2%
ParanáJaguariaíva
2%
CearáJaguaribara
2%
Minas GeraisJaíba
2%
Mato GrossoJangada
2%
AlagoasJaparatinga
2%
Rio Grande do NorteJapi
2%
Rio Grande do SulJaquirana
2%
ParanáJardim Olinda
2%
ParanáJataizinho
2%
ParanáJesuítas
2%
ParanáJoaquim Távora
2%
Rio Grande do SulJóia
2%
Mato GrossoJuara
2%
Minas GeraisJuatuba
2%
CearáJucás
2%
ParanáJuranda
2%
Mato Grosso do SulJuti
2%
Minas GeraisLagamar
2%
TocantinsLagoa da Confusão
2%
PernambucoLagoa do Carro
2%
Minas GeraisLagoa Dourada
2%
Rio Grande do SulLagoão
2%
São PauloLavínia
2%
CearáLavras da Mangabeira
2%
Rio Grande do SulLavras do Sul
2%
Minas GeraisLimeira do Oeste
2%
Santa CatarinaLindóia do Sul
2%
Rio Grande do SulLindolfo Collor
2%
ParaíbaLucena
2%
São PauloLucianópolis
2%
São PauloLuiz Antônio
2%
ParanáLuiziana
2%
São PauloLupércio
2%
Rio Grande do NorteMacaíba
2%
Santa CatarinaMajor Gercino
2%
Santa CatarinaMajor Vieira
2%
ParanáMallet
2%
PernambucoManari
2%
ParanáMandaguaçu
2%
ParanáMandirituba
2%
ParanáMangueirinha
2%
Rio Grande do SulManoel Viana
2%
Minas GeraisMantena
2%
Rio Grande do SulMaquiné
2%
AmazonasMaraã
2%
São PauloMarabá Paulista
2%
São PauloMaracaí
2%
Santa CatarinaMarema
2%
São PauloMariápolis
2%
ParanáMariópolis
2%
ParanáMaripá
2%
ParanáMarmeleiro
2%
GoiásMarzagão
2%
BahiaMata de São João
2%
Rio Grande do SulMato Leitão
2%
ParanáMato Rico
2%
Minas GeraisMato Verde
2%
ParanáMauá da Serra
2%
GoiásMaurilândia
2%
CearáMauriti
2%
Santa CatarinaMeleiro
2%
São PauloMendonça
2%
ParanáMercedes
2%
Espírito SantoMimoso do Sul
2%
GoiásMinaçu
2%
Rio Grande do SulMinas do Leão
2%
Minas GeraisMinas Novas
2%
São PauloMineiros do Tietê
2%
Maranhão | ParanáMirador
2%
Minas GeraisMiraí
2%
PernambucoMirandiba
2%
São PauloMirante do Paranapanema
2%
ParanáMissal
2%
CearáMissão Velha
2%
Minas GeraisMoeda
2%
ParáMoju
2%
CearáMombaça
2%
Minas GeraisMonte Alegre de Minas
2%
São PauloMonte Azul Paulista
2%
GoiásMontividiu
2%
Rio Grande do SulMorro Redondo
2%
GoiásMozarlândia
2%
BahiaMucugê
2%
Ceará | ParaíbaMulungu
2%
ParanáMunhoz de Mello
2%
Espírito SantoMuqui
2%
São PauloNantes
2%
São PauloNarandiba
2%
Minas GeraisNepomuceno
2%
GoiásNerópolis
2%
São PauloNeves Paulista
2%
AmazonasNhamundá
2%
São PauloNhandeara
2%
Mato Grosso do SulNioaque
2%
Rio Grande do NorteNísia Floresta
2%
SergipeNossa Senhora da Glória
2%
SergipeNossa Senhora das Dores
2%
ParanáNossa Senhora das Graças
2%
São PauloNova Aliança
2%
GoiásNova América
2%
Rio Grande do SulNova Araçá
2%
Rio Grande do SulNova Bassano
2%
Minas GeraisNova Belém
2%
Rio Grande do SulNova Bréscia
2%
São PauloNova Campina
2%
São PauloNova Castilho
2%
GoiásNova Crixás
2%
Rio Grande do NorteNova Cruz
2%
Minas GeraisNova Era
2%
São PauloNova Europa
2%
São PauloNova Granada
2%
São PauloNova Guataporanga
2%
São PauloNova Independência
2%
ParanáNova Laranjeiras
2%
Mato Grosso | ParanáNova Olímpia
2%
AmazonasNova Olinda do Norte
2%
Minas GeraisNova Ponte
2%
Rio Grande do SulNova Roma do Sul
2%
ParanáNova Santa Rosa
2%
Minas Gerais | RondôniaNova União
2%
BahiaNova Viçosa
2%
AmazonasNovo Aripuanã
2%
GoiásNovo Brasil
2%
Mato GrossoNovo Mundo
2%
CearáNovo Oriente
2%
ParáNovo Repartimento
2%
Minas GeraisNovorizonte
2%
São PauloNuporanga
2%
AlagoasOlivença
2%
São PauloOnda Verde
2%
GoiásOrizona
2%
PernambucoOrobó
2%
PernambucoOrocó
2%
ParanáOurizona
2%
São PauloOuroeste
2%
ParanáOuro Verde do Oeste
2%
CearáPacoti
2%
GoiásPadre Bernardo
2%
Santa CatarinaPaial
2%
Minas GeraisPaineiras
2%
Rio Grande do SulPalmares do Sul
2%
São PauloPalmeira d'Oeste
2%
Espírito SantoPancas
2%
São PauloPanorama
2%
Rio Grande do SulPantano Grande
2%
Minas GeraisPapagaios
2%
PiauíPaquetá
2%
MaranhãoParaibano
2%
Rio Grande do SulParaíso do Sul
2%
BahiaParamirim
2%
São PauloPardinho
2%
Rio Grande do NorteParelhas
2%
AlagoasParipueira
2%
Paraíba | Rio Grande do NortePassagem
2%
Rio Grande do SulPassa-Sete
2%
Minas GeraisPassa Tempo
2%
Santa CatarinaPassos Maia
2%
ParanáPato Bragado
2%
São PauloPatrocínio Paulista
2%
ParáPau-d'Arco
2%
TocantinsPau d'Arco
2%
AmazonasPauini
2%
São PauloPaulistânia
2%
Minas GeraisPavão
2%
São PauloPedra Bela
2%
Rio Grande do NortePedra Grande
2%
ParaíbaPedras de Fogo
2%
Santa CatarinaPedras Grandes
2%
MaranhãoPedreiras
2%
Rio Grande do SulPedro Osório
2%
CearáPenaforte
2%
CearáPentecoste
2%
Minas GeraisPerdigão
2%
São PauloPereiras
2%
Santa CatarinaPeritiba
2%
PernambucoPesqueira
2%
GoiásPetrolina de Goiás
2%
São PauloPiacatu
2%
BahiaPiatã
2%
BahiaPilão Arcado
2%
São PauloPilar do Sul
2%
CearáPindoretama
2%
ParanáPinhalão
2%
Santa CatarinaPinheiro Preto
2%
Rio Grande do SulPinto Bandeira
2%
CearáPiquet Carneiro
2%
Minas GeraisPiracema
2%
São PauloPirajuí
2%
SergipePirambu
2%
Minas GeraisPitangui
2%
ParaíbaPitimbu
2%
Santa CatarinaPlanalto Alegre
2%
PernambucoPoção
2%
Minas GeraisPoço Fundo
2%
BahiaPojuca
2%
São PauloPoloni
2%
PernambucoPombos
2%
GoiásPontalina
2%
Santa CatarinaPonte Alta do Norte
2%
São PauloPopulina
2%
ParanáPorecatu
2%
CearáPorteiras
2%
Minas GeraisPorteirinha
2%
ParanáPorto Amazonas
2%
AlagoasPorto Calvo
2%
Rio Grande do SulPorto Lucena
2%
Rio Grande do SulPorto Xavier
2%
CearáPotengi
2%
São PauloPotirendaba
2%
São PauloPradópolis
2%
São PauloPresidente Alves
2%
Minas GeraisPresidente Kubitschek
2%
Rio Grande do SulPresidente Lucena
2%
ParanáPrimeiro de Maio
2%
Rio Grande do SulProgresso
2%
São PauloPromissão
2%
São PauloQuadra
2%
ParanáQuatro Pontes
2%
São PauloQueiroz
2%
ParanáQuerência do Norte
2%
Rio Grande do SulQuinze de Novembro
2%
CearáQuiterianópolis
2%
Paraíba | PernambucoQuixaba
2%
CearáQuixelô
2%
CearáQuixeré
2%
ParanáRebouças
2%
Minas GeraisRecreio
2%
São PauloReginópolis
2%
BahiaRemanso
2%
Rio Grande do SulRestinga Sêca
2%
Mato Grosso do SulRibas do Rio Pardo
2%
São PauloRibeirão Corrente
2%
São PauloRibeirão dos Índios
2%
São PauloRibeirão Grande
2%
Minas GeraisRibeirão Vermelho
2%
São PauloRinópolis
2%
Minas GeraisRio Acima
2%
PernambucoRio Formoso
2%
São PauloRiolândia
2%
Minas GeraisRio Paranaíba
2%
Minas GeraisRio Pomba
2%
ParaíbaRio Tinto
2%
São PauloRiversul
2%
Rio Grande do SulRoca Sales
2%
Minas GeraisRomaria
2%
Santa CatarinaRomelândia
2%
ParanáRoncador
2%
Rio Grande do SulRonda Alta
2%
São PauloRubiácea
2%
GoiásRubiataba
2%
São PauloRubineia
2%
ParáRurópolis
2%
ParanáSabáudia
2%
São PauloSabino
2%
CearáSaboeiro
2%
São PauloSagres
2%
São PauloSales Oliveira
2%
ParanáSalgado Filho
2%
CearáSalitre
2%
São PauloSalmourão
2%
Rio Grande do SulSalto do Jacuí
2%
ParanáSalto do Lontra
2%
São PauloSalto Grande
2%
Santa CatarinaSalto Veloso
2%
Rio Grande do SulSalvador do Sul
2%
ParáSalvaterra
2%
Rio Grande do SulSananduva
2%
São PauloSandovalina
2%
PernambucoSanharó
2%
ParanáSanta Amélia
2%
São PauloSanta Clara d'Oeste
2%
São PauloSanta Cruz das Palmeiras
2%
Minas GeraisSanta Cruz de Minas
2%
Rio Grande do SulSanta Margarida do Sul
2%
PernambucoSanta Maria da Boa Vista
2%
São PauloSanta Maria da Serra
2%
BahiaSanta Maria da Vitória
2%
ParanáSanta Maria do Oeste
2%
São PauloSanta Mercedes
2%
Rio Grande do SulSantana da Boa Vista
2%
São PauloSantana da Ponte Pensa
2%
CearáSantana do Acaraú
2%
CearáSantana do Cariri
2%
GoiásSanta Rita do Araguaia
2%
São PauloSanta Rita d'Oeste
2%
São PauloSanta Rosa de Viterbo
2%
Santa CatarinaSanta Rosa do Sul
2%
São PauloSanta Salete
2%
ParanáSanta Terezinha de Itaipu
2%
Santa CatarinaSanta Terezinha do Progresso
2%
Santa CatarinaSantiago do Sul
2%
Rio Grande do SulSanto Antônio das Missões
2%
São PauloSanto Antônio do Aracanguá
2%
AmazonasSanto Antônio do Içá
2%
Minas GeraisSanto Antônio do Monte
2%
ParanáSanto Antônio do Sudoeste
2%
Rio Grande do SulSanto Augusto
2%
São PauloSantópolis do Aguapeí
2%
AlagoasSão Brás
2%
Santa CatarinaSão Cristóvão do Sul
2%
Mato GrossoSão Félix do Araguaia
2%
Minas GeraisSão João da Mata
2%
ParanáSão João do Triunfo
2%
Minas GeraisSão Joaquim de Bicas
2%
São PauloSão José da Bela Vista
2%
Minas GeraisSão José da Lapa
2%
Rio Grande do SulSão José das Missões
2%
Santa CatarinaSão José do Cerrito
2%
PernambucoSão José do Egito
2%
Mato GrossoSão José do Rio Claro
2%
Mato GrossoSão José do Xingu
2%
GoiásSão Luís de Montes Belos
2%
Rio Grande do SulSão Martinho da Serra
2%
Santa CatarinaSão Miguel da Boa Vista
2%
GoiásSão Miguel do Araguaia
2%
ParáSão Miguel do Guamá
2%
ParanáSão Miguel do Iguaçu
2%
Rio Grande do SulSão Nicolau
2%
GoiásSão Patrício
2%
Rio Grande do SulSão Paulo das Missões
2%
Rio Grande do SulSão Pedro da Serra
2%
Rio Grande do SulSão Pedro das Missões
2%
São PauloSão Pedro do Turvo
2%
Minas GeraisSão Romão
2%
Minas GeraisSão Roque de Minas
2%
Rio de JaneiroSão Sebastião do Alto
2%
Rio Grande do SulSão Valentim
2%
Mato GrossoSapezal
2%
Minas GeraisSapucaí-Mirim
2%
BahiaSaúde
2%
Rio Grande do SulSegredo
2%
Rio Grande do SulSelbach
2%
Mato Grosso do SulSelvíria
2%
CearáSenador Pompeu
2%
ParanáSengés
2%
BahiaSento Sé
2%
Rio Grande do SulSerafina Corrêa
2%
Rio Grande do SulSério
2%
ParaíbaSerra Branca
2%
Minas GeraisSerrania
2%
PernambucoSerrita
2%
ParanáSertaneja
2%
Mato Grosso do SulSete Quedas
2%
GoiásSilvânia
2%
AmazonasSilves
2%
SergipeSimão Dias
2%
PernambucoSolidão
2%
São PauloSud Mennucci
2%
São PauloSuzanápolis
2%
PernambucoTabira
2%
CearáTabuleiro do Norte
2%
São PauloTaciba
2%
ParanáTamarana
2%
Rio Grande do SulTapera
2%
Bahia | ParaíbaTaperoá
2%
Minas Gerais | São PauloTapiraí
2%
Minas GeraisTeixeiras
2%
Rio Grande do SulTenente Portela
2%
ParanáTerra Boa
2%
ParanáTerra Rica
2%
ParáTerra Santa
2%
Santa CatarinaTigrinhos
2%
PernambucoTimbaúba
2%
Rio Grande do SulTio Hugo
2%
SergipeTobias Barreto
2%
ParanáTomazina
2%
AmazonasTonantins
2%
Rio Grande do SulToropi
2%
São PauloTorre de Pedra
2%
São PauloTorrinha
2%
PernambucoTracunhaém
2%
CearáTrairi
2%
Rio de JaneiroTrajano de Moraes
2%
Rio Grande do SulTravesseiro
2%
Rio Grande do SulTrês Arroios
2%
Rio Grande do SulTrês Cachoeiras
2%
Rio Grande do SulTrês Forquilhas
2%
São PauloTrês Fronteiras
2%
Santa CatarinaTreviso
2%
ParanáTunas do Paraná
2%
MaranhãoTuntum
2%
Minas GeraisTupaciguara
2%
Rio Grande do SulTupandi
2%
Rio Grande do SulTuparendi
2%
São PauloTupi Paulista
2%
Rio Grande do SulTuruçu
2%
BahiaUauá
2%
Minas GeraisUbaí
2%
CearáUbajara
2%
São PauloUbirajara
2%
São PauloUchoa
2%
CearáUmari
2%
ParaíbaUmbuzeiro
2%
São PauloUnião Paulista
2%
São PauloUrânia
2%
GoiásUruana
2%
ParáUruará
2%
AmazonasUrucará
2%
PiauíUruçuí
2%
Rio Grande do SulVale do Sol
2%
São PauloValentim Gentil
2%
Rio Grande do SulVale Real
2%
Rio Grande do SulVale Verde
2%
São PauloVargem Grande do Sul
2%
CearáVarjota
2%
Minas GeraisVazante
2%
PernambucoVicência
2%
Mato Grosso do SulVicentina
2%
Mato GrossoVila Bela da Santíssima Trindade
2%
GoiásVila Boa
2%
Rio Grande do SulVila Nova do Sul
2%
São PauloViradouro
2%
Minas GeraisVirgínia
2%
ParanáVirmond
2%
São PauloVitória Brasil
2%
Minas GeraisVolta Grande
2%
ParanáXambrê
2%
MaranhãoZé Doca
2%
BahiaAbaíra
1%
BahiaAbaré
1%
ParáAbel Figueiredo
1%
Minas GeraisAbre Campo
1%
TocantinsAbreulândia
1%
Minas GeraisAcaiaca
1%
BahiaAcajutiba
1%
CearáAcarape
1%
PiauíAcauã
1%
Mato GrossoAcorizal
1%
GoiásAdelândia
1%
Espírito SantoAfonso Cláudio
1%
MaranhãoAfonso Cunha
1%
ParáÁgua Azul do Norte
1%
MaranhãoÁgua Doce do Maranhão
1%
Espírito SantoÁgua Doce do Norte
1%
GoiásÁgua Fria de Goiás
1%
Minas GeraisAguanil
1%
Rio Grande do NorteÁgua Nova
1%
Minas GeraisÁguas Formosas
1%
Minas GeraisÁguas Vermelhas
1%
ParaíbaAguiar
1%
Rio Grande do SulAjuricaba
1%
ParaíbaAlagoa Grande
1%
ParaíbaAlagoa Nova
1%
Minas GeraisAlbertina
1%
CearáAlcântaras
1%
ParaíbaAlcantil
1%
MaranhãoAldeias Altas
1%
São PauloAlfredo Marcondes
1%
Minas GeraisAlfredo Vasconcelos
1%
TocantinsAlmas
1%
Rio Grande do SulAlmirante Tamandaré do Sul
1%
GoiásAloândia
1%
Minas GeraisAlpercata
1%
Rio Grande do SulAlpestre
1%
Minas GeraisAlpinópolis
1%
RondôniaAlta Floresta d'Oeste
1%
MaranhãoAltamira do Maranhão
1%
ParanáAltamira do Paraná
1%
CearáAltaneira
1%
MaranhãoAlto Alegre do Maranhão
1%
MaranhãoAlto Alegre do Pindaré
1%
RondôniaAlto Alegre dos Parecis
1%
Mato GrossoAlto Boa Vista
1%
Minas GeraisAlto Caparaó
1%
Rio Grande do NorteAlto do Rodrigues
1%
Mato GrossoAlto Garças
1%
Minas GeraisAlto Jequitibá
1%
Mato GrossoAlto Paraguai
1%
ParanáAlto Piquiri
1%
Minas GeraisAlto Rio Doce
1%
Espírito SantoAlto Rio Novo
1%
Mato GrossoAlto Taquari
1%
Minas GeraisAlvarenga
1%
São PauloÁlvares Florence
1%
São PauloÁlvaro de Carvalho
1%
RondôniaAlvorada d'Oeste
1%
PiauíAlvorada do Gurgueia
1%
MaranhãoAmapá do Maranhão
1%
PernambucoAmaraji
1%
Rio Grande do SulAmaral Ferrador
1%
MaranhãoAmarante do Maranhão
1%
BahiaAmargosa
1%
BahiaAmélia Rodrigues
1%
BahiaAmérica Dourada
1%
GoiásAmericano do Brasil
1%
GoiásAmorinópolis
1%
SergipeAmparo de São Francisco
1%
BahiaAnagé
1%
ParáAnajás
1%
MaranhãoAnajatuba
1%
TocantinsAnanás
1%
MaranhãoAnapurus
1%
Mato Grosso do SulAnastácio
1%
Minas GeraisAngelândia
1%
PernambucoAngelim
1%
BahiaAngical
1%
Rio Grande do NorteAngicos
1%
CearáAntonina do Norte
1%
Minas GeraisAntônio Dias
1%
Mato Grosso do SulAntônio João
1%
GoiásAparecida do Rio Doce
1%
MaranhãoApicum-Açu
1%
CearáApuiarés
1%
SergipeAquidabã
1%
ParaíbaAraçagi
1%
BahiaAraçás
1%
Minas GeraisAracitaba
1%
Minas GeraisAraçuaí
1%
TocantinsAraguacema
1%
TocantinsAraguaçu
1%
Mato GrossoAraguainha
1%
Maranhão | TocantinsAraguanã
1%
GoiásAraguapaz
1%
MaranhãoAraioses
1%
Mato Grosso do SulAral Moreira
1%
MaranhãoArame
1%
São PauloArandu
1%
Minas GeraisArantina
1%
Minas GeraisAraporã
1%
Mato GrossoAraputanga
1%
CearáArarendá
1%
CearáAratuba
1%
SergipeArauá
1%
Minas GeraisAraújos
1%
Minas GeraisArceburgo
1%
Minas GeraisAreado
1%
São PauloAreiópolis
1%
GoiásArenópolis
1%
Minas GeraisArgirita
1%
ParanáAriranha do Ivaí
1%
CearáArneiroz
1%
ParaíbaAroeiras
1%
TocantinsArraias
1%
São PauloAspásia
1%
Minas GeraisAstolfo Dutra
1%
Minas GeraisAtaléia
1%
Espírito SantoAtílio Vivácqua
1%
ParáAugusto Corrêa
1%
Minas GeraisAugusto de Lima
1%
Rio Grande do SulAugusto Pestana
1%
Rio Grande do SulÁurea
1%
GoiásAurilândia
1%
ParáAurora do Pará
1%
GoiásAvelinópolis
1%
MaranhãoBacabeira
1%
MaranhãoBacuri
1%
ParáBagre
1%
Rio Grande do NorteBaía Formosa
1%
BahiaBaianópolis
1%
CearáBaixio
1%
São PauloBalbinos
1%
GoiásBaliza
1%
Minas GeraisBandeira do Sul
1%
São PauloBarão de Antonina
1%
Rio Grande do SulBarão de Cotegipe
1%
MaranhãoBarão de Grajaú
1%
Mato GrossoBarão de Melgaço
1%
Rio Grande do SulBarão do Triunfo
1%
ParanáBarbosa Ferraz
1%
BahiaBarra da Estiva
1%
PernambucoBarra de Guabiraba
1%
ParaíbaBarra de Santa Rosa
1%
AlagoasBarra de Santo Antônio
1%
Espírito SantoBarra de São Francisco
1%
Mato GrossoBarra do Bugres
1%
BahiaBarra do Choça
1%
Rio Grande do SulBarra do Guarita
1%
ParanáBarra do Jacaré
1%
BahiaBarra do Rocha
1%
PiauíBarro Duro
1%
TocantinsBarrolândia
1%
BahiaBarro Preto
1%
CearáBarroquinha
1%
Alagoas | PiauíBatalha
1%
CearáBela Cruz
1%
MaranhãoBelágua
1%
ParanáBela Vista da Caroba
1%
Minas GeraisBela Vista de Minas
1%
ParanáBela Vista do Paraíso
1%
PernambucoBelém de Maria
1%
Minas GeraisBelmiro Braga
1%
BahiaBelo Campo
1%
ParáBelterra
1%
Rio Grande do SulBenjamin Constant do Sul
1%
São PauloBento de Abreu
1%
MaranhãoBequimão
1%
São PauloBernardino de Campos
1%
Minas GeraisBertópolis
1%
Minas GeraisBias Fortes
1%
Minas GeraisBiquinhas
1%
São PauloBoa Esperança do Sul
1%
BahiaBoa Nova
1%
ParanáBoa Ventura de São Roque
1%
ParanáBoa Vista da Aparecida
1%
Rio Grande do SulBoa Vista das Missões
1%
Rio Grande do SulBoa Vista do Buricá
1%
Rio Grande do SulBoa Vista do Cadeado
1%
Rio Grande do SulBoa Vista do Incra
1%
Rio Grande do SulBoa Vista do Sul
1%
AlagoasBoca da Mata
1%
Minas GeraisBocaina de Minas
1%
GoiásBom Jardim de Goiás
1%
Minas GeraisBom Jardim de Minas
1%
BahiaBom Jesus da Serra
1%
MaranhãoBom Jesus das Selvas
1%
GoiásBom Jesus de Goiás
1%
Minas GeraisBom Jesus do Amparo
1%
Minas GeraisBom Jesus do Galho
1%
Pará | TocantinsBom Jesus do Tocantins
1%
Rio Grande do SulBom Progresso
1%
Minas GeraisBom Repouso
1%
Rio Grande do SulBom Retiro do Sul
1%
São PauloBom Sucesso de Itararé
1%
ParanáBom Sucesso do Sul
1%
Minas GeraisBonfinópolis de Minas
1%
Minas GeraisBonito de Minas
1%
GoiásBonópolis
1%
Rio Grande do SulBoqueirão do Leão
1%
SergipeBoquim
1%
São PauloBorebi
1%
Minas GeraisBotelhos
1%
Minas GeraisBotumirim
1%
Rio Grande do SulBozano
1%
AlagoasBranquinha
1%
Minas GeraisBrasilândia de Minas
1%
ParanáBrasilândia do Sul
1%
Mato GrossoBrasnorte
1%
GoiásBrazabrantes
1%
Espírito SantoBrejetuba
1%
ParaíbaBrejo dos Santos
1%
BahiaBrejões
1%
ParáBreu Branco
1%
GoiásBritânia
1%
Rio Grande do SulBrochier
1%
BahiaBrotas de Macaúbas
1%
Minas GeraisBuenópolis
1%
Minas GeraisBugre
1%
ParáBujaru
1%
GoiásBuriti Alegre
1%
MaranhãoBuriti Bravo
1%
MaranhãoBuriticupu
1%
GoiásBuriti de Goiás
1%
PiauíBuriti dos Lopes
1%
GoiásBuritinópolis
1%
AmazonasCaapiranga
1%
ParaíbaCaaporã
1%
RondôniaCabixi
1%
São PauloCabrália Paulista
1%
RondôniaCacaulândia
1%
GoiásCachoeira Alta
1%
Minas GeraisCachoeira da Prata
1%
GoiásCachoeira de Goiás
1%
Minas GeraisCachoeira de Pajeú
1%
ParáCachoeira do Arari
1%
ParáCachoeira do Piriá
1%
ParaíbaCachoeira dos Índios
1%
ParaíbaCacimba de Dentro
1%
ParaíbaCacimbas
1%
AlagoasCacimbinhas
1%
Rio Grande do SulCacique Doble
1%
BahiaCaculé
1%
BahiaCaém
1%
Minas GeraisCaetanópolis
1%
BahiaCafarnaum
1%
ParanáCafeara
1%
ParanáCafezal do Sul
1%
Minas GeraisCaiana
1%
Rio Grande do SulCaibaté
1%
MaranhãoCajapió
1%
MaranhãoCajari
1%
São PauloCajobi
1%
PiauíCajueiro da Praia
1%
Minas GeraisCajuri
1%
PernambucoCalçado
1%
ParaíbaCaldas Brandão
1%
PernambucoCalumbi
1%
BahiaCamacan
1%
Minas GeraisCamacho
1%
ParaíbaCamalaú
1%
BahiaCamamu
1%
Rio Grande do SulCamargo
1%
ParanáCambira
1%
PernambucoCamocim de São Félix
1%
Minas GeraisCampanário
1%
Rio Grande do SulCampestre da Serra
1%
GoiásCampestre de Goiás
1%
GoiásCampinaçu
1%
ParanáCampina da Lagoa
1%
Rio Grande do SulCampina das Missões
1%
São PauloCampina do Monte Alegre
1%
ParanáCampina do Simão
1%
Mato GrossoCampinápolis
1%
Rio Grande do SulCampinas do Sul
1%
GoiásCampinorte
1%
GoiásCampo Alegre de Goiás
1%
BahiaCampo Alegre de Lourdes
1%
SergipeCampo do Brito
1%
Minas GeraisCampo do Meio
1%
GoiásCampo Limpo de Goiás
1%
RondôniaCampo Novo de Rondônia
1%
Mato GrossoCampo Novo do Parecis
1%
Mato GrossoCampos de Júlio
1%
São PauloCampos Novos Paulista
1%
GoiásCampos Verdes
1%
PernambucoCamutanga
1%
Mato GrossoCanabrava do Norte
1%
AlagoasCanapi
1%
Bahia | Mato GrossoCanarana
1%
Minas GeraisCana Verde
1%
RondôniaCandeias do Jamari
1%
ParanáCândido de Abreu
1%
Rio Grande do SulCândido Godói
1%
São PauloCândido Rodrigues
1%
BahiaCândido Sales
1%
Rio Grande do NorteCanguaretama
1%
SergipeCanhoba
1%
PernambucoCanhotinho
1%
São PauloCanitar
1%
Rio Grande do SulCapão Bonito do Sul
1%
Rio Grande do SulCapão do Cipó
1%
Rio Grande do SulCapela de Santana
1%
Minas GeraisCapetinga
1%
Minas GeraisCapim Branco
1%
Minas GeraisCapinópolis
1%
CearáCapistrano
1%
Minas GeraisCapitão Enéas
1%
ParanáCapitão Leônidas Marques
1%
PernambucoCapoeiras
1%
BahiaCaraíbas
1%
Paraíba | Rio Grande do NorteCaraúbas
1%
Minas GeraisCarbonita
1%
Minas GeraisCareaçu
1%
BahiaCarinhanha
1%
SergipeCarira
1%
CearáCariré
1%
CearáCaririaçu
1%
Mato GrossoCarlinda
1%
Rio Grande do SulCarlos Gomes
1%
Minas GeraisCarmo da Cachoeira
1%
Minas GeraisCarmo da Mata
1%
Minas GeraisCarmo de Minas
1%
Minas GeraisCarmo do Paranaíba
1%
GoiásCarmo do Rio Verde
1%
Minas GeraisCarmópolis de Minas
1%
PernambucoCarnaíba
1%
PernambucoCarnaubeira da Penha
1%
ParaíbaCarrapateira
1%
MaranhãoCarutapera
1%
Minas GeraisCarvalhópolis
1%
Minas GeraisCarvalhos
1%
Minas GeraisCasa Grande
1%
Minas GeraisCascalho Rico
1%
Rio Grande do SulCaseiros
1%
PernambucoCasinhas
1%
São PauloCássia dos Coqueiros
1%
RondôniaCastanheiras
1%
GoiásCastelândia
1%
PiauíCastelo do Piauí
1%
Minas GeraisCatas Altas da Noruega
1%
PernambucoCatende
1%
São PauloCatiguá
1%
ParaíbaCatingueira
1%
Rio Grande do SulCatuípe
1%
Minas GeraisCatuji
1%
CearáCatunda
1%
GoiásCaturaí
1%
Minas GeraisCatuti
1%
SergipeCedro de São João
1%
Minas GeraisCedro do Abaeté
1%
ParanáCentenário do Sul
1%
Minas GeraisCentral de Minas
1%
MaranhãoCentral do Maranhão
1%
MaranhãoCentro do Guilherme
1%
MaranhãoCentro Novo do Maranhão
1%
Rio Grande do SulCerrito
1%
Rio Grande do SulCerro Branco
1%
Rio Grande do NorteCerro Corá
1%
Rio Grande do SulCerro Grande
1%
Rio Grande do SulCerro Grande do Sul
1%
GoiásCezarina
1%
Minas GeraisChácara
1%
PernambucoChã de Alegria
1%
PernambucoChã Grande
1%
Minas GeraisChalé
1%
Minas GeraisChapada do Norte
1%
Minas GeraisChapada Gaúcha
1%
AlagoasChã Preta
1%
Rio Grande do SulCharrua
1%
CearáChaval
1%
Minas GeraisChiador
1%
Rio Grande do SulChiapetta
1%
RondôniaChupinguaia
1%
Rio Grande do SulChuvisca
1%
BahiaCícero Dantas
1%
Rio Grande do SulCiríaco
1%
Minas GeraisClaraval
1%
BahiaCoaraci
1%
Mato GrossoCocalinho
1%
MaranhãoCoelho Neto
1%
AlagoasCoité do Noia
1%
ParáColares
1%
GoiásColinas do Sul
1%
TocantinsColméia
1%
AlagoasColônia Leopoldina
1%
Minas GeraisColuna
1%
TocantinsCombinado
1%
Minas GeraisComendador Gomes
1%
Minas GeraisComercinho
1%
Minas GeraisConceição da Aparecida
1%
Minas GeraisConceição de Ipanema
1%
Espírito SantoConceição do Castelo
1%
BahiaConceição do Jacuípe
1%
Minas GeraisConceição do Pará
1%
Minas GeraisConceição do Rio Verde
1%
Minas GeraisConceição dos Ouros
1%
ParáConcórdia do Pará
1%
Rio Grande do SulCondor
1%
Minas GeraisCongonhas do Norte
1%
ParanáCongonhinhas
1%
ParanáConselheiro Mairinck
1%
Minas GeraisConselheiro Pena
1%
Minas GeraisConsolação
1%
Rio Grande do SulConstantina
1%
Rio Grande do SulCoqueiros do Sul
1%
AlagoasCoqueiro Seco
1%
Minas GeraisCoração de Jesus
1%
BahiaCordeiros
1%
CearáCoreaú
1%
ParaíbaCoremas
1%
BahiaCoribe
1%
MaranhãoCoroatá
1%
Rio Grande do SulCoronel Barros
1%
ParanáCoronel Domingos Soares
1%
São PauloCoronel Macedo
1%
Minas GeraisCoronel Murta
1%
Minas GeraisCoronel Pacheco
1%
Rio Grande do SulCoronel Pilar
1%
Mato Grosso do SulCoronel Sapucaia
1%
Minas GeraisCoronel Xavier Chaves
1%
GoiásCórrego do Ouro
1%
Minas GeraisCórrego Fundo
1%
Minas GeraisCórrego Novo
1%
PernambucoCortês
1%
ParanáCorumbataí do Sul
1%
RondôniaCorumbiara
1%
RondôniaCosta Marques
1%
BahiaCotegipe
1%
Mato GrossoCotriguaçu
1%
Rio Grande do SulCoxilha
1%
ParaíbaCoxixola
1%
AlagoasCraíbas
1%
São PauloCristais Paulista
1%
TocantinsCristalândia
1%
Rio Grande do SulCristal do Sul
1%
Minas GeraisCristália
1%
SergipeCristinápolis
1%
BahiaCristópolis
1%
GoiásCromínia
1%
Minas GeraisCrucilândia
1%
Rio Grande do SulCruzaltense
1%
ParaíbaCruz do Espírito Santo
1%
Minas GeraisCruzeiro da Fortaleza
1%
ParanáCruzeiro do Iguaçu
1%
ParaíbaCuité
1%
RondôniaCujubim
1%
GoiásCumari
1%
ParáCumaru do Norte
1%
SergipeCumbe
1%
Minas GeraisCuparaque
1%
PernambucoCupira
1%
BahiaCuraçá
1%
ParáCurionópolis
1%
ParaíbaCurral Velho
1%
ParáCuruá
1%
ParáCuruçá
1%
MaranhãoCururupu
1%
GoiásDamianópolis
1%
ParaíbaDamião
1%
GoiásDamolândia
1%
Minas GeraisDatas
1%
Rio Grande do SulDavid Canabarro
1%
Mato Grosso do SulDeodápolis
1%
CearáDeputado Irapuan Pinheiro
1%
Rio Grande do SulDerrubadas
1%
Minas GeraisDescoberto
1%
ParanáDiamante d'Oeste
1%
TocantinsDianópolis
1%
Rio Grande do SulDilermando de Aguiar
1%
GoiásDiorama
1%
SergipeDivina Pastora
1%
Minas GeraisDivinésia
1%
Minas GeraisDivino das Laranjeiras
1%
Espírito SantoDivino de São Lourenço
1%
Minas GeraisDivinolândia de Minas
1%
GoiásDivinópolis de Goiás
1%
Minas GeraisDivisa Alegre
1%
São PauloDobrada
1%
Rio Grande do SulDois Irmãos das Missões
1%
Mato Grosso do SulDois Irmãos do Buriti
1%
Rio Grande do SulDois Lajeados
1%
AlagoasDois Riachos
1%
São PauloDolcinópolis
1%
Mato GrossoDom Aquino
1%
Minas GeraisDom Cavati
1%
Rio Grande do SulDom Feliciano
1%
Minas GeraisDom Joaquim
1%
Rio Grande do SulDom Pedro de Alcântara
1%
Minas GeraisDom Silvério
1%
Minas GeraisDom Viçoso
1%
Minas GeraisDona Euzébia
1%
ParaíbaDona Inês
1%
Minas GeraisDores de Campos
1%
Minas GeraisDores de Guanhães
1%
Espírito SantoDores do Rio Preto
1%
Minas GeraisDouradoquara
1%
Rio Grande do SulDoutor Maurício Cardoso
1%
Rio Grande do SulDoutor Ricardo
1%
GoiásDoverlândia
1%
MaranhãoDuque Bacelar
1%
São PauloEchaporã
1%
GoiásEdealina
1%
GoiásEdéia
1%
ParáEldorado do Carajás
1%
São PauloElisiário
1%
Minas GeraisElói Mendes
1%
ParaíbaEmas
1%
São PauloEmbaúba
1%
São PauloEmilianópolis
1%
ParanáEnéas Marques
1%
Minas GeraisEngenheiro Navarro
1%
Rio Grande do SulEngenho Velho
1%
ParanáEntre Rios do Oeste
1%
Rio Grande do SulEntre Rios do Sul
1%
Rio Grande do SulErebango
1%
Rio Grande do SulErval Grande
1%
Minas GeraisErvália
1%
Rio Grande do SulErval Seco
1%
Minas GeraisEspera Feliz
1%
Rio Grande do SulEsperança do Sul
1%
ParanáEsperança Nova
1%
MaranhãoEsperantinópolis
1%
ParanáEspigão Alto do Iguaçu
1%
Minas GeraisEspinosa
1%
São PauloEspírito Santo do Turvo
1%
BahiaEsplanada
1%
Rio Grande do SulEstação
1%
AlagoasEstrela de Alagoas
1%
Minas GeraisEstrela do Indaiá
1%
Rio Grande do SulEstrela Velha
1%
Minas GeraisEwbank da Câmara
1%
Rio Grande do SulFagundes Varela
1%
Minas GeraisFama
1%
Rio Grande do SulFaxinalzinho
1%
Rio Grande do SulFazenda Vilanova
1%
BahiaFeira da Mata
1%
AlagoasFeira Grande
1%
Minas GeraisFelisburgo
1%
AlagoasFeliz Deserto
1%
ParanáFernandes Pinheiro
1%
MaranhãoFernando Falcão
1%
São PauloFernando Prestes
1%
Mato Grosso do SulFigueirão
1%
TocantinsFigueirópolis
1%
GoiásFirminópolis
1%
AlagoasFlexeiras
1%
Rio Grande do NorteFlorânia
1%
ParanáFlor da Serra do Sul
1%
São PauloFloreal
1%
GoiásFlores de Goiás
1%
PiauíFlores do Piauí
1%
BahiaFloresta Azul
1%
ParáFloresta do Araguaia
1%
ParanáFlorestópolis
1%
São PauloFlorínea
1%
ParanáFormosa do Oeste
1%
TocantinsFormoso do Araguaia
1%
Rio Grande do SulForquetinha
1%
Minas GeraisFortaleza de Minas
1%
MaranhãoFortaleza dos Nogueiras
1%
Minas GeraisFortuna de Minas
1%
Minas GeraisFrancisco Badaró
1%
Minas GeraisFrancisco Dumont
1%
Minas GeraisFranciscópolis
1%
Minas GeraisFrancisco Sá
1%
CearáFrecheirinha
1%
Minas GeraisFrei Gaspar
1%
Minas GeraisFrei Inocêncio
1%
Minas GeraisFrei Lagonegro
1%
PernambucoFrei Miguelinho
1%
Minas GeraisFruta de Leite
1%
Minas GeraisFunilândia
1%
ParaíbaGado Bravo
1%
Minas GeraisGalileia
1%
Rio Grande do NorteGalinhos
1%
GoiásGameleira de Goiás
1%
Minas GeraisGameleiras
1%
BahiaGandu
1%
SergipeGararu
1%
ParáGarrafão do Norte
1%
Rio Grande do SulGarruchos
1%
São PauloGastão Vidigal
1%
Mato GrossoGaúcha do Norte
1%
Rio Grande do SulGaurama
1%
Rio Grande do SulGeneral Câmara
1%
SergipeGeneral Maynard
1%
São PauloGeneral Salgado
1%
CearáGeneral Sampaio
1%
Rio Grande do SulGentil
1%
PiauíGilbués
1%
AlagoasGirau do Ponciano
1%
Rio Grande do SulGiruá
1%
Mato Grosso do SulGlória de Dourados
1%
PernambucoGlória do Goitá
1%
ParanáGodoy Moreira
1%
GoiásGoiandira
1%
ParáGoianésia do Pará
1%
TocantinsGoiatins
1%
ParanáGoioxim
1%
MaranhãoGonçalves Dias
1%
BahiaGongogi
1%
Minas GeraisGonzaga
1%
GoiásGouvelândia
1%
Rio Grande do NorteGovernador Dix-Sept Rosado
1%
MaranhãoGovernador Edison Lobão
1%
RondôniaGovernador Jorge Teixeira
1%
Espírito SantoGovernador Lindenberg
1%
MaranhãoGovernador Newton Bello
1%
SergipeGraccho Cardoso
1%
Rio Grande do SulGramado dos Loureiros
1%
Rio Grande do SulGramado Xavier
1%
ParanáGrandes Rios
1%
PernambucoGranito
1%
CearáGranjeiro
1%
CearáGroaíras
1%
Rio Grande do NorteGrossos
1%
Minas GeraisGrupiara
1%
Rio Grande do SulGuabiju
1%
Espírito SantoGuaçuí
1%
São PauloGuaiçara
1%
São PauloGuaimbê
1%
ParanáGuairaçá
1%
CearáGuaiúba
1%
Rio Grande do NorteGuamaré
1%
ParanáGuamiranga
1%
São PauloGuapiara
1%
ParanáGuapirama
1%
ParanáGuaporema
1%
CearáGuaraciaba do Norte
1%
Minas GeraisGuaraciama
1%
GoiásGuaraíta
1%
Minas GeraisGuaranésia
1%
Rio Grande do SulGuarani das Missões
1%
GoiásGuarani de Goiás
1%
São PauloGuarani d'Oeste
1%
BahiaGuaratinga
1%
São PauloGuareí
1%
GoiásGuarinos
1%
Mato Grosso do SulGuia Lopes da Laguna
1%
Minas GeraisGuimarânia
1%
Mato GrossoGuiratinga
1%
Minas GeraisGurinhatã
1%
ParaíbaGurjão
1%
ParáGurupá
1%
GoiásHeitoraí
1%
Minas GeraisHeliodora
1%
Rio Grande do SulHerveiras
1%
GoiásHidrolina
1%
MaranhãoHumberto de Campos
1%
GoiásIaciara
1%
São PauloIacri
1%
BahiaIaçu
1%
Minas GeraisIapu
1%
São PauloIaras
1%
CearáIbaretama
1%
AlagoasIbateguara
1%
Espírito SantoIbatiba
1%
Rio Grande do SulIbiaçá
1%
Minas GeraisIbiaí
1%
CearáIbiapina
1%
BahiaIbiassucê
1%
BahiaIbicuí
1%
Espírito SantoIbiraçu
1%
Rio Grande do SulIbiraiaras
1%
Rio Grande do SulIbirapuitã
1%
São PauloIbirarema
1%
Espírito SantoIbitirama
1%
Minas GeraisIbitiúra de Minas
1%
ParanáIcaraíma
1%
MaranhãoIcatu
1%
BahiaIchu
1%
AlagoasIgaci
1%
São PauloIgaraçu do Tietê
1%
ParáIgarapé-Açu
1%
ParáIgarapé-Miri
1%
Minas GeraisIgaratinga
1%
BahiaIguaí
1%
PernambucoIguaracy
1%
Minas GeraisIguatama
1%
SergipeIlha das Flores
1%
Minas GeraisIlicínea
1%
Rio Grande do SulIlópolis
1%
ParaíbaImaculada
1%
ParanáImbaú
1%
Rio Grande do SulImigrante
1%
GoiásInaciolândia
1%
ParanáInácio Martins
1%
Minas GeraisInconfidentes
1%
São PauloIndiaporã
1%
GoiásIndiara
1%
SergipeIndiaroba
1%
ParáInhangapi
1%
AlagoasInhapi
1%
Minas GeraisInhapim
1%
Minas GeraisInhaúma
1%
São PauloInúbia Paulista
1%
CearáIpaporanga
1%
CearáIpaumirim
1%
São PauloIpaussu
1%
São PauloIpeúna
1%
Minas GeraisIpiaçu
1%
BahiaIpiaú
1%
São PauloIpiguá
1%
GoiásIpiranga de Goiás
1%
Mato GrossoIpiranga do Norte
1%
Rio Grande do SulIpiranga do Sul
1%
Ceará | TocantinsIpueiras
1%
Minas GeraisIpuiuna
1%
ParanáIracema do Oeste
1%
Minas GeraisIraí de Minas
1%
São PauloIrapuru
1%
BahiaIrará
1%
CearáIrauçuba
1%
ParáIrituia
1%
Espírito SantoIrupi
1%
GoiásIsraelândia
1%
BahiaItabela
1%
Minas GeraisItacarambi
1%
Rio Grande do SulItacurubi
1%
BahiaItaetê
1%
BahiaItagi
1%
ParanáItaguajé
1%
Minas GeraisItaguara
1%
GoiásItaguari
1%
GoiásItaguaru
1%
PernambucoItaíba
1%
CearáItaiçaba
1%
Minas GeraisItaipé
1%
São PauloItajobi
1%
BahiaItajuípe
1%
Minas GeraisItamarandiba
1%
Minas GeraisItambacuri
1%
ParanáItambaracá
1%
Minas GeraisItamogi
1%
Mato GrossoItanhangá
1%
Minas GeraisItaobim
1%
GoiásItapaci
1%
Minas GeraisItapagipe
1%
MaranhãoItapecuru-Mirim
1%
ParanáItapejara d'Oeste
1%
PernambucoItapetim
1%
BahiaItapicuru
1%
São PauloItapirapuã Paulista
1%
PernambucoItapissuma
1%
CearáItapiúna
1%
SergipeItaporanga d'Ajuda
1%
RondôniaItapuã do Oeste
1%
São PauloItapuí
1%
GoiásItapuranga
1%
BahiaItaquara
1%
Mato Grosso do SulItaquiraí
1%
PernambucoItaquitinga
1%
Espírito SantoItarana
1%
GoiásItarumã
1%
Minas GeraisItatiaiuçu
1%
ParaíbaItatuba
1%
ParanáItaúna do Sul
1%
MaranhãoItinga do Maranhão
1%
Mato GrossoItiquira
1%
São PauloItirapuã
1%
São PauloItobi
1%
BahiaItororó
1%
BahiaItuaçu
1%
BahiaItuberá
1%
Minas GeraisItutinga
1%
BahiaIuiú
1%
ParanáIvaté
1%
ParanáIvatuba
1%
GoiásIvolândia
1%
Rio Grande do SulIvorá
1%
AlagoasJacaré dos Homens
1%
Rio Grande do SulJacuizinho
1%
BahiaJaguaquara
1%
Minas GeraisJaguaraçu
1%
CearáJaguaretama
1%
CearáJaguaruana
1%
Minas GeraisJampruca
1%
ParanáJaniópolis
1%
SergipeJaparatuba
1%
ParanáJapira
1%
SergipeJapoatã
1%
Minas GeraisJaponvar
1%
Mato Grosso do SulJaporã
1%
Mato Grosso do SulJaraguari
1%
ParanáJardim Alegre
1%
Rio Grande do NorteJardim do Seridó
1%
PernambucoJataúba
1%
Mato Grosso do SulJateí
1%
GoiásJaupaci
1%
Mato GrossoJauru
1%
BahiaJeremoabo
1%
São PauloJeriquara
1%
Espírito SantoJerônimo Monteiro
1%
GoiásJesúpolis
1%
Minas GeraisJoaíma
1%
Minas GeraisJoanésia
1%
PernambucoJoão Alfredo
1%
Rio Grande do NorteJoão Câmara
1%
Espírito SantoJoão Neiva
1%
São PauloJoão Ramalho
1%
AlagoasJoaquim Gomes
1%
PernambucoJoaquim Nabuco
1%
MaranhãoJoselândia
1%
Minas GeraisJosenópolis
1%
Minas GeraisJosé Raydan
1%
GoiásJoviânia
1%
ParaíbaJuazeirinho
1%
PernambucoJucati
1%
Rio Grande do NorteJucurutu
1%
São PauloJúlio Mesquita
1%
São PauloJumirim
1%
ParaíbaJunco do Seridó
1%
ParanáJundiaí do Sul
1%
Minas GeraisJuramento
1%
Minas GeraisJuruaia
1%
Mato GrossoJuruena
1%
ParáJuruti
1%
Mato GrossoJuscimeira
1%
Minas GeraisJuvenília
1%
Minas GeraisLadainha
1%
Rio Grande do SulLagoa Bonita do Sul
1%
ParaíbaLagoa de Dentro
1%
PernambucoLagoa de Itaenga
1%
MaranhãoLagoa do Mato
1%
PernambucoLagoa do Ouro
1%
PernambucoLagoa dos Gatos
1%
Rio Grande do SulLagoa dos Três Cantos
1%
Minas GeraisLagoa Formosa
1%
Rio Grande do NorteLagoa Nova
1%
ParaíbaLagoa Seca
1%
MaranhãoLago Verde
1%
Mato Grosso do SulLaguna Carapã
1%
Rio Grande do SulLajeado do Bugre
1%
BahiaLajedão
1%
Minas GeraisLajinha
1%
BahiaLapão
1%
Espírito SantoLaranja da Terra
1%
Minas GeraisLassance
1%
Minas GeraisLeandro Ferreira
1%
GoiásLeopoldo de Bulhões
1%
ParanáLeópolis
1%
Rio Grande do SulLiberato Salzano
1%
ParanáLidianópolis
1%
MaranhãoLima Campos
1%
AlagoasLimoeiro de Anadia
1%
ParanáLindoeste
1%
Rio Grande do SulLinha Nova
1%
BahiaLivramento de Nossa Senhora
1%
MaranhãoLoreto
1%
Mato GrossoLuciara
1%
Minas GeraisLuislândia
1%
Minas GeraisLuminárias
1%
ParanáLunardelli
1%
ParanáLupionópolis
1%
São PauloLutécia
1%
PiauíLuzilândia
1%
Rio Grande do SulMaçambará
1%
SergipeMacambira
1%
PernambucoMacaparana
1%
São PauloMacatuba
1%
São PauloMacaubal
1%
BahiaMacaúbas
1%
Minas GeraisMachacalis
1%
RondôniaMachadinho d'Oeste
1%
PernambucoMachados
1%
PiauíMadeiro
1%
Minas GeraisMadre de Deus de Minas
1%
ParáMãe do Rio
1%
ParáMagalhães Barata
1%
São PauloMagda
1%
GoiásMairipotaba
1%
Minas GeraisMalacacheta
1%
BahiaMalhada
1%
SergipeMalhada dos Bois
1%
SergipeMalhador
1%
GoiásMambaí
1%
ParanáMamborê
1%
Minas GeraisMamonas
1%
Rio Grande do SulMampituba
1%
ParaíbaManaíra
1%
AmazonasManaquiri
1%
São PauloManduri
1%
ParanáManfrinópolis
1%
Minas GeraisManhumirim
1%
ParanáManoel Ribas
1%
BahiaManoel Vitorino
1%
BahiaMansidão
1%
Espírito SantoMantenópolis
1%
MaranhãoMaracaçumé
1%
BahiaMaracás
1%
BahiaMaragogipe
1%
PernambucoMaraial
1%
MaranhãoMarajá do Sena
1%
MaranhãoMaranhãozinho
1%
ParáMarapanim
1%
São PauloMarapoama
1%
GoiásMara Rosa
1%
Minas GeraisMaravilhas
1%
ParaíbaMarcação
1%
Mato GrossoMarcelândia
1%
Rio Grande do SulMarcelino Ramos
1%
PiauíMarcolândia
1%
Minas GeraisMaria da Fé
1%
ParanáMaria Helena
1%
Rio Grande do SulMariana Pimentel
1%
Rio Grande do SulMariano Moro
1%
AlagoasMaribondo
1%
Minas GeraisMarilac
1%
ParanáMarilândia do Sul
1%
ParanáMarilena
1%
ParanáMariluz
1%
São PauloMarinópolis
1%
Minas GeraisMário Campos
1%
Minas GeraisMaripá de Minas
1%
Minas GeraisMarliéria
1%
Minas GeraisMarmelópolis
1%
ParanáMarquinho
1%
Minas GeraisMartinho Campos
1%
CearáMartinópole
1%
SergipeMaruim
1%
ParanáMarumbi
1%
AlagoasMar Vermelho
1%
CearáMassapê
1%
AlagoasMata Grande
1%
ParaíbaMataraca
1%
MaranhãoMata Roma
1%
Minas GeraisMata Verde
1%
TocantinsMateiros
1%
Minas GeraisMatias Barbosa
1%
Minas GeraisMatias Cardoso
1%
MaranhãoMatinha
1%
Minas GeraisMatipó
1%
Rio Grande do SulMato Castelhano
1%
MaranhãoMatões
1%
MaranhãoMatões do Norte
1%
Rio Grande do SulMato Queimado
1%
GoiásMatrinchã
1%
AlagoasMatriz de Camaragibe
1%
Mato GrossoMatupá
1%
Minas GeraisMatutina
1%
Rio Grande do NorteMaxaranguape
1%
Rio Grande do SulMaximiliano de Almeida
1%
Minas GeraisMedina
1%
Minas GeraisMercês
1%
São PauloMeridiano
1%
CearáMeruoca
1%
São PauloMesópolis
1%
AlagoasMessias
1%
GoiásMimoso de Goiás
1%
AlagoasMinador do Negrão
1%
Minas GeraisMinduri
1%
RondôniaMinistro Andreazza
1%
Minas GeraisMirabela
1%
Minas GeraisMiradouro
1%
São PauloMira Estrela
1%
CearáMiraíma
1%
MaranhãoMiranda do Norte
1%
TocantinsMiranorte
1%
ParanáMiraselva
1%
Mato GrossoMirassol d'Oeste
1%
GoiásMoiporá
1%
SergipeMoita Bonita
1%
ParáMojuí dos Campos
1%
São PauloMombuca
1%
São PauloMonções
1%
Minas GeraisMonjolos
1%
Minas GeraisMonsenhor Paulo
1%
CearáMonsenhor Tabosa
1%
Minas GeraisMontalvânia
1%
Rio Grande do NorteMontanhas
1%
GoiásMonte Alegre de Goiás
1%
SergipeMonte Alegre de Sergipe
1%
Rio Grande do SulMonte Alegre dos Campos
1%
Rio Grande do SulMonte Belo do Sul
1%
ParaíbaMonte Horebe
1%
MaranhãoMontes Altos
1%
Minas GeraisMonte Santo de Minas
1%
GoiásMontes Claros de Goiás
1%
Minas GeraisMontezuma
1%
GoiásMontividiu do Norte
1%
Minas GeraisMorada Nova de Minas
1%
CearáMoraújo
1%
PernambucoMoreilândia
1%
ParanáMoreira Sales
1%
Rio Grande do SulMormaço
1%
Rio Grande do SulMorrinhos do Sul
1%
GoiásMorro Agudo de Goiás
1%
Minas GeraisMorro da Garça
1%
BahiaMorro do Chapéu
1%
Minas GeraisMorro do Pilar
1%
GoiásMossâmedes
1%
São PauloMotuca
1%
ParáMuaná
1%
CearáMucambo
1%
Espírito SantoMucurici
1%
Rio Grande do SulMuitos Capões
1%
Espírito SantoMuniz Freire
1%
SergipeMuribeca
1%
BahiaMuritiba
1%
São PauloMurutinga do Sul
1%
GoiásMutunópolis
1%
Minas GeraisNaque
1%
Minas GeraisNatalândia
1%
Minas GeraisNatércia
1%
PernambucoNazaré da Mata
1%
Minas GeraisNazareno
1%
GoiásNazário
1%
SergipeNeópolis
1%
Rio Grande do SulNicolau Vergueiro
1%
Minas GeraisNinheira
1%
São PauloNipoã
1%
SergipeNossa Senhora de Lourdes
1%
Mato GrossoNossa Senhora do Livramento
1%
ParanáNova Aliança do Ivaí
1%
Mato Grosso do SulNova Alvorada do Sul
1%
ParanáNova América da Colina
1%
Rio Grande do SulNova Boa Vista
1%
Mato GrossoNova Brasilândia
1%
São PauloNova Canaã Paulista
1%
Rio Grande do SulNova Candelária
1%
ParanáNova Cantu
1%
ParanáNova Esperança do Sudoeste
1%
Rio Grande do SulNova Esperança do Sul
1%
Bahia | ParanáNova Fátima
1%
ParaíbaNova Floresta
1%
GoiásNova Glória
1%
GoiásNova Iguaçu de Goiás
1%
ParáNova Ipixuna
1%
São PauloNovais
1%
Mato GrossoNova Lacerda
1%
São PauloNova Luzitânia
1%
RondôniaNova Mamoré
1%
Mato GrossoNova Maringá
1%
Minas GeraisNova Módica
1%
Mato GrossoNova Monte Verde
1%
Mato GrossoNova Nazaré
1%
Rio Grande do SulNova Palma
1%
Minas GeraisNova Porteirinha
1%
ParanáNova Prata do Iguaçu
1%
Minas GeraisNova Resende
1%
ParanáNova Santa Bárbara
1%
Mato GrossoNova Santa Helena
1%
ParanáNova Tebas
1%
Mato GrossoNova Ubiratã
1%
Mato GrossoNova Xavantina
1%
Rio Grande do SulNovo Cabrais
1%
Minas GeraisNovo Cruzeiro
1%
Mato Grosso do SulNovo Horizonte do Sul
1%
ParanáNovo Itacolomi
1%
AlagoasNovo Lino
1%
GoiásNovo Planalto
1%
Rio Grande do SulNovo Tiradentes
1%
BahiaNovo Triunfo
1%
Rio Grande do SulNovo Xingu
1%
CearáOcara
1%
São PauloOcauçu
1%
ParáOeiras do Pará
1%
AlagoasOlho d'Água das Flores
1%
Minas GeraisOlhos-d'Água
1%
Minas GeraisOnça de Pitangui
1%
São PauloOrindiúva
1%
Minas GeraisOrizânia
1%
São PauloOscar Bressane
1%
ParáOurém
1%
ParáOurilândia do Norte
1%
BahiaOurolândia
1%
RondôniaOuro Preto do Oeste
1%
GoiásOuro Verde de Goiás
1%
GoiásOuvidor
1%
ParáPacajá
1%
CearáPacujá
1%
Minas GeraisPadre Paraíso
1%
Rio Grande do SulPaim Filho
1%
Minas GeraisPains
1%
Minas GeraisPai Pedro
1%
Minas GeraisPaiva
1%
GoiásPalestina de Goiás
1%
ParáPalestina do Pará
1%
CearáPalhano
1%
CearáPalmácia
1%
São PauloPalmares Paulista
1%
GoiásPalmeiras de Goiás
1%
PernambucoPalmeirina
1%
GoiásPalmelo
1%
GoiásPalminópolis
1%
Rio Grande do SulPalmitinho
1%
PernambucoPanelas
1%
AlagoasPão de Açúcar
1%
CearáParacuru
1%
CearáParaipaba
1%
Mato Grosso do SulParaíso das Águas
1%
ParanáParaíso do Norte
1%
CearáParambu
1%
CearáParamoti
1%
GoiásParanaiguara
1%
Mato GrossoParanaíta
1%
ParanáParanapoema
1%
São PauloParanapuã
1%
PernambucoParanatama
1%
Mato GrossoParanatinga
1%
Mato Grosso do SulParanhos
1%
São PauloParapuã
1%
BahiaParatinga
1%
GoiásParaúna
1%
Rio Grande do NorteParazinho
1%
Rio Grande do SulPareci Novo
1%
RondôniaParecis
1%
AlagoasPariconha
1%
São PauloParisi
1%
MaranhãoParnarama
1%
MaranhãoPassagem Franca
1%
PiauíPassagem Franca do Piauí
1%
Minas GeraisPassa Vinte
1%
PernambucoPassira
1%
AlagoasPasso de Camaragibe
1%
Rio Grande do SulPasso do Sobrado
1%
MaranhãoPastos Bons
1%
Rio Grande do NortePatu
1%
ParanáPaula Freitas
1%
MaranhãoPaulino Neves
1%
São PauloPaulo de Faria
1%
ParanáPaulo Frontin
1%
Rio Grande do SulPaverama
1%
ParanáPeabiru
1%
Minas GeraisPeçanha
1%
Minas GeraisPedra Bonita
1%
Minas GeraisPedra do Indaiá
1%
Minas GeraisPedralva
1%
SergipePedra Mole
1%
São PauloPedranópolis
1%
Rio Grande do SulPedras Altas
1%
Minas GeraisPedras de Maria da Cruz
1%
São PauloPedrinhas Paulista
1%
Minas GeraisPedrinópolis
1%
TocantinsPedro Afonso
1%
Espírito SantoPedro Canário
1%
Mato Grosso do SulPedro Gomes
1%
ParáPeixe-Boi
1%
Mato GrossoPeixoto de Azevedo
1%
Rio Grande do SulPejuçara
1%
MaranhãoPenalva
1%
Minas GeraisPequeri
1%
TocantinsPequizeiro
1%
CearáPereiro
1%
Minas GeraisPeriquito
1%
MaranhãoPeritoró
1%
ParanáPerobal
1%
ParanáPérola d'Oeste
1%
GoiásPerolândia
1%
Minas GeraisPescador
1%
AlagoasPiaçabuçu
1%
ParaíbaPiancó
1%
ParaíbaPicuí
1%
Minas GeraisPiedade de Caratinga
1%
Minas GeraisPiedade dos Gerais
1%
GoiásPilar de Goiás
1%
Paraíba | Rio Grande do NortePilões
1%
RondôniaPimenteiras do Oeste
1%
BahiaPindaí
1%
AlagoasPindoba
1%
Rio Grande do SulPinhal da Serra
1%
ParanáPinhal de São Bento
1%
Rio Grande do SulPinhal Grande
1%
PiauíPio IX
1%
MaranhãoPio XII
1%
São PauloPiquerobi
1%
PiauíPiracuruca
1%
Minas GeraisPirajuba
1%
Minas GeraisPiranga
1%
São PauloPirangi
1%
Minas GeraisPiranguçu
1%
Minas GeraisPiranguinho
1%
Minas GeraisPirapetinga
1%
Minas GeraisPiraúba
1%
CearáPires Ferreira
1%
BahiaPiripá
1%
ParáPlacas
1%
ParanáPlanaltina do Paraná
1%
BahiaPlanaltino
1%
Minas GeraisPlanura
1%
ParaíbaPocinhos
1%
Rio Grande do SulPoço das Antas
1%
SergipePoço Redondo
1%
SergipePoço Verde
1%
Minas GeraisPocrane
1%
Minas GeraisPompéu
1%
São PauloPongaí
1%
ParáPonta de Pedras
1%
São PauloPontalinda
1%
Rio Grande do SulPontão
1%
Mato GrossoPonte Branca
1%
São PauloPontes Gestal
1%
Espírito SantoPonto Belo
1%
Minas GeraisPonto Chique
1%
São PauloPorangaba
1%
Rio Grande do NortePortalegre
1%
GoiásPorteirão
1%
GoiásPortelândia
1%
Mato GrossoPorto Alegre do Norte
1%
ParanáPorto Barreiro
1%
SergipePorto da Folha
1%
ParáPorto de Moz
1%
AlagoasPorto de Pedras
1%
Mato GrossoPorto dos Gaúchos
1%
Mato GrossoPorto Esperidião
1%
Mato GrossoPorto Estrela
1%
MaranhãoPorto Franco
1%
Rio Grande do SulPorto Mauá
1%
AlagoasPorto Real do Colégio
1%
ParanáPorto Vitória
1%
CearáPotiretama
1%
Minas GeraisPouso Alto
1%
Rio Grande do SulPouso Novo
1%
Mato GrossoPoxoréu
1%
São PauloPracinha
1%
ParanáPrado Ferreira
1%
Minas GeraisPrados
1%
ParanáPranchita
1%
São PauloPratânia
1%
Minas GeraisPratápolis
1%
BahiaPresidente Jânio Quadros
1%
BahiaPresidente Tancredo Neves
1%
MaranhãoPrimeira Cruz
1%
GoiásProfessor Jamil
1%
Rio Grande do SulProtásio Alves
1%
TocantinsPugmil
1%
Rio Grande do NortePureza
1%
Minas GeraisQuartel Geral
1%
ParanáQuarto Centenário
1%
ParanáQuatiguá
1%
ParáQuatipuru
1%
Rio Grande do SulQuatro Irmãos
1%
AlagoasQuebrangulo
1%
Rio Grande do SulQuevedos
1%
ParanáQuinta do Sol
1%
São PauloQuintana
1%
PernambucoQuipapá
1%
ParanáRamilândia
1%
ParanáRancho Alegre
1%
ParanáRancho Alegre d'Oeste
1%
Minas GeraisRaul Soares
1%
TocantinsRecursolândia
1%
Rio Grande do SulRedentora
1%
ParaíbaRemígio
1%
ParanáRenascença
1%
CearáReriutaba
1%
Minas GeraisResende Costa
1%
ParanáReserva do Iguaçu
1%
Minas GeraisResplendor
1%
Minas GeraisRessaquinha
1%
SergipeRiachão do Dantas
1%
BahiaRiachão do Jacuípe
1%
PernambucoRiacho das Almas
1%
Bahia | Rio Grande do NorteRiacho de Santana
1%
ParaíbaRiacho dos Cavalos
1%
Minas GeraisRiacho dos Machados
1%
GoiásRialma
1%
GoiásRianápolis
1%
Mato GrossoRibeirão Cascalheira
1%
ParanáRibeirão do Pinhal
1%
São PauloRibeirão do Sul
1%
SergipeRibeirópolis
1%
Espírito SantoRio Bananal
1%
ParanáRio Bom
1%
ParanáRio Bonito do Iguaçu
1%
ParanáRio Branco do Ivaí
1%
Minas GeraisRio Casca
1%
RondôniaRio Crespo
1%
BahiaRio de Contas
1%
Rio Grande do NorteRio do Fogo
1%
Rio Grande do SulRio dos Índios
1%
Minas GeraisRio Manso
1%
ParáRio Maria
1%
Espírito SantoRio Novo do Sul
1%
Minas GeraisRio Pardo de Minas
1%
Minas GeraisRio Piracicaba
1%
BahiaRio Real
1%
Mato Grosso do SulRio Verde de Mato Grosso
1%
Minas GeraisRitápolis
1%
Rio Grande do SulRodeio Bonito
1%
BahiaRodelas
1%
Rio Grande do SulRolador
1%
Rio Grande do SulRondinha
1%
Mato GrossoRondolândia
1%
Rio Grande do SulRoque Gonzales
1%
SergipeRosário do Catete
1%
ParanáRosário do Ivaí
1%
Mato GrossoRosário Oeste
1%
AlagoasRoteiro
1%
Minas GeraisRubim
1%
Bahia | Rio Grande do NorteRuy Barbosa
1%
Minas GeraisSabinópolis
1%
Rio Grande do SulSagrada Família
1%
PernambucoSairé
1%
Rio Grande do SulSaldanha Marinho
1%
Paraíba | PernambucoSalgadinho
1%
PernambucoSaloá
1%
Minas GeraisSalto da Divisa
1%
ParanáSalto do Itararé
1%
Rio Grande do SulSalvador das Missões
1%
GoiásSanclerlândia
1%
São PauloSanta Adélia
1%
São PauloSanta Albertina
1%
GoiásSanta Bárbara de Goiás
1%
Minas GeraisSanta Bárbara do Leste
1%
Minas GeraisSanta Bárbara do Monte Verde
1%
ParáSanta Bárbara do Pará
1%
Rio Grande do SulSanta Bárbara do Sul
1%
Minas GeraisSanta Bárbara do Tugúrio
1%
BahiaSanta Brígida
1%
Mato GrossoSanta Carmem
1%
ParanáSanta Cecília do Pavão
1%
Rio Grande do SulSanta Cecília do Sul
1%
Rio Grande do SulSanta Clara do Sul
1%
PernambucoSanta Cruz da Baixa Verde
1%
São PauloSanta Cruz da Conceição
1%
São PauloSanta Cruz da Esperança
1%
GoiásSanta Cruz de Goiás
1%
ParanáSanta Cruz de Monte Castelo
1%
Minas GeraisSanta Cruz de Salinas
1%
Mato GrossoSanta Cruz do Xingu
1%
São PauloSanta Ernestina
1%
GoiásSanta Fé de Goiás
1%
Minas GeraisSanta Fé de Minas
1%
GoiásSanta Helena de Goiás
1%
ParanáSanta Isabel do Ivaí
1%
ParanáSanta Izabel do Oeste
1%
Espírito SantoSanta Leopoldina
1%
RondôniaSanta Luzia d'Oeste
1%
ParáSanta Luzia do Pará
1%
MaranhãoSanta Luzia do Paruá
1%
ParáSanta Maria das Barreiras
1%
Minas GeraisSanta Maria de Itabira
1%
Espírito SantoSanta Maria de Jetibá
1%
PernambucoSanta Maria do Cambucá
1%
ParáSanta Maria do Pará
1%
Minas GeraisSanta Maria do Salto
1%
Minas GeraisSanta Maria do Suaçuí
1%
Minas GeraisSantana de Pirapama
1%
Minas GeraisSantana do Deserto
1%
AlagoasSantana do Ipanema
1%
ParanáSantana do Itararé
1%
Minas GeraisSantana do Jacaré
1%
AlagoasSantana do Mundaú
1%
Minas GeraisSantana do Paraíso
1%
Minas GeraisSantana do Riacho
1%
MaranhãoSanta Quitéria do Maranhão
1%
ParáSantarém Novo
1%
Minas GeraisSanta Rita de Caldas
1%
Minas GeraisSanta Rita de Ibitipoca
1%
Minas GeraisSanta Rita de Jacutinga
1%
GoiásSanta Rita do Novo Destino
1%
Mato Grosso do SulSanta Rita do Pardo
1%
Mato GrossoSanta Rita do Trivelato
1%
Minas GeraisSanta Rosa da Serra
1%
GoiásSanta Rosa de Goiás
1%
GoiásSanta Tereza de Goiás
1%
ParanáSanta Tereza do Oeste
1%
GoiásSanta Terezinha de Goiás
1%
Mato GrossoSanto Afonso
1%
MaranhãoSanto Amaro do Maranhão
1%
São PauloSanto Antônio da Alegria
1%
GoiásSanto Antônio da Barra
1%
GoiásSanto Antônio de Goiás
1%
Mato GrossoSanto Antônio de Leverger
1%
Minas GeraisSanto Antônio do Amparo
1%
Minas GeraisSanto Antônio do Aventureiro
1%
ParanáSanto Antônio do Caiuá
1%
São PauloSanto Antônio do Jardim
1%
Mato GrossoSanto Antônio do Leste
1%
Rio Grande do SulSanto Antônio do Palma
1%
ParanáSanto Antônio do Paraíso
1%
Minas GeraisSanto Antônio do Retiro
1%
Minas GeraisSanto Antônio do Rio Abaixo
1%
ParáSanto Antônio do Tauá
1%
Rio Grande do SulSanto Expedito do Sul
1%
Minas GeraisSanto Hipólito
1%
PernambucoSão Benedito do Sul
1%
ParaíbaSão Bentinho
1%
Minas GeraisSão Bento Abade
1%
Rio Grande do NorteSão Bento do Norte
1%
ParáSão Caetano de Odivelas
1%
ParanáSão Carlos do Ivaí
1%
ParáSão Domingos do Araguaia
1%
ParáSão Domingos do Capim
1%
Espírito SantoSão Domingos do Norte
1%
Minas GeraisSão Domingos do Prata
1%
Rio Grande do SulSão Domingos do Sul
1%
GoiásSão Francisco de Goiás
1%
Minas GeraisSão Francisco de Sales
1%
BahiaSão Francisco do Conde
1%
Minas GeraisSão Francisco do Glória
1%
RondôniaSão Francisco do Guaporé
1%
Rio Grande do NorteSão Francisco do Oeste
1%
Espírito SantoSão Gabriel da Palha
1%
Minas GeraisSão Gonçalo do Abaeté
1%
Minas GeraisSão Gonçalo do Pará
1%
Minas GeraisSão Gonçalo do Rio Abaixo
1%
Minas GeraisSão Gonçalo do Sapucaí
1%
BahiaSão Gonçalo dos Campos
1%
ParanáSão Jerônimo da Serra
1%
Minas GeraisSão João Batista do Glória
1%
Minas GeraisSão João da Lagoa
1%
GoiásSão João d'Aliança
1%
GoiásSão João da Paraúna
1%
Minas GeraisSão João da Ponte
1%
São PauloSão João das Duas Pontes
1%
PiauíSão João da Serra
1%
Minas GeraisSão João das Missões
1%
Rio Grande do SulSão João da Urtiga
1%
São PauloSão João de Iracema
1%
ParáSão João de Pirabas
1%
ParáSão João do Araguaia
1%
ParanáSão João do Caiuá
1%
ParaíbaSão João do Cariri
1%
ParanáSão João do Ivaí
1%
CearáSão João do Jaguaribe
1%
Minas GeraisSão João do Pacuí
1%
Maranhão | Minas GeraisSão João do Paraíso
1%
São PauloSão João do Pau-d'Alho
1%
PiauíSão João do Piauí
1%
Rio Grande do SulSão João do Polêsine
1%
ParaíbaSão João do Rio do Peixe
1%
MaranhãoSão João dos Patos
1%
Minas GeraisSão João Evangelista
1%
Minas GeraisSão João Nepomuceno
1%
PernambucoSão Joaquim do Monte
1%
ParanáSão Jorge d'Oeste
1%
ParanáSão Jorge do Ivaí
1%
ParanáSão Jorge do Patrocínio
1%
Minas GeraisSão José da Barra
1%
ParanáSão José da Boa Vista
1%
ParanáSão José das Palmeiras
1%
AlagoasSão José da Tapera
1%
Minas GeraisSão José da Varginha
1%
Rio Grande do NorteSão José de Mipibu
1%
ParaíbaSão José de Piranhas
1%
ParaíbaSão José de Princesa
1%
Minas GeraisSão José do Alegre
1%
PernambucoSão José do Belmonte
1%
Espírito SantoSão José do Calçado
1%
Minas GeraisSão José do Goiabal
1%
Rio Grande do SulSão José do Hortêncio
1%
Rio Grande do SulSão José do Inhacorá
1%
Minas GeraisSão José do Jacuri
1%
Rio Grande do SulSão José do Ouro
1%
Mato GrossoSão José dos Quatro Marcos
1%
CearáSão Luís do Curu
1%
AlagoasSão Luís do Quitunde
1%
GoiásSão Luiz do Norte
1%
ParaíbaSão Mamede
1%
MaranhãoSão Mateus do Maranhão
1%
RondôniaSão Miguel do Guaporé
1%
GoiásSão Miguel do Passa Quatro
1%
Rio Grande do NorteSão Paulo do Potengi
1%
Mato GrossoSão Pedro da Cipa
1%
Minas GeraisSão Pedro da União
1%
Rio Grande do SulSão Pedro do Butiá
1%
ParanáSão Pedro do Iguaçu
1%
ParanáSão Pedro do Ivaí
1%
MaranhãoSão Pedro dos Crentes
1%
Minas GeraisSão Pedro dos Ferros
1%
Minas GeraisSão Pedro do Suaçuí
1%
MaranhãoSão Roberto
1%
Espírito SantoSão Roque do Canaã
1%
São PauloSão Sebastião da Grama
1%
Minas GeraisSão Sebastião do Oeste
1%
BahiaSão Sebastião do Passé
1%
AmazonasSão Sebastião do Uatumã
1%
ParaíbaSão Sebastião do Umbuzeiro
1%
Minas GeraisSão Tomás de Aquino
1%
Rio Grande do SulSão Valentim do Sul
1%
TocantinsSão Valério
1%
Rio Grande do SulSão Vendelino
1%
Minas GeraisSão Vicente de Minas
1%
PernambucoSão Vicente Férrer
1%
MaranhãoSão Vicente Ferrer
1%
ParanáSapopema
1%
São PauloSarapuí
1%
São PauloSarutaiá
1%
AlagoasSatuba
1%
MaranhãoSatubinha
1%
ParanáSaudade do Iguaçu
1%
São PauloSebastianópolis do Sul
1%
Rio Grande do SulSeberi
1%
Rio Grande do SulSede Nova
1%
Minas GeraisSem-Peixe
1%
Minas GeraisSenador Amaral
1%
Minas GeraisSenador Firmino
1%
ParáSenador José Porfírio
1%
Rio Grande do SulSenador Salgado Filho
1%
Rio Grande do SulSentinela do Sul
1%
RondôniaSeringueiras
1%
Rio Grande do NorteSerra do Mel
1%
Minas GeraisSerra dos Aimorés
1%
Minas GeraisSerra do Salitre
1%
BahiaSerra Dourada
1%
Minas GeraisSerranópolis de Minas
1%
ParanáSerranópolis do Iguaçu
1%
Minas GeraisSerranos
1%
BahiaSerra Preta
1%
ParaíbaSerraria
1%
BahiaSerrolândia
1%
Rio Grande do SulSertão Santana
1%
Rio Grande do SulSeveriano de Almeida
1%
São PauloSeverínia
1%
Rio Grande do SulSilveira Martins
1%
Minas GeraisSilvianópolis
1%
Minas GeraisSimão Pereira
1%
GoiásSimolândia
1%
Minas GeraisSimonésia
1%
Rio Grande do SulSinimbu
1%
ParanáSiqueira Campos
1%
SergipeSiriri
1%
GoiásSítio d'Abadia
1%
Maranhão | Rio Grande do NorteSítio Novo
1%
Minas GeraisSobrália
1%
CearáSolonópole
1%
Espírito SantoSooretama
1%
ParaíbaSossêgo
1%
TocantinsSucupira
1%
ParanáSulina
1%
ParaíbaSumé
1%
Rio Grande do SulTabaí
1%
São PauloTabapuã
1%
PernambucoTacaimbó
1%
PernambucoTacaratu
1%
Mato Grosso do SulTacuru
1%
São PauloTaguaí
1%
São PauloTaiaçu
1%
Minas GeraisTaiobeiras
1%
São PauloTaiuva
1%
TocantinsTalismã
1%
ParanáTamboara
1%
CearáTamboril
1%
São PauloTapiratiba
1%
Mato GrossoTapurah
1%
Minas GeraisTaquaraçu de Minas
1%
GoiásTaquaral de Goiás
1%
PernambucoTaquaritinga do Norte
1%
São PauloTaquarituba
1%
São PauloTaquarivaí
1%
Rio Grande do SulTaquaruçu do Sul
1%
Mato Grosso do SulTaquarussu
1%
São PauloTarabai
1%
CearáTarrafas
1%
Minas GeraisTarumirim
1%
MaranhãoTasso Fragoso
1%
ParanáTeixeira Soares
1%
RondôniaTeixeirópolis
1%
CearáTejuçuoca
1%
São PauloTejupá
1%
SergipeTelha
1%
Rio Grande do NorteTenente Ananias
1%
ParaíbaTenório
1%
AlagoasTeotônio Vilela
1%
Mato Grosso do SulTerenos
1%
GoiásTeresina de Goiás
1%
GoiásTerezópolis de Goiás
1%
ParáTerra Alta
1%
Mato GrossoTesouro
1%
RondôniaTheobroma
1%
São PauloTimburi
1%
Rio Grande do SulTiradentes do Sul
1%
Minas GeraisTocos do Moji
1%
SergipeTomar do Geru
1%
ParáTomé-Açu
1%
Mato GrossoTorixoréu
1%
São PauloTrabiju
1%
ParáTracuateua
1%
AlagoasTraipu
1%
ParáTrairão
1%
ParanáTrês Barras do Paraná
1%
Rio Grande do SulTrês Palmeiras
1%
GoiásTrês Ranchos
1%
Rio Grande do SulTrindade do Sul
1%
GoiásTrombas
1%
Rio Grande do SulTucunduva
1%
ParanáTuneiras do Oeste
1%
PernambucoTupanatinga
1%
Rio Grande do SulTupanci do Sul
1%
PernambucoTuparetama
1%
ParanáTupãssi
1%
MaranhãoTuriaçu
1%
São PauloTuriúba
1%
CearáTururu
1%
GoiásTurvânia
1%
GoiásTurvelândia
1%
Minas GeraisTurvolândia
1%
MaranhãoTutóia
1%
AmazonasUarini
1%
BahiaUbaitaba
1%
Minas GeraisUbaporanga
1%
São PauloUbarana
1%
BahiaUbatã
1%
GoiásUirapuru
1%
ParaíbaUiraúna
1%
ParáUlianópolis
1%
Rio Grande do NorteUmarizal
1%
SergipeUmbaúba
1%
Minas GeraisUmburatiba
1%
CearáUmirim
1%
Rio Grande do SulUnião da Serra
1%
Minas GeraisUnião de Minas
1%
Mato GrossoUnião do Sul
1%
ParanáUniflor
1%
Rio Grande do SulUnistalda
1%
Rio Grande do NorteUpanema
1%
BahiaUrandi
1%
MaranhãoUrbano Santos
1%
Minas GeraisUruana de Minas
1%
CearáUruburetama
1%
Minas GeraisUrucânia
1%
Minas GeraisUrucuia
1%
AmazonasUrucurituba
1%
CearáUruoca
1%
RondôniaUrupá
1%
GoiásUrutaí
1%
BahiaUtinga
1%
RondôniaVale do Anari
1%
BahiaValente
1%
Rio Grande do SulVanini
1%
Minas GeraisVargem Alegre
1%
Espírito SantoVargem Alta
1%
Minas GeraisVargem Grande do Rio Pardo
1%
Minas GeraisVarjão de Minas
1%
Minas GeraisVárzea da Palma
1%
Minas GeraisVarzelândia
1%
Rio Grande do NorteVenha-Ver
1%
PernambucoVenturosa
1%
ParanáVera Cruz do Oeste
1%
PernambucoVerdejante
1%
Minas GeraisVerdelândia
1%
BahiaVereda
1%
Minas GeraisVeredinha
1%
Minas GeraisVeríssimo
1%
Minas GeraisVermelho Novo
1%
PernambucoVertente do Lério
1%
PernambucoVertentes
1%
Rio Grande do SulVespasiano Corrêa
1%
Rio Grande do SulViadutos
1%
GoiásVianópolis
1%
Rio Grande do SulVicente Dutra
1%
GoiásVicentinópolis
1%
Rio Grande do SulVictor Graeff
1%
Minas GeraisVieiras
1%
ParáVigia
1%
Rio Grande do NorteVila Flor
1%
Rio Grande do SulVila Flores
1%
Rio Grande do SulVila Lângaro
1%
Espírito SantoVila Pavão
1%
GoiásVila Propício
1%
Espírito SantoVila Valério
1%
Minas GeraisVirgem da Lapa
1%
Minas GeraisVirginópolis
1%
Minas GeraisVisconde do Rio Branco
1%
São PauloVista Alegre do Alto
1%
Rio Grande do SulVista Alegre do Prata
1%
Rio Grande do SulVista Gaúcha
1%
Rio Grande do SulVitória das Missões
1%
MaranhãoVitória do Mearim
1%
ParáVitória do Xingu
1%
BahiaWagner
1%
TocantinsWanderlândia
1%
BahiaWanderley
1%
TocantinsXambioá
1%
ParaíbaZabelê
1%
BahiaAdustina
0%
Rio Grande do NorteAfonso Bezerra
0%
PiauíAgricolândia
0%
TocantinsAguiarnópolis
0%
BahiaAiquara
0%
PiauíAlagoinha do Piauí
0%
PiauíAlegrete do Piauí
0%
ParaíbaAlgodão de Jandaíra
0%
TocantinsAliança do Tocantins
0%
BahiaAlmadina
0%
Rio Grande do NorteAlmino Afonso
0%
PiauíAlto Longá
0%
Minas GeraisAlvorada de Minas
0%
Minas GeraisAmparo da Serra
0%
PiauíAngical do Piauí
0%
BahiaAnguera
0%
PiauíAnísio de Abreu
0%
PiauíAntônio Almeida
0%
BahiaAntônio Cardoso
0%
BahiaAntônio Gonçalves
0%
Rio Grande do NorteAntônio Martins
0%
Minas GeraisAntônio Prado de Minas
0%
TocantinsAparecida do Rio Negro
0%
BahiaAporá
0%
BahiaApuarema
0%
TocantinsAragominas
0%
BahiaAramari
0%
TocantinsArapoema
0%
BahiaArataca
0%
BahiaAratuípe
0%
ParaíbaAreia de Baraúnas
0%
Mato GrossoArenápolis
0%
Rio Grande do NorteArez
0%
PiauíAroazes
0%
PiauíAroeiras do Itaim
0%
PiauíAssunção do Piauí
0%
TocantinsAugustinópolis
0%
BahiaAurelino Leal
0%
TocantinsAurora do Tocantins
0%
PiauíAvelino Lopes
0%
TocantinsAxixá do Tocantins
0%
TocantinsBabaçulândia
0%
MaranhãoBacurituba
0%
BahiaBaixa Grande
0%
PiauíBaixa Grande do Ribeiro
0%
TocantinsBandeirantes do Tocantins
0%
BahiaBanzaê
0%
Minas GeraisBarão de Monte Alto
0%
PiauíBarra d'Alcântara
0%
ParaíbaBarra de Santana
0%
BahiaBarra do Mendes
0%
TocantinsBarra do Ouro
0%
Rio Grande do SulBarra do Rio Azul
0%
Minas GeraisBarra Longa
0%
PiauíBarreiras do Piauí
0%
BahiaBarrocas
0%
MaranhãoBela Vista do Maranhão
0%
PiauíBela Vista do Piauí
0%
ParaíbaBelém do Brejo do Cruz
0%
PiauíBelém do Piauí
0%
PiauíBeneditinos
0%
MaranhãoBenedito Leite
0%
Rio Grande do NorteBento Fernandes
0%
Minas GeraisBerilo
0%
Minas GeraisBerizal
0%
ParaíbaBernardino Batista
0%
MaranhãoBernardo do Mearim
0%
TocantinsBernardo Sayão
0%
PiauíBertolínia
0%
PiauíBetânia do Piauí
0%
BahiaBiritinga
0%
ParanáBoa Esperança do Iguaçu
0%
PiauíBoa Hora
0%
Rio Grande do NorteBoa Saúde
0%
MaranhãoBoa Vista do Gurupi
0%
BahiaBoa Vista do Tupim
0%
Minas GeraisBom Jesus da Penha
0%
Mato GrossoBom Jesus do Araguaia
0%
MaranhãoBom Lugar
0%
PiauíBom Princípio do Piauí
0%
PiauíBonfim do Piauí
0%
BahiaBoninal
0%
ParaíbaBonito de Santa Fé
0%
PiauíBoqueirão do Piauí
0%
BahiaBoquira
0%
BahiaBotuporã
0%
TocantinsBrasilândia do Tocantins
0%
Minas GeraisBrás Pires
0%
Minas GeraisBraúnas
0%
TocantinsBrejinho de Nazaré
0%
MaranhãoBrejo de Areia
0%
ParaíbaBrejo do Cruz
0%
PiauíBrejo do Piauí
0%
ParáBrejo Grande do Araguaia
0%
BahiaBrejolândia
0%
BahiaBuerarema
0%
PiauíBuriti dos Montes
0%
TocantinsBuriti do Tocantins
0%
BahiaBuritirama
0%
MaranhãoBuritirana
0%
BahiaCaatiba
0%
BahiaCabaceiras do Paraguaçu
0%
PiauíCabeceiras do Piauí
0%
ParaíbaCacimba de Areia
0%
BahiaCaetanos
0%
Rio Grande do NorteCaiçara do Norte
0%
Rio Grande do NorteCaiçara do Rio do Vento
0%
PiauíCajazeiras do Piauí
0%
ParaíbaCajazeirinhas
0%
BahiaCaldeirão Grande
0%
PiauíCaldeirão Grande do Piauí
0%
MaranhãoCampestre do Maranhão
0%
PiauíCampinas do Piauí
0%
PiauíCampo Alegre do Fidalgo
0%
PiauíCampo Grande do Piauí
0%
PiauíCampo Largo do Piauí
0%
Rio Grande do NorteCampo Redondo
0%
Rio Grande do SulCampos Borges
0%
TocantinsCampos Lindos
0%
BahiaCandiba
0%
MaranhãoCândido Mendes
0%
BahiaCansanção
0%
MaranhãoCantanhede
0%
PiauíCanto do Buriti
0%
Rio Grande do SulCanudos do Vale
0%
BahiaCapela do Alto Alegre
0%
Minas GeraisCapela Nova
0%
MaranhãoCapinzal do Norte
0%
Minas GeraisCapitão Andrade
0%
PiauíCapitão de Campos
0%
PiauíCapitão Gervásio Oliveira
0%
Minas GeraisCaputira
0%
Minas GeraisCaranaíba
0%
PiauíCaraúbas do Piauí
0%
BahiaCardeal da Silva
0%
PiauíCaridade do Piauí
0%
TocantinsCariri do Tocantins
0%
Minas GeraisCarmésia
0%
TocantinsCarmolândia
0%
Rio Grande do NorteCarnaúba dos Dantas
0%
Rio Grande do NorteCarnaubais
0%
TocantinsCarrasco Bonito
0%
TocantinsCaseara
0%
ParaíbaCasserengue
0%
BahiaCatolândia
0%
BahiaCaturama
0%
ParaíbaCaturité
0%
PiauíCaxingó
0%
TocantinsChapada da Natividade
0%
TocantinsChapada de Areia
0%
BahiaChorrochó
0%
MaranhãoCidelândia
0%
Minas GeraisCipotânea
0%
Minas GeraisClaro dos Poções
0%
PiauíCocal de Telha
0%
PiauíCocal dos Alves
0%
PiauíCoivaras
0%
PiauíColônia do Gurgueia
0%
PiauíColônia do Piauí
0%
Minas GeraisConceição da Barra de Minas
0%
BahiaConceição da Feira
0%
Minas GeraisConceição das Pedras
0%
BahiaConceição do Almeida
0%
PiauíConceição do Canindé
0%
MaranhãoConceição do Lago-Açu
0%
TocantinsConceição do Tocantins
0%
BahiaCondeúba
0%
Minas GeraisCônego Marinho
0%
Mato GrossoConquista d'Oeste
0%
BahiaContendas do Sincorá
0%
Rio Grande do SulCoqueiro Baixo
0%
BahiaCoração de Maria
0%
Minas GeraisCordislândia
0%
Minas GeraisCoroaci
0%
Rio Grande do NorteCoronel Ezequiel
0%
Rio Grande do NorteCoronel João Pessoa
0%
BahiaCoronel João Sá
0%
PiauíCoronel José Dias
0%
Minas GeraisCórrego do Bom Jesus
0%
Minas GeraisCouto de Magalhães de Minas
0%
TocantinsCouto Magalhães
0%
BahiaCravolândia
0%
Minas GeraisCrisólita
0%
BahiaCrisópolis
0%
PiauíCristalândia do Piauí
0%
Minas GeraisCristiano Otoni
0%
PiauíCristino Castro
0%
TocantinsCrixás do Tocantins
0%
Rio Grande do NorteCruzeta
0%
ParaíbaCubati
0%
ParaíbaCuité de Mamanguape
0%
ParaíbaCuitegi
0%
PiauíCurimatá
0%
ParaíbaCurral de Cima
0%
Minas GeraisCurral de Dentro
0%
PiauíCurralinhos
0%
PiauíCurral Novo do Piauí
0%
Mato GrossoCurvelândia
0%
TocantinsDarcinópolis
0%
BahiaDário Meira
0%
PiauíDemerval Lobão
0%
Minas GeraisDesterro de Entre Rios
0%
Minas GeraisDesterro do Melo
0%
Rio Grande do SulDezesseis de Novembro
0%
Minas GeraisDiogo de Vasconcelos
0%
PiauíDirceu Arcoverde
0%
TocantinsDivinópolis do Tocantins
0%
Minas GeraisDivisa Nova
0%
Minas GeraisDivisópolis
0%
TocantinsDois Irmãos do Tocantins
0%
BahiaDom Basílio
0%
PiauíDom Expedito Lopes
0%
PiauíDomingos Mourão
0%
PiauíDom Inocêncio
0%
BahiaDom Macedo Costa
0%
Minas GeraisDores do Turvo
0%
Minas GeraisDoresópolis
0%
Rio Grande do NorteDoutor Severiano
0%
ParaíbaDuas Estradas
0%
TocantinsDueré
0%
Minas GeraisDurandé
0%
PiauíElesbão Veloso
0%
PiauíEliseu Martins
0%
BahiaElísio Medrado
0%
Rio Grande do NorteEncanto
0%
Minas GeraisEngenheiro Caldas
0%
Minas GeraisEntre Folhas
0%
Minas GeraisEntre Rios de Minas
0%
BahiaÉrico Cardoso
0%
Minas GeraisEspírito Santo do Dourado
0%
Rio Grande do SulEugênio de Castro
0%
Minas GeraisEugenópolis
0%
Minas GeraisFaria Lemos
0%
PiauíFartura do Piauí
0%
MaranhãoFeira Nova do Maranhão
0%
Minas GeraisFelício dos Santos
0%
Rio Grande do NorteFelipe Guerra
0%
Minas GeraisFernandes Tourinho
0%
Rio Grande do NorteFernando Pedroza
0%
Minas GeraisFervedouro
0%
Mato GrossoFigueirópolis d'Oeste
0%
BahiaFirmino Alves
0%
PiauíFloresta do Piauí
0%
MaranhãoFormosa da Serra Negra
0%
Rio Grande do SulFortaleza dos Valos
0%
PiauíFrancinópolis
0%
PiauíFrancisco Ayres
0%
Rio Grande do NorteFrancisco Dantas
0%
PiauíFrancisco Macedo
0%
PiauíFrancisco Santos
0%
ParaíbaFrei Martinho
0%
Minas GeraisFronteira dos Vales
0%
PiauíFronteiras
0%
Rio Grande do NorteFrutuoso Gomes
0%
PiauíGeminiano
0%
BahiaGentio do Ouro
0%
Minas GeraisGlaucilândia
0%
Mato GrossoGlória d'Oeste
0%
MaranhãoGodofredo Viana
0%
TocantinsGoianorte
0%
MaranhãoGovernador Archer
0%
MaranhãoGovernador Eugênio Barros
0%
MaranhãoGovernador Luiz Rocha
0%
BahiaGovernador Mangabeira
0%
MaranhãoGovernador Nunes Freire
0%
MaranhãoGraça Aranha
0%
BahiaGuajeru
0%
PiauíGuaribas
0%
Minas GeraisGuidoval
0%
Minas GeraisGuiricema
0%
ParaíbaGurinhém
0%
PiauíHugo Napoleão
0%
Rio Grande do SulIbarama
0%
Minas GeraisIbertioga
0%
ParaíbaIbiara
0%
BahiaIbicaraí
0%
BahiaIbicoara
0%
CearáIbicuitinga
0%
BahiaIbipeba
0%
BahiaIbipitanga
0%
BahiaIbiquera
0%
Minas GeraisIbiracatu
0%
Minas GeraisIbiraci
0%
PernambucoIbirajuba
0%
BahiaIbirapitanga
0%
BahiaIbirapuã
0%
BahiaIbirataia
0%
BahiaIbitiara
0%
BahiaIbititá
0%
Minas GeraisIbituruna
0%
Minas GeraisIcaraí de Minas
0%
Rio Grande do NorteIelmo Marinho
0%
BahiaIgaporã
0%
ParaíbaIgaracy
0%
MaranhãoIgarapé do Meio
0%
MaranhãoIgarapé Grande
0%
BahiaIgrapiúna
0%
AlagoasIgreja Nova
0%
Minas GeraisIjaci
0%
Minas GeraisImbé de Minas
0%
Minas GeraisIndaiabira
0%
Mato GrossoIndiavaí
0%
Minas GeraisIngaí
0%
Rio Grande do SulInhacorá
0%
BahiaInhambupe
0%
Minas GeraisInimutaba
0%
Minas GeraisIpaba
0%
Rio Grande do NorteIpanguaçu
0%
BahiaIpecaetá
0%
PiauíIpiranga do Piauí
0%
BahiaIpupiara
0%
BahiaIrajuba
0%
BahiaIramaia
0%
BahiaIraquara
0%
PiauíIsaías Coelho
0%
Minas GeraisItabirinha
0%
TocantinsItacajá
0%
Minas GeraisItacambira
0%
BahiaItagibá
0%
BahiaItagimirim
0%
BahiaItaguaçu da Bahia
0%
TocantinsItaguatins
0%
PiauíItainópolis
0%
MaranhãoItaipava do Grajaú
0%
BahiaItaju do Colônia
0%
Minas GeraisItamarati de Minas
0%
BahiaItamari
0%
Minas GeraisItambé do Mato Dentro
0%
BahiaItanagra
0%
Minas GeraisItanhomi
0%
BahiaItapebi
0%
TocantinsItapiratins
0%
BahiaItapitanga
0%
TocantinsItaporã do Tocantins
0%
ParaíbaItapororoca
0%
Rio Grande do SulItapuca
0%
BahiaItarantim
0%
Rio Grande do SulItatiba do Sul
0%
BahiaItatim
0%
PiauíItaueira
0%
Minas GeraisItaverava
0%
BahiaItiruçu
0%
BahiaItiúba
0%
Minas GeraisItueta
0%
Minas GeraisItumirim
0%
BahiaJacaraci
0%
ParaíbaJacaraú
0%
PiauíJacobina do Piauí
0%
BahiaJaguarari
0%
BahiaJaguaripe
0%
PiauíJaicós
0%
Bahia | Rio Grande do NorteJandaíra
0%
Rio Grande do NorteJanduís
0%
Minas GeraisJaparaíba
0%
AlagoasJaramataia
0%
Rio Grande do NorteJardim de Angicos
0%
Rio Grande do NorteJardim de Piranhas
0%
PiauíJardim do Mulato
0%
PiauíJatobá do Piauí
0%
TocantinsJaú do Tocantins
0%
Minas GeraisJeceaba
0%
Minas GeraisJenipapo de Minas
0%
MaranhãoJenipapo dos Vieiras
0%
Minas GeraisJequeri
0%
AlagoasJequiá da Praia
0%
Minas GeraisJequitaí
0%
PiauíJerumenha
0%
Minas GeraisJesuânia
0%
BahiaJiquiriçá
0%
BahiaJitaúna
0%
PiauíJoão Costa
0%
Rio Grande do NorteJoão Dias
0%
BahiaJoão Dourado
0%
MaranhãoJoão Lisboa
0%
Minas GeraisJoaquim Felício
0%
PiauíJoaquim Pires
0%
ParaíbaJoca Claudino
0%
PiauíJoca Marques
0%
Rio Grande do NorteJosé da Penha
0%
PiauíJosé de Freitas
0%
Minas GeraisJosé Gonçalves de Minas
0%
ParaíbaJuarez Távora
0%
TocantinsJuarina
0%
PiauíJuazeiro do Piauí
0%
BahiaJucuruçu
0%
PiauíJúlio Borges
0%
MaranhãoJunco do Maranhão
0%
ParaíbaJuripiranga
0%
BahiaJussari
0%
BahiaJussiape
0%
BahiaLafaiete Coutinho
0%
PiauíLagoa Alegre
0%
AlagoasLagoa da Canoa
0%
Rio Grande do NorteLagoa d'Anta
0%
Rio Grande do NorteLagoa de Pedras
0%
PiauíLagoa de São Francisco
0%
Rio Grande do NorteLagoa de Velhos
0%
PiauíLagoa do Barro do Piauí
0%
PiauíLagoa do Piauí
0%
PiauíLagoa do Sítio
0%
TocantinsLagoa do Tocantins
0%
MaranhãoLagoa Grande do Maranhão
0%
BahiaLagoa Real
0%
Rio Grande do NorteLagoa Salgada
0%
MaranhãoLago do Junco
0%
MaranhãoLago dos Rodrigues
0%
PiauíLagoinha do Piauí
0%
MaranhãoLajeado Novo
0%
BahiaLajedinho
0%
BahiaLajedo do Tabocal
0%
Rio Grande do NorteLajes Pintadas
0%
BahiaLamarão
0%
Mato GrossoLambari d'Oeste
0%
Minas GeraisLamim
0%
PiauíLandri Sales
0%
ParaíbaLastro
0%
TocantinsLavandeira
0%
Minas GeraisLeme do Prado
0%
BahiaLicínio de Almeida
0%
ParáLimoeiro do Ajuru
0%
TocantinsLizarda
0%
ParaíbaLogradouro
0%
Rio Grande do NorteLucrécia
0%
Minas GeraisLuisburgo
0%
MaranhãoLuís Domingues
0%
Rio Grande do NorteLuís Gomes
0%
TocantinsLuzinópolis
0%
BahiaMacajuba
0%
BahiaMacarani
0%
BahiaMacururé
0%
ParaíbaMãe d'Água
0%
BahiaMaetinga
0%
MaranhãoMagalhães de Almeida
0%
BahiaMaiquinique
0%
AlagoasMajor Izidoro
0%
Rio Grande do NorteMajor Sales
0%
BahiaMalhada de Pedras
0%
PiauíManoel Emídio
0%
Rio Grande do NorteMarcelino Vieira
0%
BahiaMarcionílio Souza
0%
PiauíMarcos Parente
0%
TocantinsMarianópolis do Tocantins
0%
ParaíbaMarizópolis
0%
Rio Grande do SulMarques de Souza
0%
Minas GeraisMartins Soares
0%
BahiaMascote
0%
PiauíMassapê do Piauí
0%
Minas GeraisMaterlândia
0%
Minas GeraisMathias Lobato
0%
PiauíMatias Olímpio
0%
BahiaMatina
0%
ParaíbaMatinhas
0%
ParaíbaMatureia
0%
TocantinsMaurilândia do Tocantins
0%
BahiaMedeiros Neto
0%
Minas GeraisMendes Pimentel
0%
Rio Grande do NorteMessias Targino
0%
PiauíMiguel Alves
0%
BahiaMiguel Calmon
0%
PiauíMiguel Leão
0%
MaranhãoMilagres do Maranhão
0%
PiauíMilton Brandão
0%
Rio Grande do SulMiraguaí
0%
BahiaMirangaba
0%
RondôniaMirante da Serra
0%
Minas GeraisMiravânia
0%
MaranhãoMirinzal
0%
ParáMocajuba
0%
ParaíbaMogeiro
0%
MaranhãoMonção
0%
PiauíMonsenhor Gil
0%
PiauíMonsenhor Hipólito
0%
ParaíbaMontadas
0%
Rio Grande do SulMontauri
0%
PiauíMonte Alegre do Piauí
0%
Rio Grande do NorteMonte das Gameleiras
0%
TocantinsMonte do Carmo
0%
Minas GeraisMonte Formoso
0%
AlagoasMonteirópolis
0%
TocantinsMonte Santo do Tocantins
0%
BahiaMorpará
0%
PiauíMorro Cabeça no Tempo
0%
PiauíMorro do Chapéu do Piauí
0%
BahiaMortugaba
0%
Rio Grande do SulMuliterno
0%
BahiaMulungu do Morro
0%
BahiaMuniz Ferreira
0%
BahiaMuquém do São Francisco
0%
PiauíMurici dos Portelas
0%
TocantinsMuricilândia
0%
BahiaMutuípe
0%
Minas GeraisNacip Raydan
0%
ParaíbaNatuba
0%
PiauíNazaré do Piauí
0%
ParaíbaNazarezinho
0%
PiauíNazária
0%
MaranhãoNina Rodrigues
0%
BahiaNordestina
0%
Mato GrossoNortelândia
0%
PiauíNossa Senhora de Nazaré
0%
PiauíNossa Senhora dos Remédios
0%
Mato GrossoNova Bandeirantes
0%
RondôniaNova Brasilândia d'Oeste
0%
Mato GrossoNova Canaã do Norte
0%
MaranhãoNova Colinas
0%
ParáNova Esperança do Piriá
0%
Mato GrossoNova Guarita
0%
BahiaNova Ibiá
0%
BahiaNova Itarana
0%
Mato GrossoNova Marilândia
0%
MaranhãoNova Olinda do Maranhão
0%
ParaíbaNova Palmeira
0%
Rio Grande do SulNova Ramada
0%
BahiaNova Redenção
0%
TocantinsNova Rosalândia
0%
BahiaNova Soure
0%
ParáNova Timboteua
0%
TocantinsNovo Acordo
0%
TocantinsNovo Alegre
0%
Rio Grande do SulNovo Barreiro
0%
Mato GrossoNovo Horizonte do Norte
0%
RondôniaNovo Horizonte do Oeste
0%
TocantinsNovo Jardim
0%
Rio Grande do SulNovo Machado
0%
Minas GeraisNovo Oriente de Minas
0%
PiauíNovo Oriente do Piauí
0%
Mato Grosso | PiauíNovo Santo Antônio
0%
Mato GrossoNovo São Joaquim
0%
MaranhãoOlho d'Água das Cunhãs
0%
Rio Grande do NorteOlho-d'Água do Borges
0%
AlagoasOlho d'Água do Casado
0%
PiauíOlho d'Água do Piauí
0%
AlagoasOlho d'Água Grande
0%
Minas GeraisOlímpio Noronha
0%
MaranhãoOlinda Nova do Maranhão
0%
BahiaOlindina
0%
ParaíbaOlivedos
0%
TocantinsOliveira de Fátima
0%
BahiaOliveira dos Brejinhos
0%
Minas GeraisOliveira Fortes
0%
Minas GeraisOratórios
0%
BahiaOuriçangas
0%
Minas GeraisOuro Verde de Minas
0%
Minas GeraisPadre Carvalho
0%
PiauíPadre Marcos
0%
PiauíPaes Landim
0%
PiauíPajeú do Piauí
0%
BahiaPalmas de Monte Alto
0%
PiauíPalmeira do Piauí
0%
PiauíPalmeirais
0%
MaranhãoPalmeirândia
0%
TocantinsPalmeirante
0%
TocantinsPalmeiras do Tocantins
0%
TocantinsPalmeirópolis
0%
Minas GeraisPalmópolis
0%
ParaíbaParari
0%
BahiaParipiranga
0%
PiauíParnaguá
0%
Minas GeraisPassabém
0%
Minas GeraisPatis
0%
PiauíPatos do Piauí
0%
Minas GeraisPatrocínio do Muriaé
0%
PiauíPau d'Arco do Piauí
0%
Minas GeraisPaula Cândido
0%
Minas GeraisPaulistas
0%
Rio Grande do SulPaulo Bento
0%
AlagoasPaulo Jacinto
0%
MaranhãoPaulo Ramos
0%
PiauíPavussu
0%
BahiaPé de Serra
0%
Minas GeraisPedra do Anta
0%
Minas GeraisPedra Dourada
0%
ParaíbaPedra Lavrada
0%
BahiaPedrão
0%
BahiaPedro Alexandre
0%
Rio Grande do NortePedro Avelino
0%
MaranhãoPedro do Rosário
0%
PiauíPedro Laurentino
0%
ParaíbaPedro Régis
0%
Minas GeraisPedro Teixeira
0%
Rio Grande do NortePedro Velho
0%
Rio Grande do NortePendências
0%
MaranhãoPeri Mirim
0%
Minas GeraisPiedade de Ponte Nova
0%
Minas GeraisPiedade do Rio Grande
0%
ParaíbaPilõezinhos
0%
MaranhãoPindaré-Mirim
0%
BahiaPindobaçu
0%
TocantinsPindorama do Tocantins
0%
Minas GeraisPingo-d'Água
0%
Rio Grande do SulPinheirinho do Vale
0%
BahiaPintadas
0%
BahiaPiraí do Norte
0%
MaranhãoPirapemas
0%
TocantinsPiraquê
0%
BahiaPiritiba
0%
ParaíbaPirpirituba
0%
Mato GrossoPlanalto da Serra
0%
MaranhãoPoção de Pedras
0%
Rio Grande do NortePoço Branco
0%
ParaíbaPoço Dantas
0%
AlagoasPoço das Trincheiras
0%
ParaíbaPoço de José de Moura
0%
Mato GrossoPontal do Araguaia
0%
TocantinsPonte Alta do Bom Jesus
0%
TocantinsPonte Alta do Tocantins
0%
Minas GeraisPonto dos Volantes
0%
BahiaPonto Novo
0%
PiauíPorto Alegre do Piauí
0%
TocantinsPorto Alegre do Tocantins
0%
Rio Grande do NortePorto do Mangue
0%
Minas GeraisPorto Firme
0%
MaranhãoPorto Rico do Maranhão
0%
Rio Grande do SulPorto Vera Cruz
0%
BahiaPotiraguá
0%
TocantinsPraia Norte
0%
PiauíPrata do Piauí
0%
RondôniaPrimavera de Rondônia
0%
Rio Grande do SulPutinga
0%
ParaíbaPuxinanã
0%
PiauíQueimada Nova
0%
Minas GeraisQueluzito
0%
BahiaQuijingue
0%
BahiaQuixabeira
0%
Rio Grande do NorteRafael Fernandes
0%
Rio Grande do NorteRafael Godeiro
0%
BahiaRafael Jambeiro
0%
PiauíRedenção do Gurgueia
0%
Minas GeraisReduto
0%
PiauíRegeneração
0%
Rio Grande do SulRelvado
0%
Mato GrossoReserva do Cabaçal
0%
BahiaRetirolândia
0%
BahiaRiachão das Neves
0%
ParaíbaRiachão do Bacamarte
0%
ParaíbaRiachão do Poço
0%
Rio Grande do NorteRiacho da Cruz
0%
ParaíbaRiacho de Santo Antônio
0%
PiauíRiacho Frio
0%
MaranhãoRibamar Fiquene
0%
BahiaRibeira do Amparo
0%
PiauíRibeira do Piauí
0%
BahiaRibeirão do Largo
0%
Mato GrossoRibeirãozinho
0%
PiauíRibeiro Gonçalves
0%
TocantinsRio da Conceição
0%
BahiaRio do Antônio
0%
BahiaRio do Pires
0%
Minas GeraisRio do Prado
0%
TocantinsRio dos Bois
0%
Minas GeraisRio Espera
0%
PiauíRio Grande do Piauí
0%
TocantinsRio Sono
0%
Minas GeraisRochedo de Minas
0%
Minas GeraisRodeiro
0%
Rio Grande do NorteRodolfo Fernandes
0%
Minas GeraisRosário da Limeira
0%
Minas GeraisRubelita
0%
ParaíbaSalgado de São Félix
0%
BahiaSalinas da Margarida
0%
Mato GrossoSalto do Céu
0%
MaranhãoSambaíba
0%
TocantinsSandolândia
0%
BahiaSanta Cruz da Vitória
0%
ParáSanta Cruz do Arari
0%
Minas GeraisSanta Cruz do Escalvado
0%
PiauíSanta Cruz do Piauí
0%
PiauíSanta Cruz dos Milagres
0%
Minas GeraisSanta Efigênia de Minas
0%
TocantinsSanta Fé do Araguaia
0%
MaranhãoSanta Filomena do Maranhão
0%
Minas GeraisSanta Helena de Minas
0%
SergipeSanta Luzia do Itanhy
0%
AlagoasSanta Luzia do Norte
0%
TocantinsSanta Maria do Tocantins
0%
Minas GeraisSantana da Vargem
0%
Minas GeraisSantana de Cataguases
0%
ParaíbaSantana de Mangueira
0%
Minas GeraisSantana do Garambéu
0%
Minas GeraisSantana do Manhuaçu
0%
MaranhãoSantana do Maranhão
0%
Rio Grande do NorteSantana do Matos
0%
PiauíSantana do Piauí
0%
SergipeSantana do São Francisco
0%
Rio Grande do NorteSantana do Seridó
0%
ParaíbaSantana dos Garrotes
0%
Minas GeraisSantana dos Montes
0%
BahiaSantanópolis
0%
Minas GeraisSanta Rita de Minas
0%
Minas GeraisSanta Rita do Itueto
0%
TocantinsSanta Rita do Tocantins
0%
PiauíSanta Rosa do Piauí
0%
TocantinsSanta Rosa do Tocantins
0%
TocantinsSanta Tereza do Tocantins
0%
TocantinsSanta Terezinha do Tocantins
0%
SergipeSanto Amaro das Brotas
0%
PiauíSanto Antônio de Lisboa
0%
Minas GeraisSanto Antônio do Grama
0%
Minas GeraisSanto Antônio do Itambé
0%
Minas GeraisSanto Antônio do Jacinto
0%
Rio Grande do SulSanto Antônio do Planalto
0%
MaranhãoSanto Antônio dos Lopes
0%
PiauíSanto Antônio dos Milagres
0%
PiauíSanto Inácio do Piauí
0%
MaranhãoSão Benedito do Rio Preto
0%
TocantinsSão Bento do Tocantins
0%
Rio Grande do NorteSão Bento do Trairi
0%
Minas GeraisSão Brás do Suaçuí
0%
PiauíSão Braz do Piauí
0%
Minas GeraisSão Domingos das Dores
0%
MaranhãoSão Domingos do Azeitão
0%
ParaíbaSão Domingos do Cariri
0%
MaranhãoSão Domingos do Maranhão
0%
RondôniaSão Felipe d'Oeste
0%
MaranhãoSão Félix de Balsas
0%
Minas GeraisSão Félix de Minas
0%
BahiaSão Félix do Coribe
0%
PiauíSão Félix do Piauí
0%
TocantinsSão Félix do Tocantins
0%
PiauíSão Francisco de Assis do Piauí
0%
MaranhãoSão Francisco do Brejão
0%
MaranhãoSão Francisco do Maranhão
0%
ParáSão Francisco do Pará
0%
PiauíSão Francisco do Piauí
0%
Minas GeraisSão Geraldo da Piedade
0%
ParáSão Geraldo do Araguaia
0%
Minas GeraisSão Geraldo do Baixio
0%
PiauíSão Gonçalo do Gurgueia
0%
PiauíSão Gonçalo do Piauí
0%
Minas GeraisSão Gonçalo do Rio Preto
0%
PiauíSão João da Canabrava
0%
PiauíSão João da Fronteira
0%
ParáSão João da Ponta
0%
PiauíSão João da Varjota
0%
PiauíSão João do Arraial
0%
MaranhãoSão João do Caru
0%
Minas GeraisSão João do Manhuaçu
0%
Minas GeraisSão João do Manteninha
0%
Minas GeraisSão João do Oriente
0%
Rio Grande do NorteSão João do Sabugi
0%
MaranhãoSão João do Soter
0%
ParaíbaSão João do Tigre
0%
ParaíbaSão José da Lagoa Tapada
0%
AlagoasSão José da Laje
0%
Minas GeraisSão José da Safira
0%
BahiaSão José da Vitória
0%
ParaíbaSão José de Caiana
0%
ParaíbaSão José de Espinharas
0%
ParaíbaSão José do Bonfim
0%
ParaíbaSão José do Brejo do Cruz
0%
Rio Grande do NorteSão José do Campestre
0%
Minas Gerais | PiauíSão José do Divino
0%
Rio Grande do SulSão José do Herval
0%
BahiaSão José do Jacuípe
0%
Minas GeraisSão José do Mantimento
0%
PiauíSão José do Peixe
0%
PiauíSão José do Piauí
0%
Mato GrossoSão José do Povo
0%
ParaíbaSão José do Sabugi
0%
MaranhãoSão José dos Basílios
0%
ParaíbaSão José dos Cordeiros
0%
Rio Grande do NorteSão José do Seridó
0%
ParaíbaSão José dos Ramos
0%
PiauíSão Julião
0%
PiauíSão Lourenço do Piauí
0%
PiauíSão Luís do Piauí
0%
MaranhãoSão Luís Gonzaga do Maranhão
0%
ParanáSão Manoel do Paraná
0%
PiauíSão Miguel da Baixa Grande
0%
BahiaSão Miguel das Matas
0%
ParaíbaSão Miguel de Taipu
0%
SergipeSão Miguel do Aleixo
0%
Minas GeraisSão Miguel do Anta
0%
PiauíSão Miguel do Fidalgo
0%
PiauíSão Miguel do Tapuio
0%
TocantinsSão Miguel do Tocantins
0%
MaranhãoSão Pedro da Água Branca
0%
ParanáSão Pedro do Paraná
0%
PiauíSão Pedro do Piauí
0%
MaranhãoSão Raimundo das Mangabeiras
0%
MaranhãoSão Raimundo do Doca Bezerra
0%
TocantinsSão Salvador do Tocantins
0%
ParanáSão Sebastião da Amoreira
0%
Minas GeraisSão Sebastião da Bela Vista
0%
ParáSão Sebastião da Boa Vista
0%
Minas GeraisSão Sebastião da Vargem Alegre
0%
ParaíbaSão Sebastião de Lagoa de Roça
0%
Minas GeraisSão Sebastião do Anta
0%
Minas GeraisSão Sebastião do Maranhão
0%
Minas GeraisSão Sebastião do Rio Preto
0%
Minas GeraisSão Sebastião do Rio Verde
0%
TocantinsSão Sebastião do Tocantins
0%
Rio Grande do SulSão Valério do Sul
0%
ParaíbaSão Vicente do Seridó
0%
BahiaSapeaçu
0%
Minas GeraisSardoá
0%
BahiaSátiro Dias
0%
BahiaSaubara
0%
PiauíSebastião Barros
0%
BahiaSebastião Laranjeiras
0%
PiauíSebastião Leal
0%
MaranhãoSenador Alexandre Costa
0%
Minas GeraisSenador Cortes
0%
Rio Grande do NorteSenador Elói de Souza
0%
Rio Grande do NorteSenador Georgino Avelino
0%
Minas GeraisSenador José Bento
0%
MaranhãoSenador La Rocque
0%
Minas GeraisSenador Modestino Gonçalves
0%
AlagoasSenador Rui Palmeira
0%
Minas GeraisSenhora de Oliveira
0%
Minas GeraisSenhora do Porto
0%
Minas GeraisSenhora dos Remédios
0%
Minas GeraisSericita
0%
Minas GeraisSeritinga
0%
Minas GeraisSerra Azul de Minas
0%
Rio Grande do NorteSerra Caiada
0%
ParaíbaSerra da Raiz
0%
Rio Grande do NorteSerra de São Bento
0%
BahiaSerra do Ramalho
0%
Rio Grande do NorteSerra Negra do Norte
0%
MaranhãoSerrano do Maranhão
0%
Mato GrossoSerra Nova Dourada
0%
ParaíbaSerra Redonda
0%
Rio Grande do NorteSerrinha dos Pintos
0%
Minas GeraisSetubinha
0%
Rio Grande do NorteSeveriano Melo
0%
PiauíSigefredo Pacheco
0%
TocantinsSilvanópolis
0%
Minas GeraisSilveirânia
0%
PiauíSimplício Mendes
0%
BahiaSítio do Mato
0%
BahiaSítio do Quinto
0%
TocantinsSítio Novo do Tocantins
0%
PiauíSocorro do Piauí
0%
ParaíbaSolânea
0%
Minas GeraisSoledade de Minas
0%
BahiaSouto Soares
0%
MaranhãoSucupira do Norte
0%
MaranhãoSucupira do Riachão
0%
PiauíSussuapara
0%
Mato GrossoTabaporã
0%
TocantinsTabocão
0%
BahiaTabocas do Brejo Velho
0%
Rio Grande do NorteTaboleiro Grande
0%
ParaíbaTacima
0%
TocantinsTaipas do Tocantins
0%
Rio Grande do NorteTaipu
0%
PiauíTamboril do Piauí
0%
BahiaTanhaçu
0%
AlagoasTanque d'Arca
0%
PiauíTanque do Piauí
0%
BahiaTanque Novo
0%
BahiaTanquinho
0%
Minas GeraisTaparuba
0%
BahiaTapiramutá
0%
AlagoasTaquarana
0%
Rio Grande do NorteTenente Laurentino Cruz
0%
BahiaTeofilândia
0%
BahiaTeolândia
0%
Mato GrossoTerra Nova do Norte
0%
Rio Grande do NorteTimbaúba dos Batistas
0%
MaranhãoTimbiras
0%
TocantinsTocantínia
0%
BahiaTremedal
0%
Rio Grande do NorteTriunfo Potiguar
0%
MaranhãoTrizidela do Vale
0%
MaranhãoTufilândia
0%
Minas GeraisTumiritinga
0%
TocantinsTupirama
0%
TocantinsTupiratins
0%
MaranhãoTurilândia
0%
BahiaUbaíra
0%
Rio Grande do SulUbiretama
0%
BahiaUibaí
0%
BahiaUmburanas
0%
BahiaUruçuca
0%
Mato GrossoVale de São Domingos
0%
RondôniaVale do Paraíso
0%
PiauíValença do Piauí
0%
PiauíVárzea Branca
0%
BahiaVárzea da Roça
0%
BahiaVárzea do Poço
0%
BahiaVárzea Nova
0%
BahiaVarzedo
0%
PiauíVera Mendes
0%
ParaíbaVieirópolis
0%
PiauíVila Nova do Piauí
0%
MaranhãoVila Nova dos Martírios
0%
Minas GeraisVirgolândia
0%
ParaíbaVista Serrana
0%
MaranhãoVitorino Freire
0%
PiauíWall Ferraz
0%
BahiaWenceslau Guimarães
0%

Distribuição das Pontuações

Percentil de Números Respondidos

Porcentagem de Pessoas com Cada Pontuação

Sua Pontuação Histórica

Você não jogou esse quiz